{"text_format":"3","workbook":"xlsx","n_sheets":1,"sheets":["PRESUPUESTO USHAY"],"not_rendered":{"images":1,"external_links":17,"defined_names":415,"comments":1},"read":"whole","date_system":"1900"}

{"sheet":"PRESUPUESTO USHAY","index":0,"n_rows":1061,"n_cols":7,"rows_kept":1061,"merged":[[1,0,4,0],[1,1,1,6],[5,1,5,4],[6,1,6,6]]}
[]
[null,"PRESUPUESTO DE OBRA"]
[]
[]
[]
[{"$nulls":5},"TOTAL:",{"v":14324282.529998388,"d":"$14,324,282.53000"}]
[null,"DETALLE OBRA"]
[null,"NUMERO","DESCRIPCION DEL RUBRO","UNIDAD","CANTIDAD","PRECIO UNITARIO","SUBTOTAL"]
[null,1,"REPLANTEO Y TRAZADO","m2",{"v":12950,"d":"12,950.00000"},{"v":0.98,"d":"$0.98000"},{"v":12691,"d":"$12,691.00000"}]
[null,2,"DESBROCE Y LIMPIEZA DEL TERRENO (INCLUYE DESALOJO)","m2",{"v":12950,"d":"12,950.00000"},{"v":4.07,"d":"$4.07000"},{"v":52706.50000000001,"d":"$52,706.50000"}]
[null,3,"CERRAMIENTO PROVISIONAL DE LONA BRANDEADA H=3m","m",{"v":340,"d":"340.00000"},{"v":58.06,"d":"$58.06000"},{"v":19740.4,"d":"$19,740.40000"}]
[null,4,"LETRERO INFORMATIVO DE OBRA 3,00x2.50m (INCLUYE ESTRUCTURA METALICA Y LONA REFLECTIVA)","u",{"v":2,"d":"2.00000"},{"v":1376.58,"d":"$1,376.58000"},{"v":2753.16,"d":"$2,753.16000"}]
[null,5,"BODEGA PROVISIONAL","m2",{"v":18,"d":"18.00000"},{"v":67.84,"d":"$67.84000"},{"v":1221.1200000000001,"d":"$1,221.12000"}]
[null,6,"EXCAVACION MECANICA EN SUELO SIN CLASIFICAR 0,00 < H < 2,00m","m3",{"v":2496,"d":"2,496.00000"},{"v":3.84,"d":"$3.84000"},{"v":9584.64,"d":"$9,584.64000"}]
[null,7,"DESALOJO DEL MATERIAL SOBRANTE (BOTADERO MUNICIPAL)","m3",{"v":2496,"d":"2,496.00000"},{"v":3.5,"d":"$3.50000"},{"v":8736,"d":"$8,736.00000"}]
[null,8,"RELLENO COMPACTADO CON RODILLO DE MATERIAL IMPORTADO (INCLUYE TRANSPORTE)","m3",{"v":60,"d":"60.00000"},{"v":16.84,"d":"$16.84000"},{"v":1010.4,"d":"$1,010.40000"}]
[null,9,"SUMINISTRO DE PILOTES F´C=350 Kg/cm2 DE 40x40 L=25.0m","u",{"v":155,"d":"155.00000"},{"v":2940,"d":"$2,940.00000"},{"v":455700,"d":"$455,700.00000"}]
[null,10,"SUMINISTRO DE PILOTES F´C=350 Kg/cm2 DE 40x40 L=21.0m","u",{"v":244,"d":"244.00000"},{"v":2469.6,"d":"$2,469.60000"},{"v":602582.4,"d":"$602,582.40000"}]
[null,11,"SUMINISTRO DE PILOTES F´C=350 Kg/cm2 DE 40x40 L=17.0m","u",{"v":25,"d":"25.00000"},{"v":1999.2,"d":"$1,999.20000"},{"v":49980,"d":"$49,980.00000"}]
[null,12,"SUMINISTRO DE PILOTES F´C=350 Kg/cm2 DE 40x40 L=13.0m","u",{"v":56,"d":"56.00000"},{"v":1528.8,"d":"$1,528.80000"},{"v":85612.8,"d":"$85,612.80000"}]
[null,13,"SUMINISTRO DE PILOTES F´C=350 Kg/cm2 DE 45x45 L=25.0m","u",{"v":32,"d":"32.00000"},{"v":3266.66,"d":"$3,266.66000"},{"v":104533.12,"d":"$104,533.12000"}]
[null,14,"HINCADO Y TRANSPORTE DE PILOTES PREFABRICADOS DE HORMIGON EN TIERRA","m",{"v":8500,"d":"8,500.00000"},{"v":47.14,"d":"$47.14000"},{"v":400690,"d":"$400,690.00000"}]
[null,15,"HINCADO Y TRANSPORTE DE PILOTES PREFABRICADOS DE HORMIGON EN AGUA","m",{"v":1250,"d":"1,250.00000"},{"v":148.42,"d":"$148.42000"},{"v":185524.99999999997,"d":"$185,525.00000"}]
[null,16,"PRUEBAS DE CARGA DINAMICAS PDA EN PILOTES (PILE DYNAMIC ANALYSIS), SEGUN ASTM D4945-97 (STANDARD TEST METHOD FOR HIGH STRAIN DYNAMIC TESTING OF PILES) D=0.60m","u",{"v":77,"d":"77.00000"},{"v":3840,"d":"$3,840.00000"},{"v":295680,"d":"$295,680.00000"}]
[null,17,"DESCABEZADO DE PILOTE EN AGUA","u",{"v":63,"d":"63.00000"},{"v":243.47,"d":"$243.47000"},{"v":15338.61,"d":"$15,338.61000"}]
[null,18,"DESCABEZADO DE PILOTE EN TIERRA","u",{"v":449,"d":"449.00000"},{"v":90.32,"d":"$90.32000"},{"v":40553.68,"d":"$40,553.68000"}]
[null,19,"PRUEBAS DE CARGA DINAMICAS PDA EN PILOTES (PILE DYNAMIC ANALYSIS), SEGUN ASTM D4945-97 (STANDARD TEST METHOD FOR HIGH STRAIN DYNAMIC TESTING OF PILES) D=0.60m","u",{"v":20,"d":"20.00000"},{"v":3840,"d":"$3,840.00000"},{"v":76800,"d":"$76,800.00000"}]
[null,20,"PILOTE TUBULAR METALICO HINCADO D=0.60m, PERFORADO EN AGUA","m",{"v":3480,"d":"3,480.00000"},{"v":984.43,"d":"$984.43000"},{"v":3425816.4,"d":"$3,425,816.40000"}]
[null,21,"PILOTE TUBULAR METALICO HINCADO D=0.60m, PERFORADO EN TIERRA","m",{"v":521,"d":"521.00000"},{"v":823.34,"d":"$823.34000"},{"v":428960.14,"d":"$428,960.14000"}]
[null,22,"ACERO DE REFUERZO EN BARRAS FY=4200 Kg/cm2","Kg",{"v":9300,"d":"9,300.00000"},{"v":2.32,"d":"$2.32000"},{"v":21576,"d":"$21,576.00000"}]
[null,23,"HORMIGON PREMEZCLADO BOMBEABLE AUTOCOMPACTANTE F´C=350 Kg/cm2 CON INHIBIDOR DE CORROSION DE ALTA RESISTENCIA INICIAL EN PILOTES","m3",{"v":35.9,"d":"35.90000"},{"v":309.03,"d":"$309.03000"},{"v":11094.176999999998,"d":"$11,094.17700"}]
[null,24,"ACERO DE REFUERZO EN BARRAS FY=4200 Kg/cm2","Kg",{"v":30941.70862,"d":"30,941.70862"},{"v":2.32,"d":"$2.32000"},{"v":71784.7639984,"d":"$71,784.76400"}]
[null,25,"HORMIGON ESTRUCTURAL/CEMENTO PORTLAND CL.-A; F'C=350 Kg/cm2 (INCLUYE CURADO)","m3",{"v":435,"d":"435.00000"},{"v":238,"d":"$238.00000"},{"v":103530,"d":"$103,530.00000"}]
[null,26,"SUMINISTRO DE VIGAS T, SEGUN DISEÑO","m",{"v":600,"d":"600.00000"},{"v":141.11,"d":"$141.11000"},{"v":84666.00000000001,"d":"$84,666.00000"}]
[null,27,"SUMINISTRO DE VIGAS DOBLE T, ANCHO= 1,40m A 1,70m","m",{"v":600,"d":"600.00000"},{"v":130.66,"d":"$130.66000"},{"v":78396,"d":"$78,396.00000"}]
[null,28,"SUMINISTRO DE VIGAS DOBLE T TIPOX, ANCHO= 1,71m A 2,11m","m",{"v":1900,"d":"1,900.00000"},{"v":146.65,"d":"$146.65000"},{"v":278635,"d":"$278,635.00000"}]
[null,29,"COLOCACION Y TRANSPORTE DE VIGAS T - VIGA DOBLE T - VIGA L","m",{"v":3900,"d":"3,900.00000"},{"v":56.66,"d":"$56.66000"},{"v":220974,"d":"$220,974.00000"}]
[null,30,"SUMINISTRO DE VIGAS L, SEGUN DISEÑO","m",{"v":800,"d":"800.00000"},{"v":173.44,"d":"$173.44000"},{"v":138752,"d":"$138,752.00000"}]
[null,31,"SUMINISTRO DE VIGA RECTANGULAR 250 X 470","m",{"v":1300,"d":"1,300.00000"},{"v":130.84,"d":"$130.84000"},{"v":170092,"d":"$170,092.00000"}]
[null,32,"COLOCACION Y TRANSPORTE DE VIGA RECTANGULAR 250 X 470","m",{"v":1384,"d":"1,384.00000"},{"v":67.99,"d":"$67.99000"},{"v":94098.15999999999,"d":"$94,098.16000"}]
[null,33,"SUMINISTRO DE VIGA R19R","m",{"v":431,"d":"431.00000"},{"v":77.95,"d":"$77.95000"},{"v":33596.450000000004,"d":"$33,596.45000"}]
[null,34,"COLOCACION Y TRANSPORTE DE VIGAS R19R","m",{"v":431,"d":"431.00000"},{"v":43.76,"d":"$43.76000"},{"v":18860.559999999998,"d":"$18,860.56000"}]
[null,35,"SUMINISTRO DE VIGA R14R","m",{"v":316,"d":"316.00000"},{"v":21.16,"d":"$21.16000"},{"v":6686.56,"d":"$6,686.56000"}]
[null,36,"COLOCACION Y TRANSPORTE DE VIGA R14R","m",{"v":316,"d":"316.00000"},{"v":42.57,"d":"$42.57000"},{"v":13452.12,"d":"$13,452.12000"}]
[null,37,"SUMINISTRO E INSTALACION DE JUNTAS ELASTOMERICAS DE DILATACION, DE ACUERDO A ESPECIFICACIONES TECNICAS.","m",{"v":198,"d":"198.00000"},{"v":588.36,"d":"$588.36000"},{"v":116495.28,"d":"$116,495.28000"}]
[null,38,"HORMIGON ESTRUCTURAL/CEMENTO PORTLAND CL.-A; F'C=350 Kg/cm2 (INCLUYE CURADO)","m3",{"v":560,"d":"560.00000"},{"v":238,"d":"$238.00000"},{"v":133280,"d":"$133,280.00000"}]
[null,39,"ACERO DE REFUERZO EN BARRAS FY=4200 Kg/cm2","Kg",{"v":72054.22,"d":"72,054.22000"},{"v":2.32,"d":"$2.32000"},{"v":167165.7904,"d":"$167,165.79040"}]
[null,40,"HORMIGON PREMEZCLADO F´C=180 Kg/cm2PARA REPLANTILLO INCLUYE ENCOFRADO","m3",{"v":30,"d":"30.00000"},{"v":210.36,"d":"$210.36000"},{"v":6310.8,"d":"$6,310.80000"}]
[null,41,"MALLA ELECTROSOLDADA 15x15 - 5,5mm","m2",{"v":239.7,"d":"239.70000"},{"v":6.03,"d":"$6.03000"},{"v":1445.391,"d":"$1,445.39100"}]
[null,42,"SUMINISTRO Y FABRICACION DE ELEMENTOS DE ACERO ESTRUCTURAL ASTM A-588","Kg",{"v":54691,"d":"54,691.00000"},{"v":2.89,"d":"$2.89000"},{"v":158056.99000000002,"d":"$158,056.99000"}]
[null,43,"MONTAJE DE ELEMENTOS DE ACERO ESTRUCTURAL ASTM A-588","Kg",{"v":54691,"d":"54,691.00000"},{"v":0.56,"d":"$0.56000"},{"v":30626.960000000003,"d":"$30,626.96000"}]
[null,44,"SUMINISTRO E INSTALACION DE CORNAMUSAS GALVANIZADAS","u",{"v":18,"d":"18.00000"},{"v":545.71,"d":"$545.71000"},{"v":9822.78,"d":"$9,822.78000"}]
[null,45,"SUMINISTRO E INSTALACION DE DECK DE MADERA PLASTICA PARA PISO","m2",{"v":280.74,"d":"280.74000"},{"v":175.14,"d":"$175.14000"},{"v":49168.8036,"d":"$49,168.80360"}]
[null,46,"SUMINISTRO E INSTALACION DE PORCELANATO 18.5X150X9mm","m2",{"v":2250,"d":"2,250.00000"},{"v":65.58,"d":"$65.58000"},{"v":147555,"d":"$147,555.00000"}]
[null,47,"SUMINISTRO E INSTALACION DE BARANDA METALICA (INCLUYE PINTURA)","m",{"v":854,"d":"854.00000"},{"v":116.74,"d":"$116.74000"},{"v":99695.95999999999,"d":"$99,695.96000"}]
[null,48,"ACERO ESTRUCTURAL (A36)","Kg",{"v":2382.69,"d":"2,382.69000"},{"v":6.04,"d":"$6.04000"},{"v":14391.4476,"d":"$14,391.44760"}]
[null,49,"ACERO DE REFUERZO EN BARRAS FY=4200 Kg/cm2","Kg",{"v":205.3,"d":"205.30000"},{"v":2.32,"d":"$2.32000"},{"v":476.296,"d":"$476.29600"}]
[null,50,"HORMIGON ESTRUCTURAL/CEMENTO PORTLAND CL.-A; F'C=350 Kg/cm2 (INCLUYE CURADO)","m3",{"v":0.56,"d":"0.56000"},{"v":238,"d":"$238.00000"},{"v":133.28,"d":"$133.28000"}]
[null,51,"ROTURA Y DESALOJO DE HORMIGON","m3",{"v":5.6,"d":"5.60000"},{"v":14.33,"d":"$14.33000"},{"v":80.24799999999999,"d":"$80.24800"}]
[null,52,"RELLENO COMPACTADO CON RODILLO DE MATERIAL IMPORTADO (INCLUYE TRANSPORTE)","m3",{"v":230,"d":"230.00000"},{"v":16.84,"d":"$16.84000"},{"v":3873.2,"d":"$3,873.20000"}]
[null,53,"SUMINISTRO E INSTALACION DE MATERIAL SUB-BASE CLASE 1A (INCLUYE TENDIDO CONFORMACION, COMPACTACION Y TRANSPORTE)","m3",{"v":247.5,"d":"247.50000"},{"v":19.99,"d":"$19.99000"},{"v":4947.525,"d":"$4,947.52500"}]
[null,54,"SUMINISTRO E INSTALACION DE MATERIAL BASE CLASE 1A (INCLUYE TENDIDO, CONFORMACION, COMPACTACION Y TRANSPORTE)","m3",{"v":115.5,"d":"115.50000"},{"v":30.49,"d":"$30.49000"},{"v":3521.595,"d":"$3,521.59500"}]
[null,55,"HORMIGON PAVIMENTADO 4.5 MPA PARA CALLES (INCLUIDO CURADO Y JUNTAS)","m3",{"v":210,"d":"210.00000"},{"v":302.06,"d":"$302.06000"},{"v":63432.6,"d":"$63,432.60000"}]
[null,56,"BORDILLO CUNETA F´C= 210 Kg/cm2","m",{"v":660,"d":"660.00000"},{"v":32.29,"d":"$32.29000"},{"v":21311.399999999998,"d":"$21,311.40000"}]
[null,57,"ACERA F´C=210 Kg/cm2, E=10cm","m2",{"v":1184.42,"d":"1,184.42000"},{"v":23.48,"d":"$23.48000"},{"v":27810.181600000004,"d":"$27,810.18160"}]
[null,58,"HORMIGON PREMEZCLADO F'C=210 Kg/cm2 PARA RAMPAS (INCLUYE ENCOFRADO)","m3",{"v":7.4,"d":"7.40000"},{"v":255.47,"d":"$255.47000"},{"v":1890.478,"d":"$1,890.47800"}]
[null,59,"SUMINISTRO E INSTALACION DE TACHAS RETROREFLECTIVAS","u",{"v":882,"d":"882.00000"},{"v":9.63,"d":"$9.63000"},{"v":8493.66,"d":"$8,493.66000"}]
[null,60,"SUMINISTRO E INSTALACION DE DELINEADOR VERTICAL","u",{"v":660,"d":"660.00000"},{"v":32.5,"d":"$32.50000"},{"v":21450,"d":"$21,450.00000"}]
[null,61,"SEÑALIZACION HORIZONTAL CON PINTURA TERMOPLASTICA E=2.3mm, LINEAS DE A=15cm (INCLUYE MICROESFERA)","m",{"v":1320,"d":"1,320.00000"},{"v":6.81,"d":"$6.81000"},{"v":8989.199999999999,"d":"$8,989.20000"}]
[null,62,"DEMARCACION VIAL CON PINTURA TERMOPLASTICA ALTO TRAFICO (INCLUYE MICROESFERA)","m2",{"v":10.4,"d":"10.40000"},{"v":65.81,"d":"$65.81000"},{"v":684.4240000000001,"d":"$684.42400"}]
[null,63,"ACERO DE REFUERZO EN BARRAS FY=4200 Kg/cm2","Kg",{"v":11768.36,"d":"11,768.36000"},{"v":2.32,"d":"$2.32000"},{"v":27302.5952,"d":"$27,302.59520"}]
[null,64,"HORMIGON ESTRUCTURAL/CEMENTO PORTLAND CL.-A; F'C=350 Kg/cm2 (INCLUYE CURADO)","m3",{"v":35,"d":"35.00000"},{"v":238,"d":"$238.00000"},{"v":8330,"d":"$8,330.00000"}]
[null,65,"SUMINISTRO E INSTALACION DE BARANDA METALICA (INCLUYE PINTURA)","m",{"v":130.68,"d":"130.68000"},{"v":116.74,"d":"$116.74000"},{"v":15255.583200000001,"d":"$15,255.58320"}]
[null,66,"CERRAMIENTO PERIMETRAL TUBULAR DE ACERO GALVANIZADO SEGUN DISEÑO, H=2m","m",{"v":330,"d":"330.00000"},{"v":254.63,"d":"$254.63000"},{"v":84027.9,"d":"$84,027.90000"}]
[null,67,"LETRAS CORPOREAS AUTOILUMINADAS \"MALECON AURORA\" SOBRE PILARES DE INGRESO PRINCIPAL","u",{"v":1,"d":"1.00000"},{"v":3399.22,"d":"$3,399.22000"},{"v":3399.22,"d":"$3,399.22000"}]
[null,68,"PUERTA DE INGRESO DESLIZABLE P1 (10.00X2.00)m","u",{"v":1,"d":"1.00000"},{"v":2899.87,"d":"$2,899.87000"},{"v":2899.87,"d":"$2,899.87000"}]
[null,69,"PUERTA DE INGRESO ABATIBLE P2 (10.00X2.00) m","u",{"v":1,"d":"1.00000"},{"v":2868.48,"d":"$2,868.48000"},{"v":2868.48,"d":"$2,868.48000"}]
[null,70,"PUERTA DE INGRESO ABATIBLE P3 (4.00X2.00) m","u",{"v":1,"d":"1.00000"},{"v":1392.1,"d":"$1,392.10000"},{"v":1392.1,"d":"$1,392.10000"}]
[null,71,"SEÑALIZACION HORIZONTAL CON PINTURA TERMOPLASTICA E=2.3mm, LINEAS DE A=15cm (INCLUYE MICROESFERA)","m",{"v":4896,"d":"4,896.00000"},{"v":6.81,"d":"$6.81000"},{"v":33341.759999999995,"d":"$33,341.76000"}]
[null,72,"DEMARCACION VIAL CON PINTURA TERMOPLASTICA ALTO TRAFICO (INCLUYE MICROESFERA)","m2",{"v":810.72,"d":"810.72000"},{"v":65.81,"d":"$65.81000"},{"v":53353.4832,"d":"$53,353.48320"}]
[null,73,"SUMINISTRO E INSTALACION DE SEÑALETICA VERTICAL \"LIMITE DE VELOCIDAD\"","u",{"v":23,"d":"23.00000"},{"v":286.64,"d":"$286.64000"},{"v":6592.719999999999,"d":"$6,592.72000"}]
[null,74,"SUMINISTRO E INSTALACION DE SEÑALETICA VERTICAL \"NO DETENER/NO ESTACIONAR\"","u",{"v":4,"d":"4.00000"},{"v":286.55,"d":"$286.55000"},{"v":1146.2,"d":"$1,146.20000"}]
[null,75,"SUMINISTRO E INSTALACION DE SEÑALETICA VERTICAL \"PEATON\"","u",{"v":21,"d":"21.00000"},{"v":286.53,"d":"$286.53000"},{"v":6017.129999999999,"d":"$6,017.13000"}]
[null,76,"SUMINISTRO E INSTALACION DE SEÑALETICA VERTICAL \"PARE\"","u",{"v":20,"d":"20.00000"},{"v":286.5,"d":"$286.50000"},{"v":5730,"d":"$5,730.00000"}]
[null,77,"SUMINISTRO E INSTALACION DE SEÑALETICA VERTICAL DE SENTIDO VIAL","u",{"v":35,"d":"35.00000"},{"v":286.49,"d":"$286.49000"},{"v":10027.15,"d":"$10,027.15000"}]
[null,78,"SUMINISTRO E INSTALACION DE SEÑALETICA VERTICAL \"BIFURCACION IZQUIERDA\"","u",{"v":2,"d":"2.00000"},{"v":286.6,"d":"$286.60000"},{"v":573.2,"d":"$573.20000"}]
[null,79,"SUMINISTRO E INSTALACION DE SEÑALETICA VERTICAL \"CICLISTAS EN LA VIA\"","u",{"v":2,"d":"2.00000"},{"v":286.61,"d":"$286.61000"},{"v":573.22,"d":"$573.22000"}]
[null,80,"SUMINISTRO E INSTALACION DE SEÑALETICA VERTICAL \"GIRO EN U\"","u",{"v":4,"d":"4.00000"},{"v":286.63,"d":"$286.63000"},{"v":1146.52,"d":"$1,146.52000"}]
[null,81,"SUMINISTRO E INSTALACION DE SEÑALETICA VERTICAL \"APROXIMACION A REDONDEL\"","u",{"v":1,"d":"1.00000"},{"v":286.64,"d":"$286.64000"},{"v":286.64,"d":"$286.64000"}]
[null,82,"SUMINISTRO E INSTALACION DE SEÑALETICA VERTICAL \"ESTACIONAMIENTO RESERVADO PARA DISCAPACITADOS\"","u",{"v":4,"d":"4.00000"},{"v":286.66,"d":"$286.66000"},{"v":1146.64,"d":"$1,146.64000"}]
[null,83,"TIERRA: SUMINISTRO, COLOCACION , TENDIDO Y NIVELACION","m3",{"v":1030.5,"d":"1,030.50000"},{"v":19.92,"d":"$19.92000"},{"v":20527.56,"d":"$20,527.56000"}]
[null,84,"ARBOL DE LEUCAENA/LEUCAENA TRICHODES:  H= 2m; SUMINISTRO, SIEMBRA, ABONADO Y TUTORADO","u",{"v":15,"d":"15.00000"},{"v":43.77,"d":"$43.77000"},{"v":656.5500000000001,"d":"$656.55000"}]
[null,85,"ARBOL DE GUAYACAN NEGRO/TABEBUIA CHRYSANTHA:  H= 2m; SUMINISTRO, SIEMBRA, ABONADO Y TUTORADO","u",{"v":4,"d":"4.00000"},{"v":43.98,"d":"$43.98000"},{"v":175.92,"d":"$175.92000"}]
[null,86,"ARBOL DE ROBLE/TABEBUIA ROSEA:  H= 2m; SUMINISTRO, SIEMBRA, ABONADO Y TUTORADO","u",{"v":5,"d":"5.00000"},{"v":43.78,"d":"$43.78000"},{"v":218.9,"d":"$218.90000"}]
[null,87,"ARBOL DE AMARILLO/CENTROLOBIUM OCHROXYLUM: H= 2m; SUMINISTRO, SIEMBRA, ABONADO Y TUTORADO","u",{"v":49,"d":"49.00000"},{"v":43.93,"d":"$43.93000"},{"v":2152.57,"d":"$2,152.57000"}]
[null,88,"ARBOL DE FERNAN SANCHEZ/TRIPLARIS CUMINGIANA: H= 2m; SUMINISTRO, SIEMBRA, ABONADO Y TUTORADO","u",{"v":58,"d":"58.00000"},{"v":43.9,"d":"$43.90000"},{"v":2546.2,"d":"$2,546.20000"}]
[null,89,"ARBOL DE SAMANCILLO/ALBIZIA PISTACIFOLIA: H= 2m; SUMINISTRO, SIEMBRA, ABONADO Y TUTORADO","u",{"v":8,"d":"8.00000"},{"v":43.76,"d":"$43.76000"},{"v":350.08,"d":"$350.08000"}]
[null,90,"PLANTA ORNAMENTAL FITONIA/FITTONIA ALBIVENSIS: H= 0,15m; SUMINISTRO, SIEMBRA Y ABONADO","u",{"v":2543,"d":"2,543.00000"},{"v":1.99,"d":"$1.99000"},{"v":5060.57,"d":"$5,060.57000"}]
[null,91,"PLANTA ORNAMENTAL AJUGA/AJUGA REPTANS PURPUREA: H= 0,20m; SUMINISTRO, SIEMBRA Y ABONADO","u",{"v":4754,"d":"4,754.00000"},{"v":1.98,"d":"$1.98000"},{"v":9412.92,"d":"$9,412.92000"}]
[null,92,"PLANTA CESPED SAN AGUSTIN/STENOTAPHRUM SECUNDATUM: U=m2; SUMINISTRO, TENDIDO DE ARENA Y SIEMBRA","m2",{"v":742.77,"d":"742.77000"},{"v":7.18,"d":"$7.18000"},{"v":5333.0886,"d":"$5,333.08860"}]
[null,93,"PLANTA ORNAMENTAL MONEDITA/SOLEIROLIA SOLEIROLII: H=0,10m; SUMINISTRO, SIEMBRA Y ABONADO","u",{"v":3967,"d":"3,967.00000"},{"v":2,"d":"$2.00000"},{"v":7934,"d":"$7,934.00000"}]
[null,94,"PLANTA ORNAMENTAL PLANTA DEL DINERO/PLECTRANTHRUS AUSTRALIS: H=0,15m; SUMINISTRO, SIEMBRA Y ABONADO","u",{"v":2680,"d":"2,680.00000"},{"v":2.01,"d":"$2.01000"},{"v":5386.799999999999,"d":"$5,386.80000"}]
[null,95,"PLANTA ORNAMENTAL PILEA/PILEA CARDIEREI: H= 0,20m; SUMINISTRO, SIEMBRA Y ABONADO","u",{"v":2756,"d":"2,756.00000"},{"v":2.66,"d":"$2.66000"},{"v":7330.96,"d":"$7,330.96000"}]
[null,96,"PLANTA ORNAMENTAL PILEA/PILEA PEPEROMIOIDES: H=0,20m; SUMINISTRO, SIEMBRA Y ABONADO","u",{"v":2445,"d":"2,445.00000"},{"v":3.07,"d":"$3.07000"},{"v":7506.15,"d":"$7,506.15000"}]
[null,97,"PLANTA ORNAMENTAL TREBOL MORADO/OXALIS REGNELLI ATROPURPUREA: H=0,30m; SUMINISTRO, SIEMBRA Y ABONADO","u",{"v":795,"d":"795.00000"},{"v":2.47,"d":"$2.47000"},{"v":1963.65,"d":"$1,963.65000"}]
[null,98,"PLANTA ORNAMENTAL CEBOLLIN/THULBALGIA VIOLACEA:  H=0,40m; SUMINISTRO, SIEMBRA Y ABONADO","u",{"v":2766,"d":"2,766.00000"},{"v":2.11,"d":"$2.11000"},{"v":5836.259999999999,"d":"$5,836.26000"}]
[null,99,"PLANTA ORNAMENTAL ROELIA/RUELLIA BRITTONIANA: H= 0,80m; SUMINISTRO, SIEMBRA Y ABONADO","u",{"v":3057,"d":"3,057.00000"},{"v":1.99,"d":"$1.99000"},{"v":6083.43,"d":"$6,083.43000"}]
[null,100,"PLANTA ORNAMENTAL AMANCAY/CRINUM XANTHOPHYLLUM: H= 0,70m; SUMINISTRO, SIEMBRA Y ABONADO","u",{"v":96,"d":"96.00000"},{"v":2.47,"d":"$2.47000"},{"v":237.12,"d":"$237.12000"}]
[null,101,"PLANTA ORNAMENTAL LIRIO ARAÑA/HYMENOCALLIS LITTORALIS: H=0,30m; SUMINISTRO, SIEMBRA Y ABONADO","u",{"v":202,"d":"202.00000"},{"v":2.77,"d":"$2.77000"},{"v":559.54,"d":"$559.54000"}]
[null,102,"PLANTA ORNAMENTAL LLUVIA DE FUEGO/RUSSELIA EQUISETIFORMIS: H=1,00m; SUMINISTRO, SIEMBRA Y ABONADO","u",{"v":1425,"d":"1,425.00000"},{"v":2.64,"d":"$2.64000"},{"v":3762,"d":"$3,762.00000"}]
[null,103,"PLANTA ORNAMENTAL HELICONIA/HELICONIA ROSTRATA: H=1,00m; SUMINISTRO, SIEMBRA Y ABONADO","u",{"v":804,"d":"804.00000"},{"v":2.51,"d":"$2.51000"},{"v":2018.0399999999997,"d":"$2,018.04000"}]
[null,104,"PLANTA ORNAMENTAL BROMELIA GIGANTE/TILLANDSIA CLAVIGERA: H=0,70m; SUMINISTRO, SIEMBRA Y ABONADO","u",{"v":219,"d":"219.00000"},{"v":19.27,"d":"$19.27000"},{"v":4220.13,"d":"$4,220.13000"}]
[null,105,"PLANTA ORNAMENTAL BROMELIA ROJA/GUZMANIA SP.: H=0,25m; SUMINISTRO, SIEMBRA Y ABONADO","u",{"v":424,"d":"424.00000"},{"v":3.07,"d":"$3.07000"},{"v":1301.6799999999998,"d":"$1,301.68000"}]
[null,106,"PLANTA ORNAMENTAL PALMA RAFIS/RAPHIS EXCELSA: H=1,70m; SUMINISTRO, SIEMBRA Y ABONADO","u",{"v":59,"d":"59.00000"},{"v":13.27,"d":"$13.27000"},{"v":782.93,"d":"$782.93000"}]
[null,107,"PLANTA ORNAMENTAL BIJAO/CALATHEA LUTEA: H=0,80m; SUMINISTRO, SIEMBRA Y ABONADO","u",{"v":21,"d":"21.00000"},{"v":7.27,"d":"$7.27000"},{"v":152.67,"d":"$152.67000"}]
[null,108,"APLICACION DE BIOESTIMULANTES Y FERTILIZANTES: SUMINISTRO Y APLICACION DE PRODUCTOS FOLIARES","m2",{"v":3798,"d":"3,798.00000"},{"v":0.02,"d":"$0.02000"},{"v":75.96000000000001,"d":"$75.96000"}]
[null,109,"ARENA GRUESA: SUMINISTRO, COLOCACION Y NIVELACION","m3",{"v":53,"d":"53.00000"},{"v":26.28,"d":"$26.28000"},{"v":1392.8400000000001,"d":"$1,392.84000"}]
[null,110,"SUMINISTRO E INSTALACION DE JARDIN VERTICAL","m2",{"v":50,"d":"50.00000"},{"v":197.81,"d":"$197.81000"},{"v":9890.5,"d":"$9,890.50000"}]
[null,111,"SUMINISTRO E INSTALACION DE CUBIERTA VERDE","m2",{"v":247.6,"d":"247.60000"},{"v":186.42,"d":"$186.42000"},{"v":46157.592,"d":"$46,157.59200"}]
[null,112,"PORCELANATO GRIS/ANTRACITA/ARENA 30x60 cm","m2",{"v":1580,"d":"1,580.00000"},{"v":42.87,"d":"$42.87000"},{"v":67734.59999999999,"d":"$67,734.60000"}]
[null,113,"PORCELANATO GRIS/ANTRACITA/ARENA 60x120 cm","m2",{"v":2000,"d":"2,000.00000"},{"v":57.41,"d":"$57.41000"},{"v":114820,"d":"$114,820.00000"}]
[null,114,"SUMINISTRO E INSTALACION DE PORCELANATO 18.5x150x9mm","m2",{"v":1956.2,"d":"1,956.20000"},{"v":65.58,"d":"$65.58000"},{"v":128287.596,"d":"$128,287.59600"}]
[null,115,"SUMINISTRO E INSTALACION DE PIEDRA MARTELINADA 30x30cm E=6mm","m2",{"v":792,"d":"792.00000"},{"v":69.87,"d":"$69.87000"},{"v":55337.04,"d":"$55,337.04000"}]
[null,116,"SUMINISTRO E INSTALACION DE DECK DE MADERA PLASTICA PARA PISO","m2",{"v":280,"d":"280.00000"},{"v":175.14,"d":"$175.14000"},{"v":49039.2,"d":"$49,039.20000"}]
[null,117,"ACERO DE REFUERZO EN BARRAS FY=4200 Kg/cm2","Kg",{"v":380.83,"d":"380.83000"},{"v":2.32,"d":"$2.32000"},{"v":883.5255999999999,"d":"$883.52560"}]
[null,118,"HORMIGON PREMEZCLADO F´C=280 Kg/cm2 INCLUYE ENCOFRADO","m3",{"v":3.55,"d":"3.55000"},{"v":362.88,"d":"$362.88000"},{"v":1288.224,"d":"$1,288.22400"}]
[null,119,"HORMIGON PREMEZCLADO F'C=180 Kg/cm2 PARA REPLANTILLO INCLUYE ENCOFRADO","m3",{"v":0.28,"d":"0.28000"},{"v":201.04,"d":"$201.04000"},{"v":56.2912,"d":"$56.29120"}]
[null,120,"ACERO ESTRUCTURAL (A36)","Kg",{"v":543.73,"d":"543.73000"},{"v":6.04,"d":"$6.04000"},{"v":3284.1292000000003,"d":"$3,284.12920"}]
[null,121,"PERNO ASTM A325 EN PLACA BASE D=1/2\" L=30cm","u",{"v":36,"d":"36.00000"},{"v":9.79,"d":"$9.79000"},{"v":352.43999999999994,"d":"$352.44000"}]
[null,122,"ESCULTURA METALICA EN ACERO INOXIDABLE H=8.5m","u",{"v":1,"d":"1.00000"},{"v":4526.74,"d":"$4,526.74000"},{"v":4526.74,"d":"$4,526.74000"}]
[null,123,"LETRAS CORPOREAS AUTOILUMINADAS \"MALECON AURORA\" SOBRE TOTEM DE INGRESO","u",{"v":1,"d":"1.00000"},{"v":4479.22,"d":"$4,479.22000"},{"v":4479.22,"d":"$4,479.22000"}]
[null,124,"STENOTAPHRUM SECUNDATUM (CESPED SAN AGUSTIN)","m2",{"v":5,"d":"5.00000"},{"v":6.82,"d":"$6.82000"},{"v":34.1,"d":"$34.10000"}]
[null,125,"SUMINISTRO E INSTALACION DE JARDIN VERTICAL","m2",{"v":35,"d":"35.00000"},{"v":197.81,"d":"$197.81000"},{"v":6923.35,"d":"$6,923.35000"}]
[null,126,"PLANCHA DE ACERO INOXIDABLE E=4mm","m2",{"v":18.68,"d":"18.68000"},{"v":243.19,"d":"$243.19000"},{"v":4542.7892,"d":"$4,542.78920"}]
[null,127,"SUMINISTRO E INSTALACION DE PIEDRA ANDESITA BUSARDEADA GRIS 30x30x3cm","m2",{"v":32.82,"d":"32.82000"},{"v":64.5,"d":"$64.50000"},{"v":2116.89,"d":"$2,116.89000"}]
[null,128,"SUMINISTRO Y COLOCACION DE BANCA CIRCULAR DE HORMIGON SEGUN DISEÑO","u",{"v":15,"d":"15.00000"},{"v":1320.02,"d":"$1,320.02000"},{"v":19800.3,"d":"$19,800.30000"}]
[null,129,"SUMINISTRO Y COLOCACION DE TACHO DE BASURA DE HORMIGON SEGUN DISEÑO","u",{"v":10,"d":"10.00000"},{"v":1000.82,"d":"$1,000.82000"},{"v":10008.2,"d":"$10,008.20000"}]
[null,130,"SUMINISTRO Y COLOCACION DE MACETA TIPO ASIENTO DE HORMIGON SEGUN DISEÑO","u",{"v":72,"d":"72.00000"},{"v":820.82,"d":"$820.82000"},{"v":59099.04,"d":"$59,099.04000"}]
[null,131,"SUMINISTRO Y COLOCACION DE BANCA TIPO SERPENTINA DE HORMIGON SEGUN DISEÑO","u",{"v":2,"d":"2.00000"},{"v":830.42,"d":"$830.42000"},{"v":1660.84,"d":"$1,660.84000"}]
[null,132,"SUMINISTRO Y COLOCACION DE BANCA SEMICIRCULAR DE HORMIGON SEGUN DISEÑO","u",{"v":4,"d":"4.00000"},{"v":841.22,"d":"$841.22000"},{"v":3364.88,"d":"$3,364.88000"}]
[null,133,"JUEGO MULTIPLE INFANTIL (MODELO 1: 1000x630x460cm)","u",{"v":1,"d":"1.00000"},{"v":28277.07,"d":"$28,277.07000"},{"v":28277.07,"d":"$28,277.07000"}]
[null,134,"JUEGO MULTIPLE INFANTIL (MODELO 2: 800x600cm)","u",{"v":1,"d":"1.00000"},{"v":18077.07,"d":"$18,077.07000"},{"v":18077.07,"d":"$18,077.07000"}]
[null,135,"JUEGO INFANTIL COLUMPIO DE TRES ASIENTOS","u",{"v":1,"d":"1.00000"},{"v":1747.22,"d":"$1,747.22000"},{"v":1747.22,"d":"$1,747.22000"}]
[null,136,"MOSAICO VITREO 20x20mm","m2",{"v":203.51,"d":"203.51000"},{"v":84.76,"d":"$84.76000"},{"v":17249.5076,"d":"$17,249.50760"}]
[null,137,"PISO DE GRANITO LAVADO ALREDEDOR DE LA PISCINA","m2",{"v":229.43,"d":"229.43000"},{"v":30.01,"d":"$30.01000"},{"v":6885.1943,"d":"$6,885.19430"}]
[null,138,"SUMINISTRO E INSTALACION DE BOMBA CENTRIFUGA 2 HP","u",{"v":1,"d":"1.00000"},{"v":1612.68,"d":"$1,612.68000"},{"v":1612.68,"d":"$1,612.68000"}]
[null,139,"SUMINISTRO E INSTALACION DE BOMBA CENTRIFUGA 5 HP TRIFASICA","u",{"v":2,"d":"2.00000"},{"v":2262.08,"d":"$2,262.08000"},{"v":4524.16,"d":"$4,524.16000"}]
[null,140,"SUMINISTRO E INSTALACION DE CODO 90' PP 2 IN ROSCABLE","u",{"v":12,"d":"12.00000"},{"v":12.79,"d":"$12.79000"},{"v":153.48,"d":"$153.48000"}]
[null,141,"SUMINISTRO DE TUBERIA PP UNION ROSCABLE DI=2  plg 1.25 MPA","m",{"v":87,"d":"87.00000"},{"v":12.89,"d":"$12.89000"},{"v":1121.43,"d":"$1,121.43000"}]
[null,142,"INSTALACION DE TUBERIA PP UNION ROSCABLE DI=2 plg 1.25 MPA","m",{"v":87,"d":"87.00000"},{"v":3.56,"d":"$3.56000"},{"v":309.72,"d":"$309.72000"}]
[null,143,"COLGADOR PARA TUBERIA 2 IN","u",{"v":29,"d":"29.00000"},{"v":2.57,"d":"$2.57000"},{"v":74.53,"d":"$74.53000"}]
[null,144,"MANOMETRO VERTICAL 1/2\"","u",{"v":4,"d":"4.00000"},{"v":70.28,"d":"$70.28000"},{"v":281.12,"d":"$281.12000"}]
[null,145,"SUMINISTRO E INSTALACION DE CODO 90' PP 1 IN ROSCABLE","u",{"v":8,"d":"8.00000"},{"v":6.49,"d":"$6.49000"},{"v":51.92,"d":"$51.92000"}]
[null,146,"SUMINISTRO DE TUBERIA PP UNION ROSCABLE DI=1 plg 1.25 MPA","m",{"v":60,"d":"60.00000"},{"v":5.57,"d":"$5.57000"},{"v":334.20000000000005,"d":"$334.20000"}]
[null,147,"INSTALACION DE TUBERIA PP UNION ROSCABLE DI=1 plg 1.25 MPA","m",{"v":60,"d":"60.00000"},{"v":4.1,"d":"$4.10000"},{"v":245.99999999999997,"d":"$246.00000"}]
[null,148,"COLGADOR PARA TUBERIA 1 IN","u",{"v":20,"d":"20.00000"},{"v":1.67,"d":"$1.67000"},{"v":33.4,"d":"$33.40000"}]
[null,149,"SUMINISTRO E INSTALACION DE TEE 1 IN PP ROSCABLE","u",{"v":1,"d":"1.00000"},{"v":7.86,"d":"$7.86000"},{"v":7.86,"d":"$7.86000"}]
[null,150,"SUMINISTRO E INSTALACION DE VALVULA DE AIRE 1/2\" DOBLE ACCION DE PVC (INCLUYE ACCESORIOS)","u",{"v":3,"d":"3.00000"},{"v":43.23,"d":"$43.23000"},{"v":129.69,"d":"$129.69000"}]
[null,151,"SUMINISTRO DE TUBERIA PP UNION ROSCABLE DI=1 1/2  plg 1.25 MPA","m",{"v":60,"d":"60.00000"},{"v":9.71,"d":"$9.71000"},{"v":582.6,"d":"$582.60000"}]
[null,152,"INSTALACION DE TUBERIA PP UNION ROSCABLE DI=1 1/2 plg 1.25 MPA","m",{"v":60,"d":"60.00000"},{"v":1.4,"d":"$1.40000"},{"v":84,"d":"$84.00000"}]
[null,153,"COLGADOR PARA TUBERIA 1 1/2 IN","u",{"v":22,"d":"22.00000"},{"v":2.53,"d":"$2.53000"},{"v":55.66,"d":"$55.66000"}]
[null,154,"SUMINISTRO E INSTALACION DE REDUCTOR DE 2 A 1 IN PP ROSCABLE","u",{"v":27,"d":"27.00000"},{"v":7.02,"d":"$7.02000"},{"v":189.54,"d":"$189.54000"}]
[null,155,"SUMINISTRO E INSTALACION DE VALVULA CHECK ROSCADA PVC D=1\"","u",{"v":3,"d":"3.00000"},{"v":23.18,"d":"$23.18000"},{"v":69.53999999999999,"d":"$69.54000"}]
[null,156,"SUMINISTRO E INSTALACION DE VALVULA DE BOLA PVC D= 1 plg ROSCABLE","u",{"v":2,"d":"2.00000"},{"v":19.67,"d":"$19.67000"},{"v":39.34,"d":"$39.34000"}]
[null,157,"SUMINISTRO E INSTALACION DE REDUCTOR DE 1 1/2 A 1 IN PP ROSCABLE","u",{"v":1,"d":"1.00000"},{"v":7.66,"d":"$7.66000"},{"v":7.66,"d":"$7.66000"}]
[null,158,"SUMINISTRO E INSTALACION DE CODO 90' PP 1 1/2 IN ROSCABLE","u",{"v":8,"d":"8.00000"},{"v":11.62,"d":"$11.62000"},{"v":92.96,"d":"$92.96000"}]
[null,159,"SUMINISTRO E INSTALACION DE CODO 90' PP 1 IN ROSCABLE","u",{"v":1,"d":"1.00000"},{"v":6.49,"d":"$6.49000"},{"v":6.49,"d":"$6.49000"}]
[null,160,"FILTRO 16\"","u",{"v":2,"d":"2.00000"},{"v":262.61,"d":"$262.61000"},{"v":525.22,"d":"$525.22000"}]
[null,161,"FILTRO 12\"","u",{"v":1,"d":"1.00000"},{"v":149.9,"d":"$149.90000"},{"v":149.9,"d":"$149.90000"}]
[null,162,"SUMINISTRO Y COLOCACION DE ARENA PARA FILTRO (0.5 - 1 mm)","m3",{"v":3,"d":"3.00000"},{"v":293.9,"d":"$293.90000"},{"v":881.6999999999999,"d":"$881.70000"}]
[null,163,"SUMINISTRO Y COLOCACION DE GRAVA PARA FILTRO (6 - 12 mm)","m3",{"v":2,"d":"2.00000"},{"v":379.93,"d":"$379.93000"},{"v":759.86,"d":"$759.86000"}]
[null,164,"SUMINISTRO Y COLOCACION DE GRAVA PARA FILTRO (12 - 18 mm)","m3",{"v":2,"d":"2.00000"},{"v":382.6,"d":"$382.60000"},{"v":765.2,"d":"$765.20000"}]
[null,165,"BOQUILLA TIPO CHORRO DE PISO 1x1/2","u",{"v":29,"d":"29.00000"},{"v":60.47,"d":"$60.47000"},{"v":1753.6299999999999,"d":"$1,753.63000"}]
[null,166,"SKIMMER PEQUEÑO","u",{"v":10,"d":"10.00000"},{"v":41.31,"d":"$41.31000"},{"v":413.1,"d":"$413.10000"}]
[null,167,"DRENAJE DE FONDO","u",{"v":4,"d":"4.00000"},{"v":32.31,"d":"$32.31000"},{"v":129.24,"d":"$129.24000"}]
[null,168,"SUMINISTRO E INSTALACION DE TEE 2 IN PP ROSCABLE","u",{"v":25,"d":"25.00000"},{"v":17.57,"d":"$17.57000"},{"v":439.25,"d":"$439.25000"}]
[null,169,"SUMINISTRO E INSTALACION DE TEE 1 1/2 IN PP ROSCABLE","u",{"v":8,"d":"8.00000"},{"v":14.39,"d":"$14.39000"},{"v":115.12,"d":"$115.12000"}]
[null,170,"SUMINISTRO E INSTALACION DE CODO 90' PP 1 1/2 IN ROSCABLE","u",{"v":2,"d":"2.00000"},{"v":11.62,"d":"$11.62000"},{"v":23.24,"d":"$23.24000"}]
[null,171,"KIT DE PRUEBA DE AGUA PARA PISCINA","u",{"v":1,"d":"1.00000"},{"v":13.36,"d":"$13.36000"},{"v":13.36,"d":"$13.36000"}]
[null,172,"DOMOS O SOMBRILLAS DE AGUA DE 2 m DE DIAMETRO","u",{"v":2,"d":"2.00000"},{"v":3115.96,"d":"$3,115.96000"},{"v":6231.92,"d":"$6,231.92000"}]
[null,173,"ABRAZADERA GALVANIZADA DE 1\"","u",{"v":8,"d":"8.00000"},{"v":7,"d":"$7.00000"},{"v":56,"d":"$56.00000"}]
[null,174,"ABRAZADERA GALVANIZADA DE 2\"","u",{"v":50,"d":"50.00000"},{"v":8.19,"d":"$8.19000"},{"v":409.5,"d":"$409.50000"}]
[null,175,"HORMIGON PREMEZCLADO F´C=280 Kg/cm2 INCLUYE ENCOFRADO","m3",{"v":40,"d":"40.00000"},{"v":362.88,"d":"$362.88000"},{"v":14515.2,"d":"$14,515.20000"}]
[null,176,"ACERO ESTRUCTURAL (A36)","Kg",{"v":57160,"d":"57,160.00000"},{"v":6.04,"d":"$6.04000"},{"v":345246.4,"d":"$345,246.40000"}]
[null,177,"SUMINISTRO E INSTALACION DE CUBIERTA METALICA CON AISLAMIENTO DE POLIURETANO E=30mm","m2",{"v":500,"d":"500.00000"},{"v":54.97,"d":"$54.97000"},{"v":27485,"d":"$27,485.00000"}]
[null,178,"SUMINISTRO E INSTALACION DE FLASHING PERIMETRAL PARA CUBIERTA","m",{"v":250,"d":"250.00000"},{"v":27.58,"d":"$27.58000"},{"v":6895,"d":"$6,895.00000"}]
[null,179,"MALLA ELECTROSOLDADA 15x15 - 5,5mm","m2",{"v":540.98,"d":"540.98000"},{"v":6.03,"d":"$6.03000"},{"v":3262.1094000000003,"d":"$3,262.10940"}]
[null,180,"MALLA ELECTROSOLDADA 15x15 - 4,5mm","m2",{"v":13.46,"d":"13.46000"},{"v":7.1,"d":"$7.10000"},{"v":95.566,"d":"$95.56600"}]
[null,181,"SUMINISTRO E INSTALACION DE PLACA-ACERO COLABORANTE E=0.65mm","m2",{"v":1144.6,"d":"1,144.60000"},{"v":64.9,"d":"$64.90000"},{"v":74284.54,"d":"$74,284.54000"}]
[null,182,"PERNO ASTM A325 EN PLACA BASE D=5/8\" L=25cm","u",{"v":320,"d":"320.00000"},{"v":7.69,"d":"$7.69000"},{"v":2460.8,"d":"$2,460.80000"}]
[null,183,"SUMINISTRO E INSTALACION DE PANEL COMPUESTO DE ALUMINIO (ALUCOBOND), E=4mm, PARA EXTERIOR","m2",{"v":525,"d":"525.00000"},{"v":87,"d":"$87.00000"},{"v":45675,"d":"$45,675.00000"}]
[null,184,"CERAMICA 30x30cm","m2",{"v":29.1,"d":"29.10000"},{"v":25.81,"d":"$25.81000"},{"v":751.071,"d":"$751.07100"}]
[null,185,"PORCELANATO 60x60cm","m2",{"v":335.98,"d":"335.98000"},{"v":36.6,"d":"$36.60000"},{"v":12296.868,"d":"$12,296.86800"}]
[null,186,"GRANITO PULIDO","m2",{"v":21.86,"d":"21.86000"},{"v":242.23,"d":"$242.23000"},{"v":5295.1478,"d":"$5,295.14780"}]
[null,187,"PORCELANATO 100x300mm","m2",{"v":424.52,"d":"424.52000"},{"v":151.25,"d":"$151.25000"},{"v":64208.649999999994,"d":"$64,208.65000"}]
[null,188,"PARED DE BLOQUE 10x20x40cm","m2",{"v":314,"d":"314.00000"},{"v":22.2,"d":"$22.20000"},{"v":6970.8,"d":"$6,970.80000"}]
[null,189,"PARED DE BLOQUE 20x20x40cm","m2",{"v":403.6,"d":"403.60000"},{"v":26.97,"d":"$26.97000"},{"v":10885.092,"d":"$10,885.09200"}]
[null,190,"ENLUCIDO DE PAREDES EXTERIORES","m2",{"v":950,"d":"950.00000"},{"v":11.74,"d":"$11.74000"},{"v":11153,"d":"$11,153.00000"}]
[null,191,"ENLUCIDO DE PAREDES INTERIORES","m2",{"v":900,"d":"900.00000"},{"v":8.61,"d":"$8.61000"},{"v":7748.999999999999,"d":"$7,749.00000"}]
[null,192,"ENLUCIDO DE FILOS","m",{"v":650,"d":"650.00000"},{"v":4.04,"d":"$4.04000"},{"v":2626,"d":"$2,626.00000"}]
[null,193,"PILARETES Y VIGUETAS 12x9cm","m",{"v":150,"d":"150.00000"},{"v":48.64,"d":"$48.64000"},{"v":7296,"d":"$7,296.00000"}]
[null,194,"CUADRADA DE BOQUETES","m",{"v":125,"d":"125.00000"},{"v":6.03,"d":"$6.03000"},{"v":753.75,"d":"$753.75000"}]
[null,195,"PINTURA EXTERIOR","m2",{"v":925,"d":"925.00000"},{"v":8.68,"d":"$8.68000"},{"v":8029,"d":"$8,029.00000"}]
[null,196,"PINTURA INTERIOR","m2",{"v":930,"d":"930.00000"},{"v":8.19,"d":"$8.19000"},{"v":7616.7,"d":"$7,616.70000"}]
[null,197,"SUMINISTRO E INSTALACION DE MADERA ALISTONADA EN PARED","m2",{"v":230,"d":"230.00000"},{"v":58.62,"d":"$58.62000"},{"v":13482.599999999999,"d":"$13,482.60000"}]
[null,198,"PORCELANATO 30x60cm","m2",{"v":255,"d":"255.00000"},{"v":42.17,"d":"$42.17000"},{"v":10753.35,"d":"$10,753.35000"}]
[null,199,"SUMINISTRO E INSTALACION DE TUMBADO DE PVC MADERADO LAMINADO 8mm","m2",{"v":523.18,"d":"523.18000"},{"v":38.84,"d":"$38.84000"},{"v":20320.3112,"d":"$20,320.31120"}]
[null,200,"LAVAMANOS DE EMPOTRAR CON GRIFERIA DE CIERRE AUTOMATICO (INCLUYE ACCESORIOS)","u",{"v":14,"d":"14.00000"},{"v":194.44,"d":"$194.44000"},{"v":2722.16,"d":"$2,722.16000"}]
[null,201,"LAVACOPA DE EMPOTRAR 60x42cm","u",{"v":8,"d":"8.00000"},{"v":234.72,"d":"$234.72000"},{"v":1877.76,"d":"$1,877.76000"}]
[null,202,"INODOROS CON FLUXOMETRO (INCLUYE ACCESORIOS)","u",{"v":8,"d":"8.00000"},{"v":402.63,"d":"$402.63000"},{"v":3221.04,"d":"$3,221.04000"}]
[null,203,"INODORO PARA DISCAPACITADOS (INCLUYE ACCESORIOS)","u",{"v":4,"d":"4.00000"},{"v":498.6,"d":"$498.60000"},{"v":1994.4,"d":"$1,994.40000"}]
[null,204,"URINARIO CON FLUXOMETRO (INCLUYE ACCESORIOS)","u",{"v":6,"d":"6.00000"},{"v":335.87,"d":"$335.87000"},{"v":2015.22,"d":"$2,015.22000"}]
[null,205,"SUMINISTRO E INSTALACION DE DISPENSADOR DE JABON LIQUIDO","u",{"v":12,"d":"12.00000"},{"v":74.39,"d":"$74.39000"},{"v":892.6800000000001,"d":"$892.68000"}]
[null,206,"SUMINISTRO E INSTALACION DE DISPENSADOR DE PAPEL","u",{"v":16,"d":"16.00000"},{"v":82.32,"d":"$82.32000"},{"v":1317.12,"d":"$1,317.12000"}]
[null,207,"SUMINISTRO E INSTALACION DE ESPEJOS","m2",{"v":2.9,"d":"2.90000"},{"v":76.35,"d":"$76.35000"},{"v":221.41499999999996,"d":"$221.41500"}]
[null,208,"SUMINISTRO E INSTALACION DE SECADORA DE AIRE","u",{"v":8,"d":"8.00000"},{"v":91.33,"d":"$91.33000"},{"v":730.64,"d":"$730.64000"}]
[null,209,"REVESTIMIENTO DE MESONES CON PLANCHA DE GRANITO, INCLUYE RUDON, FALDON Y SALPICADERA","m2",{"v":32.5,"d":"32.50000"},{"v":218.71,"d":"$218.71000"},{"v":7108.075,"d":"$7,108.07500"}]
[null,210,"HORMIGON ARMADO MESONES A= 0.40m; E= 0.07m","m",{"v":95,"d":"95.00000"},{"v":48.24,"d":"$48.24000"},{"v":4582.8,"d":"$4,582.80000"}]
[null,211,"SUMINISTRO E INSTALACION DE LOUVER METALICO ELIPTICO CON APARIENCIA MADERADA","m2",{"v":100,"d":"100.00000"},{"v":278.75,"d":"$278.75000"},{"v":27875,"d":"$27,875.00000"}]
[null,212,"VENTANAS DE ALUMINIO Y VIDRIO (VIDRIO 5mm)","m2",{"v":182,"d":"182.00000"},{"v":152.12,"d":"$152.12000"},{"v":27685.84,"d":"$27,685.84000"}]
[null,213,"PUERTA METALICA (0.80x2.10) m","u",{"v":4,"d":"4.00000"},{"v":494.39,"d":"$494.39000"},{"v":1977.56,"d":"$1,977.56000"}]
[null,214,"PUERTA DE ALUMINIO Y VIDRIO CLARO DE 6mm","m2",{"v":187.5,"d":"187.50000"},{"v":228.83,"d":"$228.83000"},{"v":42905.625,"d":"$42,905.62500"}]
[null,215,"DIVISION EN ACERO INOXIDABLE","m2",{"v":35,"d":"35.00000"},{"v":568.31,"d":"$568.31000"},{"v":19890.85,"d":"$19,890.85000"}]
[null,216,"PUERTA EN ACERO INOXIDABLE (0.80x1.50)m","u",{"v":4,"d":"4.00000"},{"v":795.76,"d":"$795.76000"},{"v":3183.04,"d":"$3,183.04000"}]
[null,217,"PUERTA EN ACERO INOXIDABLE (0.60x1.50) m","u",{"v":8,"d":"8.00000"},{"v":610.93,"d":"$610.93000"},{"v":4887.44,"d":"$4,887.44000"}]
[null,218,"SUMINISTRO E INSTALACION DE BARANDA METALICA (INCLUYE PINTURA)","m",{"v":160,"d":"160.00000"},{"v":116.74,"d":"$116.74000"},{"v":18678.399999999998,"d":"$18,678.40000"}]
[null,219,"LETRAS CORPOREAS AUTOILUMINADAS \"LA AURORA\" EN CENTRO COMERCIAL","u",{"v":1,"d":"1.00000"},{"v":3519.23,"d":"$3,519.23000"},{"v":3519.23,"d":"$3,519.23000"}]
[null,220,"PUERTA DE MADERA (0.70x1.00) m","u",{"v":8,"d":"8.00000"},{"v":118.08,"d":"$118.08000"},{"v":944.64,"d":"$944.64000"}]
[null,221,"SUMINISTRO E INSTALACION DE CUBIERTA METALICA CON AISLAMIENTO DE POLIURETANO E=30mm","m2",{"v":675,"d":"675.00000"},{"v":54.97,"d":"$54.97000"},{"v":37104.75,"d":"$37,104.75000"}]
[null,222,"SUMINISTRO E INSTALACION DE FLASHING PERIMETRAL PARA CUBIERTA","m",{"v":240,"d":"240.00000"},{"v":27.58,"d":"$27.58000"},{"v":6619.2,"d":"$6,619.20000"}]
[null,223,"ACERO ESTRUCTURAL (A36)","Kg",{"v":15195,"d":"15,195.00000"},{"v":6.04,"d":"$6.04000"},{"v":91777.8,"d":"$91,777.80000"}]
[null,224,"PORCELANATO 298x2398x9mm","m2",{"v":80.5,"d":"80.50000"},{"v":42.19,"d":"$42.19000"},{"v":3396.2949999999996,"d":"$3,396.29500"}]
[null,225,"SUMINISTRO E INSTALACION DE DECK DE MADERA PLASTICA PARA PISO","m2",{"v":671.66,"d":"671.66000"},{"v":175.14,"d":"$175.14000"},{"v":117634.53239999998,"d":"$117,634.53240"}]
[null,226,"SUMINISTRO E INSTALACION DE PORCELANATO 18.5x150x9mm","m2",{"v":195.45,"d":"195.45000"},{"v":65.58,"d":"$65.58000"},{"v":12817.610999999999,"d":"$12,817.61100"}]
[null,227,"PARED DE BLOQUE 10x20x40cm","m2",{"v":376.85,"d":"376.85000"},{"v":22.2,"d":"$22.20000"},{"v":8366.07,"d":"$8,366.07000"}]
[null,228,"ENLUCIDO DE PAREDES EXTERIORES","m2",{"v":376.85,"d":"376.85000"},{"v":11.74,"d":"$11.74000"},{"v":4424.219,"d":"$4,424.21900"}]
[null,229,"ENLUCIDO DE PAREDES INTERIORES","m2",{"v":325,"d":"325.00000"},{"v":8.61,"d":"$8.61000"},{"v":2798.25,"d":"$2,798.25000"}]
[null,230,"ENLUCIDO DE FILOS","m",{"v":630,"d":"630.00000"},{"v":4.04,"d":"$4.04000"},{"v":2545.2,"d":"$2,545.20000"}]
[null,231,"PILARETES Y VIGUETAS 12x9cm","m",{"v":320,"d":"320.00000"},{"v":48.64,"d":"$48.64000"},{"v":15564.8,"d":"$15,564.80000"}]
[null,232,"CUADRADA DE BOQUETES","m",{"v":230,"d":"230.00000"},{"v":6.03,"d":"$6.03000"},{"v":1386.9,"d":"$1,386.90000"}]
[null,233,"PINTURA EXTERIOR","m2",{"v":1130.55,"d":"1,130.55000"},{"v":8.68,"d":"$8.68000"},{"v":9813.173999999999,"d":"$9,813.17400"}]
[null,234,"PINTURA INTERIOR","m2",{"v":1130.55,"d":"1,130.55000"},{"v":8.19,"d":"$8.19000"},{"v":9259.2045,"d":"$9,259.20450"}]
[null,235,"SUMINISTRO E INSTALACION DE FACHALETA TIPO LADRILLO","m2",{"v":514.35,"d":"514.35000"},{"v":62.37,"d":"$62.37000"},{"v":32080.0095,"d":"$32,080.00950"}]
[null,236,"PARED DE LADRILLO VISTO 27.5x12x8.5cm","m2",{"v":151.42,"d":"151.42000"},{"v":44.06,"d":"$44.06000"},{"v":6671.5652,"d":"$6,671.56520"}]
[null,237,"CERAMICA 30x60cm","m2",{"v":34.9,"d":"34.90000"},{"v":24.97,"d":"$24.97000"},{"v":871.453,"d":"$871.45300"}]
[null,238,"PORCELANATO GRIS/ANTRACITA/ARENA 30X60 cm","m2",{"v":50.13,"d":"50.13000"},{"v":42.87,"d":"$42.87000"},{"v":2149.0731,"d":"$2,149.07310"}]
[null,239,"PORCELANATO GRIS/ANTRACITA/ARENA 60x120 cm","m2",{"v":50.13,"d":"50.13000"},{"v":57.41,"d":"$57.41000"},{"v":2877.9633,"d":"$2,877.96330"}]
[null,240,"SUMINISTRO E INSTALACION DE TUMBADO DE PVC MADERADO LAMINADO 8mm","m2",{"v":660,"d":"660.00000"},{"v":38.84,"d":"$38.84000"},{"v":25634.4,"d":"$25,634.40000"}]
[null,241,"LAVAMANOS DE EMPOTRAR CON GRIFERIA DE CIERRE AUTOMATICO (INCLUYE ACCESORIOS)","u",{"v":10,"d":"10.00000"},{"v":194.44,"d":"$194.44000"},{"v":1944.4,"d":"$1,944.40000"}]
[null,242,"LAVACOPA DE EMPOTRAR 60x42cm","u",{"v":15,"d":"15.00000"},{"v":234.72,"d":"$234.72000"},{"v":3520.8,"d":"$3,520.80000"}]
[null,243,"INODOROS CON FLUXOMETRO (INCLUYE ACCESORIOS)","u",{"v":10,"d":"10.00000"},{"v":402.63,"d":"$402.63000"},{"v":4026.3,"d":"$4,026.30000"}]
[null,244,"URINARIO CON FLUXOMETRO (INCLUYE ACCESORIOS)","u",{"v":5,"d":"5.00000"},{"v":335.87,"d":"$335.87000"},{"v":1679.35,"d":"$1,679.35000"}]
[null,245,"SUMINISTRO E INSTALACION DE DISPENSADOR DE PAPEL","u",{"v":10,"d":"10.00000"},{"v":82.32,"d":"$82.32000"},{"v":823.1999999999999,"d":"$823.20000"}]
[null,246,"SUMINISTRO E INSTALACION DE DISPENSADOR DE JABON LIQUIDO","u",{"v":10,"d":"10.00000"},{"v":74.39,"d":"$74.39000"},{"v":743.9,"d":"$743.90000"}]
[null,247,"SUMINISTRO E INSTALACION DE ESPEJOS","m2",{"v":1.8,"d":"1.80000"},{"v":76.35,"d":"$76.35000"},{"v":137.43,"d":"$137.43000"}]
[null,248,"SUMINISTRO E INSTALACION DE SECADORA DE AIRE","u",{"v":10,"d":"10.00000"},{"v":91.33,"d":"$91.33000"},{"v":913.3,"d":"$913.30000"}]
[null,249,"HORMIGON ARMADO PARA MESONES A= 0.60m; E= 0.07m","m",{"v":9,"d":"9.00000"},{"v":53.71,"d":"$53.71000"},{"v":483.39,"d":"$483.39000"}]
[null,250,"REVESTIMIENTO DE MESONES CON PLANCHA DE GRANITO, INCLUYE RUDON, FALDON Y SALPICADERA","m2",{"v":6.05,"d":"6.05000"},{"v":218.71,"d":"$218.71000"},{"v":1323.1955,"d":"$1,323.19550"}]
[null,251,"SUMINISTRO E INSTALACION DE LOUVER METALICO ELIPTICO CON APARIENCIA MADERADA","m2",{"v":62.6,"d":"62.60000"},{"v":278.75,"d":"$278.75000"},{"v":17449.75,"d":"$17,449.75000"}]
[null,252,"PUERTA METALICA (0.80x2.20)m","u",{"v":10,"d":"10.00000"},{"v":515.81,"d":"$515.81000"},{"v":5158.099999999999,"d":"$5,158.10000"}]
[null,253,"PUERTA METALICA (0.60x2.20)m","u",{"v":10,"d":"10.00000"},{"v":321.46,"d":"$321.46000"},{"v":3214.6,"d":"$3,214.60000"}]
[null,254,"PUERTA DE MADERA (0.80x1.00)m","u",{"v":5,"d":"5.00000"},{"v":118.08,"d":"$118.08000"},{"v":590.4,"d":"$590.40000"}]
[null,255,"ACERO ESTRUCTURAL (A36)","Kg",{"v":7099.3,"d":"7,099.30000"},{"v":6.04,"d":"$6.04000"},{"v":42879.772000000004,"d":"$42,879.77200"}]
[null,256,"ACERO DE REFUERZO EN BARRAS FY=4200 Kg/cm2","Kg",{"v":1180,"d":"1,180.00000"},{"v":2.32,"d":"$2.32000"},{"v":2737.6,"d":"$2,737.60000"}]
[null,257,"SUMINISTRO E INSTALACION DE VIGA TIPO C EN PERIMETRO DE LOSETA","m",{"v":28,"d":"28.00000"},{"v":62.36,"d":"$62.36000"},{"v":1746.08,"d":"$1,746.08000"}]
[null,258,"SUMINISTRO E INSTALACION DE CUBIERTA METALICA CON AISLAMIENTO DE POLIURETANO E=30mm","m2",{"v":19.5,"d":"19.50000"},{"v":54.97,"d":"$54.97000"},{"v":1071.915,"d":"$1,071.91500"}]
[null,259,"SUMINISTRO E INSTALACION DE FLASHING PERIMETRAL PARA CUBIERTA","m",{"v":9,"d":"9.00000"},{"v":27.58,"d":"$27.58000"},{"v":248.21999999999997,"d":"$248.22000"}]
[null,260,"MALLA ELECTROSOLDADA 15x15 8,00mm","m2",{"v":70.5,"d":"70.50000"},{"v":14.32,"d":"$14.32000"},{"v":1009.5600000000001,"d":"$1,009.56000"}]
[null,261,"MALLA ELECTROSOLDADA 15x15 - 5,5mm","m2",{"v":183.3,"d":"183.30000"},{"v":6.03,"d":"$6.03000"},{"v":1105.2990000000002,"d":"$1,105.29900"}]
[null,262,"HORMIGON PREMEZCLADO F´C=280 Kg/cm2 INCLUYE ENCOFRADO","m3",{"v":23.51,"d":"23.51000"},{"v":362.88,"d":"$362.88000"},{"v":8531.3088,"d":"$8,531.30880"}]
[null,263,"HORMIGON PREMEZCLADO F'C=180 Kg/cm2 PARA REPLANTILLO INCLUYE ENCOFRADO","m3",{"v":1.15,"d":"1.15000"},{"v":201.04,"d":"$201.04000"},{"v":231.19599999999997,"d":"$231.19600"}]
[null,264,"PORCELANATO 60x60cm","m2",{"v":88,"d":"88.00000"},{"v":36.6,"d":"$36.60000"},{"v":3220.8,"d":"$3,220.80000"}]
[null,265,"CERAMICA 30x30cm","m2",{"v":49.86,"d":"49.86000"},{"v":25.81,"d":"$25.81000"},{"v":1286.8865999999998,"d":"$1,286.88660"}]
[null,266,"PARED DE BLOQUE 10x20x40cm","m2",{"v":128.81,"d":"128.81000"},{"v":22.2,"d":"$22.20000"},{"v":2859.582,"d":"$2,859.58200"}]
[null,267,"PARED DE BLOQUE 20x20x40cm","m2",{"v":12.93,"d":"12.93000"},{"v":26.97,"d":"$26.97000"},{"v":348.72209999999995,"d":"$348.72210"}]
[null,268,"ENLUCIDO DE PAREDES EXTERIORES","m2",{"v":137.5,"d":"137.50000"},{"v":11.74,"d":"$11.74000"},{"v":1614.25,"d":"$1,614.25000"}]
[null,269,"ENLUCIDO DE PAREDES INTERIORES","m2",{"v":323.45,"d":"323.45000"},{"v":8.61,"d":"$8.61000"},{"v":2784.9044999999996,"d":"$2,784.90450"}]
[null,270,"ENLUCIDO DE FILOS","m",{"v":150,"d":"150.00000"},{"v":4.04,"d":"$4.04000"},{"v":606,"d":"$606.00000"}]
[null,271,"PILARETES Y VIGUETAS 12x9cm","m",{"v":70,"d":"70.00000"},{"v":48.64,"d":"$48.64000"},{"v":3404.8,"d":"$3,404.80000"}]
[null,272,"CUADRADA DE BOQUETES","m",{"v":70,"d":"70.00000"},{"v":6.03,"d":"$6.03000"},{"v":422.1,"d":"$422.10000"}]
[null,273,"PINTURA EXTERIOR","m2",{"v":141.74,"d":"141.74000"},{"v":8.68,"d":"$8.68000"},{"v":1230.3032,"d":"$1,230.30320"}]
[null,274,"PINTURA INTERIOR","m2",{"v":312.5,"d":"312.50000"},{"v":8.19,"d":"$8.19000"},{"v":2559.375,"d":"$2,559.37500"}]
[null,275,"SUMINISTRO E INSTALACION DE MADERA ALISTONADA EN PARED","m2",{"v":37.02,"d":"37.02000"},{"v":58.62,"d":"$58.62000"},{"v":2170.1124,"d":"$2,170.11240"}]
[null,276,"HORMIGON APARENTE F´C= 180 Kg/cm2","m2",{"v":28.15,"d":"28.15000"},{"v":90.19,"d":"$90.19000"},{"v":2538.8484999999996,"d":"$2,538.84850"}]
[null,277,"CERAMICA 8x30cm","m2",{"v":85.86,"d":"85.86000"},{"v":69.6,"d":"$69.60000"},{"v":5975.856,"d":"$5,975.85600"}]
[null,278,"SUMINISTRO E INSTALACION DE PANEL PVC 2mm","m2",{"v":58.89,"d":"58.89000"},{"v":18.8,"d":"$18.80000"},{"v":1107.132,"d":"$1,107.13200"}]
[null,279,"CERAMICA DE PARED DE BAÑO 30x60cm","m2",{"v":31.89,"d":"31.89000"},{"v":24.35,"d":"$24.35000"},{"v":776.5215000000001,"d":"$776.52150"}]
[null,280,"CIELO RASO TIPO GYPSUM","m2",{"v":84.83,"d":"84.83000"},{"v":19.14,"d":"$19.14000"},{"v":1623.6462,"d":"$1,623.64620"}]
[null,281,"LAVAMANOS DE EMPOTRAR CON GRIFERIA DE CIERRE AUTOMATICO (INCLUYE ACCESORIOS)","u",{"v":2,"d":"2.00000"},{"v":194.44,"d":"$194.44000"},{"v":388.88,"d":"$388.88000"}]
[null,282,"INODOROS CON FLUXOMETRO (INCLUYE ACCESORIOS)","u",{"v":2,"d":"2.00000"},{"v":402.63,"d":"$402.63000"},{"v":805.26,"d":"$805.26000"}]
[null,283,"SUMINISTRO E INSTALACION DE ESPEJOS","m2",{"v":0.5,"d":"0.50000"},{"v":76.35,"d":"$76.35000"},{"v":38.175,"d":"$38.17500"}]
[null,284,"SUMINISTRO E INSTALACION DE DISPENSADOR DE PAPEL","u",{"v":2,"d":"2.00000"},{"v":82.32,"d":"$82.32000"},{"v":164.64,"d":"$164.64000"}]
[null,285,"SUMINISTRO E INSTALACION DE DISPENSADOR DE JABON LIQUIDO","u",{"v":2,"d":"2.00000"},{"v":74.39,"d":"$74.39000"},{"v":148.78,"d":"$148.78000"}]
[null,286,"SUMINISTRO E INSTALACION DE SECADORA DE AIRE","u",{"v":2,"d":"2.00000"},{"v":91.33,"d":"$91.33000"},{"v":182.66,"d":"$182.66000"}]
[null,287,"PUERTA DE MADERA (0.70x2.20)m","u",{"v":3,"d":"3.00000"},{"v":142.41,"d":"$142.41000"},{"v":427.23,"d":"$427.23000"}]
[null,288,"PUERTA DE MADERA (0.80x2.20)m","u",{"v":1,"d":"1.00000"},{"v":143.62,"d":"$143.62000"},{"v":143.62,"d":"$143.62000"}]
[null,289,"PUERTA METALICA (0.80x2.20)m","u",{"v":4,"d":"4.00000"},{"v":515.81,"d":"$515.81000"},{"v":2063.24,"d":"$2,063.24000"}]
[null,290,"PUERTA METALICA (0.90x2.10)m","u",{"v":1,"d":"1.00000"},{"v":505.65,"d":"$505.65000"},{"v":505.65,"d":"$505.65000"}]
[null,291,"PUERTA METALICA (0.90x2.20)m","u",{"v":4,"d":"4.00000"},{"v":502.19,"d":"$502.19000"},{"v":2008.76,"d":"$2,008.76000"}]
[null,292,"PUERTA ENROLLABLE","m2",{"v":5.28,"d":"5.28000"},{"v":183.92,"d":"$183.92000"},{"v":971.0975999999999,"d":"$971.09760"}]
[null,293,"VENTANAS DE ALUMINIO Y VIDRIO (VIDRIO 5mm)","m2",{"v":5,"d":"5.00000"},{"v":152.12,"d":"$152.12000"},{"v":760.6,"d":"$760.60000"}]
[null,294,"SUMINISTRO E INSTALACION DE BARANDA METALICA (INCLUYE PINTURA)","m",{"v":5,"d":"5.00000"},{"v":116.74,"d":"$116.74000"},{"v":583.6999999999999,"d":"$583.70000"}]
[null,295,"HORMIGON ARMADO PARA MESONES A= 0.60m; E= 0.07m","m",{"v":2,"d":"2.00000"},{"v":53.71,"d":"$53.71000"},{"v":107.42,"d":"$107.42000"}]
[null,296,"REVESTIMIENTO DE MESONES CON PLANCHA DE GRANITO, INCLUYE RUDON, FALDON Y SALPICADERA","m2",{"v":1.21,"d":"1.21000"},{"v":218.71,"d":"$218.71000"},{"v":264.6391,"d":"$264.63910"}]
[null,297,"SILLON PARA TRES PERSONAS","u",{"v":1,"d":"1.00000"},{"v":367.87,"d":"$367.87000"},{"v":367.87,"d":"$367.87000"}]
[null,298,"ESCRITORIO DE RECEPCION EN L 1.8x1.8m","u",{"v":1,"d":"1.00000"},{"v":1186.84,"d":"$1,186.84000"},{"v":1186.84,"d":"$1,186.84000"}]
[null,299,"ESCRITORIO PARA OFICINA 1.5x0.60m","u",{"v":3,"d":"3.00000"},{"v":596.08,"d":"$596.08000"},{"v":1788.2400000000002,"d":"$1,788.24000"}]
[null,300,"ESCRITORIO EN L 2.20x2.10m","u",{"v":1,"d":"1.00000"},{"v":914.26,"d":"$914.26000"},{"v":914.26,"d":"$914.26000"}]
[null,301,"SILLA GIRATORIA","u",{"v":10,"d":"10.00000"},{"v":321.09,"d":"$321.09000"},{"v":3210.8999999999996,"d":"$3,210.90000"}]
[null,302,"ESTANTERIA 2.00x1.12x0.35m","u",{"v":3,"d":"3.00000"},{"v":257.38,"d":"$257.38000"},{"v":772.14,"d":"$772.14000"}]
[null,303,"ACERO ESTRUCTURAL (A36)","Kg",{"v":3306.48,"d":"3,306.48000"},{"v":6.04,"d":"$6.04000"},{"v":19971.1392,"d":"$19,971.13920"}]
[null,304,"SUMINISTRO E INSTALACION DE CUBIERTA METALICA CON AISLAMIENTO DE POLIURETANO E=30mm","m2",{"v":50,"d":"50.00000"},{"v":54.97,"d":"$54.97000"},{"v":2748.5,"d":"$2,748.50000"}]
[null,305,"CERAMICA 30x30cm","m2",{"v":42,"d":"42.00000"},{"v":25.81,"d":"$25.81000"},{"v":1084.02,"d":"$1,084.02000"}]
[null,306,"PARED DE BLOQUE 10x20x40cm","m2",{"v":56,"d":"56.00000"},{"v":22.2,"d":"$22.20000"},{"v":1243.2,"d":"$1,243.20000"}]
[null,307,"ENLUCIDO DE PAREDES EXTERIORES","m2",{"v":52.5,"d":"52.50000"},{"v":11.74,"d":"$11.74000"},{"v":616.35,"d":"$616.35000"}]
[null,308,"ENLUCIDO DE PAREDES INTERIORES","m2",{"v":52.5,"d":"52.50000"},{"v":8.61,"d":"$8.61000"},{"v":452.025,"d":"$452.02500"}]
[null,309,"ENLUCIDO DE FILOS","m",{"v":100,"d":"100.00000"},{"v":4.04,"d":"$4.04000"},{"v":404,"d":"$404.00000"}]
[null,310,"PILARETES Y VIGUETAS 12x9cm","m",{"v":30,"d":"30.00000"},{"v":48.64,"d":"$48.64000"},{"v":1459.2,"d":"$1,459.20000"}]
[null,311,"CUADRADA DE BOQUETES","m",{"v":40,"d":"40.00000"},{"v":6.03,"d":"$6.03000"},{"v":241.20000000000002,"d":"$241.20000"}]
[null,312,"PINTURA EXTERIOR","m2",{"v":57.2,"d":"57.20000"},{"v":8.68,"d":"$8.68000"},{"v":496.496,"d":"$496.49600"}]
[null,313,"PINTURA INTERIOR","m2",{"v":56.25,"d":"56.25000"},{"v":8.19,"d":"$8.19000"},{"v":460.6875,"d":"$460.68750"}]
[null,314,"SUMINISTRO E INSTALACION DE PANEL PVC 2mm","m2",{"v":140.16,"d":"140.16000"},{"v":18.8,"d":"$18.80000"},{"v":2635.008,"d":"$2,635.00800"}]
[null,315,"SUMINISTRO E INSTALACION DE PANEL METALICO 0.4mm PARA EXTERIOR","m2",{"v":26.4,"d":"26.40000"},{"v":66.01,"d":"$66.01000"},{"v":1742.664,"d":"$1,742.66400"}]
[null,316,"SUMINISTRO E INSTALACION DE TUMBADO DE PVC MADERADO LAMINADO 8mm","m2",{"v":55.92,"d":"55.92000"},{"v":38.84,"d":"$38.84000"},{"v":2171.9328,"d":"$2,171.93280"}]
[null,317,"LAVACOPA DE EMPOTRAR 60x42cm","u",{"v":4,"d":"4.00000"},{"v":234.72,"d":"$234.72000"},{"v":938.88,"d":"$938.88000"}]
[null,318,"VENTANA PLEGABLE VERTICAL DE DOS HOJAS TIPO LOUVER","m2",{"v":24.36,"d":"24.36000"},{"v":337.94,"d":"$337.94000"},{"v":8232.2184,"d":"$8,232.21840"}]
[null,319,"MESONES DE HORMIGON ARMADO INCLUYE GRANITO (ANCHO 0.53m)","m",{"v":55,"d":"55.00000"},{"v":232.97,"d":"$232.97000"},{"v":12813.35,"d":"$12,813.35000"}]
[null,320,"SUMINISTRO E INSTALACION DE REVESTIMIENTO DE PARED EN CERAMICA TIPO MADERA","m2",{"v":43.99,"d":"43.99000"},{"v":49.1,"d":"$49.10000"},{"v":2159.909,"d":"$2,159.90900"}]
[null,321,"PUERTA DE MADERA DE ABATIMIENTO HACIA ARRIBA (0.56x1.00)m","u",{"v":4,"d":"4.00000"},{"v":111.36,"d":"$111.36000"},{"v":445.44,"d":"$445.44000"}]
[null,322,"ACERO ESTRUCTURAL (A36)","Kg",{"v":2045.84,"d":"2,045.84000"},{"v":6.04,"d":"$6.04000"},{"v":12356.873599999999,"d":"$12,356.87360"}]
[null,323,"SUMINISTRO E INSTALACION DE CUBIERTA METALICA CON AISLAMIENTO DE POLIURETANO E=30mm","m2",{"v":37.5,"d":"37.50000"},{"v":54.97,"d":"$54.97000"},{"v":2061.375,"d":"$2,061.37500"}]
[null,324,"SUMINISTRO E INSTALACION DE FLASHING PERIMETRAL PARA CUBIERTA","m",{"v":50,"d":"50.00000"},{"v":27.58,"d":"$27.58000"},{"v":1379,"d":"$1,379.00000"}]
[null,325,"CERAMICA 30x30cm","m2",{"v":20.88,"d":"20.88000"},{"v":25.81,"d":"$25.81000"},{"v":538.9128,"d":"$538.91280"}]
[null,326,"PARED DE BLOQUE 10x20x40cm","m2",{"v":130.28,"d":"130.28000"},{"v":22.2,"d":"$22.20000"},{"v":2892.216,"d":"$2,892.21600"}]
[null,327,"ENLUCIDO DE PAREDES EXTERIORES","m2",{"v":100,"d":"100.00000"},{"v":11.74,"d":"$11.74000"},{"v":1174,"d":"$1,174.00000"}]
[null,328,"ENLUCIDO DE PAREDES INTERIORES","m2",{"v":95,"d":"95.00000"},{"v":8.61,"d":"$8.61000"},{"v":817.9499999999999,"d":"$817.95000"}]
[null,329,"ENLUCIDO DE FILOS","m",{"v":60,"d":"60.00000"},{"v":4.04,"d":"$4.04000"},{"v":242.4,"d":"$242.40000"}]
[null,330,"CUADRADA DE BOQUETES","m",{"v":20,"d":"20.00000"},{"v":6.03,"d":"$6.03000"},{"v":120.60000000000001,"d":"$120.60000"}]
[null,331,"PINTURA EXTERIOR","m2",{"v":100.44,"d":"100.44000"},{"v":8.68,"d":"$8.68000"},{"v":871.8191999999999,"d":"$871.81920"}]
[null,332,"PINTURA INTERIOR","m2",{"v":85,"d":"85.00000"},{"v":8.19,"d":"$8.19000"},{"v":696.15,"d":"$696.15000"}]
[null,333,"CIELO RASO TIPO GYPSUM","m2",{"v":38.44,"d":"38.44000"},{"v":19.14,"d":"$19.14000"},{"v":735.7416,"d":"$735.74160"}]
[null,334,"PUERTA DE ALUMINIO TIPO LOUVER (0.80x2.00)m","u",{"v":4,"d":"4.00000"},{"v":332.11,"d":"$332.11000"},{"v":1328.44,"d":"$1,328.44000"}]
[null,335,"VENTANA DE PVC COLOR GRIS","m2",{"v":5.7,"d":"5.70000"},{"v":138.28,"d":"$138.28000"},{"v":788.196,"d":"$788.19600"}]
[null,336,"SUMINISTRO Y FABRICACION DE ELEMENTOS DE ACERO ESTRUCTURAL ASTM A-588","Kg",{"v":44000,"d":"44,000.00000"},{"v":2.89,"d":"$2.89000"},{"v":127160,"d":"$127,160.00000"}]
[null,337,"MONTAJE DE ELEMENTOS DE ACERO ESTRUCTURAL ASTM A-588","Kg",{"v":44000,"d":"44,000.00000"},{"v":0.56,"d":"$0.56000"},{"v":24640.000000000004,"d":"$24,640.00000"}]
[null,338,"ACERO DE REFUERZO EN BARRAS FY=4200 Kg/cm2","Kg",{"v":370,"d":"370.00000"},{"v":2.32,"d":"$2.32000"},{"v":858.4,"d":"$858.40000"}]
[null,339,"ACERO ESTRUCTURAL (A36)","Kg",{"v":800,"d":"800.00000"},{"v":6.04,"d":"$6.04000"},{"v":4832,"d":"$4,832.00000"}]
[null,340,"HORMIGON ESTRUCTURAL/CEMENTO PORTLAND CL.-A; F'C=350 Kg/cm2 (INCLUYE CURADO)","m3",{"v":10.33,"d":"10.33000"},{"v":238,"d":"$238.00000"},{"v":2458.54,"d":"$2,458.54000"}]
[null,341,"SECCIONADOR FUSIBLE 100 A - 27kW CON ROMPE ARCO","u",{"v":1,"d":"1.00000"},{"v":315.1,"d":"$315.10000"},{"v":315.1,"d":"$315.10000"}]
[null,342,"CHORRO DE PUNTA DE LANZA DE 1 1/2” ENTRADA Y 16 mm DE SALIDA","u",{"v":72,"d":"72.00000"},{"v":128.81,"d":"$128.81000"},{"v":9274.32,"d":"$9,274.32000"}]
[null,343,"SUMINISTRO E INSTALACION DE BOMBA SUMERGIBLE 7.5 KW DE ACERO INOXIDABLE (INCLUYE TABLERO, BASE AUTOACOPLABLE Y BRIDA DE DESCARGA)","u",{"v":6,"d":"6.00000"},{"v":24302.62,"d":"$24,302.62000"},{"v":145815.72,"d":"$145,815.72000"}]
[null,344,"SUMINISTRO E INSTALACION DE BOMBA SUMERGIBLE 6 KW DE ACERO INOXIDABLE (INCLUYE TABLERO, BASE AUTOACOPLABLE Y BRIDA DE DESCARGA)","u",{"v":1,"d":"1.00000"},{"v":20342.62,"d":"$20,342.62000"},{"v":20342.62,"d":"$20,342.62000"}]
[null,345,"SUMINISTRO E INSTALACION DE TUBO EN ACERO INOXIDABLE 6\", LONGITUD 20M CON 36 SALIDAS DE 1 1/2\" Y 6 ENTRADAS DE 4\"","m",{"v":40,"d":"40.00000"},{"v":1234.46,"d":"$1,234.46000"},{"v":49378.4,"d":"$49,378.40000"}]
[null,346,"PANTALLA DE AGUA PULVERIZADA","u",{"v":1,"d":"1.00000"},{"v":1885.93,"d":"$1,885.93000"},{"v":1885.93,"d":"$1,885.93000"}]
[null,347,"FAROS DE 108 WATTS DE 24 V","u",{"v":72,"d":"72.00000"},{"v":855.32,"d":"$855.32000"},{"v":61583.04,"d":"$61,583.04000"}]
[null,348,"INTERFAX DMX PARA CONTROLAR LOS TONOS DE LOS FAROS","u",{"v":2,"d":"2.00000"},{"v":1081.75,"d":"$1,081.75000"},{"v":2163.5,"d":"$2,163.50000"}]
[null,349,"DECODIFICADOR DE 8 SALIDAS","u",{"v":10,"d":"10.00000"},{"v":532.09,"d":"$532.09000"},{"v":5320.900000000001,"d":"$5,320.90000"}]
[null,350,"FUENTES DE PODER DE 1200W PARA TRANSFORMAR DE 220 O 110V A 24V","u",{"v":10,"d":"10.00000"},{"v":376.09,"d":"$376.09000"},{"v":3760.8999999999996,"d":"$3,760.90000"}]
[null,351,"SUMINISTRO E INSTALACION DE TUBERIA DE PVC CED.40 3\"","m",{"v":108,"d":"108.00000"},{"v":19.98,"d":"$19.98000"},{"v":2157.84,"d":"$2,157.84000"}]
[null,352,"SUMINISTRO E INSTALACION DE NUDOS UNIVERSALES PVC 3\"","u",{"v":12,"d":"12.00000"},{"v":33.05,"d":"$33.05000"},{"v":396.59999999999997,"d":"$396.60000"}]
[null,353,"SUMINISTRO E INSTALACION DE TEE 3 IN PVC ROSCABLE","u",{"v":8,"d":"8.00000"},{"v":18.12,"d":"$18.12000"},{"v":144.96,"d":"$144.96000"}]
[null,354,"SUMINISTRO E INSTALACION DE REDUCTOR DE 6 A 3 IN PVC ROSCABLE","u",{"v":6,"d":"6.00000"},{"v":17.88,"d":"$17.88000"},{"v":107.28,"d":"$107.28000"}]
[null,355,"SUMINISTRO E INSTALACION DE CODO 3\" x 90' PVC ROSCABLE","u",{"v":12,"d":"12.00000"},{"v":18.61,"d":"$18.61000"},{"v":223.32,"d":"$223.32000"}]
[null,356,"SUMINISTRO Y COLOCACION DE SELLADOR ADHESIVO PARA JUNTAS","u",{"v":79,"d":"79.00000"},{"v":0.53,"d":"$0.53000"},{"v":41.870000000000005,"d":"$41.87000"}]
[null,357,"SUMINISTRO E INSTALACION DE ADAPTADOR MACHO 3 IN PVC ROSCABLE","u",{"v":12,"d":"12.00000"},{"v":16.92,"d":"$16.92000"},{"v":203.04000000000002,"d":"$203.04000"}]
[null,358,"SUMINISTRO E INSTALACION DE ADAPTADOR MACHO 6 IN PVC ROSCABLE","u",{"v":8,"d":"8.00000"},{"v":20.82,"d":"$20.82000"},{"v":166.56,"d":"$166.56000"}]
[null,359,"SUMINISTRO E INSTALACION DE LLAVE NUDO 3\" PVC ROSCABLE","u",{"v":6,"d":"6.00000"},{"v":60.12,"d":"$60.12000"},{"v":360.71999999999997,"d":"$360.72000"}]
[null,360,"PROYECTOR DE LASER PARA PANTALLA, CON ALCANCE A UNA DISTANCIA DE 40m, PROYECCION DE 15m","u",{"v":1,"d":"1.00000"},{"v":18213.7,"d":"$18,213.70000"},{"v":18213.7,"d":"$18,213.70000"}]
[null,361,"TABLERO DE CONTROL Y AUTOMATIZACION DE LUCES ACUATICAS Y TABLERO PARA BOMBAS, INCLUIDO EL CABLE DESDE EL CUARTO DE MAQUINAS HASTA LA UBICACION DE LAS BOMBAS SUMERGIBLES Y LOS FAROS LED","u",{"v":1,"d":"1.00000"},{"v":23305.34,"d":"$23,305.34000"},{"v":23305.34,"d":"$23,305.34000"}]
[null,362,"PERFILADA DE HORMIGON EN CALLES","m",{"v":180,"d":"180.00000"},{"v":3.6,"d":"$3.60000"},{"v":648,"d":"$648.00000"}]
[null,363,"ROTURA Y DESALOJO DE HORMIGON EN CALLES","m2",{"v":45,"d":"45.00000"},{"v":2.75,"d":"$2.75000"},{"v":123.75,"d":"$123.75000"}]
[null,364,"HORMIGON PAVIMENTADO 4.5 MPA PARA CALLES (INCLUIDO CURADO Y JUNTAS)","m3",{"v":9,"d":"9.00000"},{"v":302.06,"d":"$302.06000"},{"v":2718.54,"d":"$2,718.54000"}]
[null,365,"REPLANTEO DE TUBERIAS","m",{"v":1200,"d":"1,200.00000"},{"v":0.64,"d":"$0.64000"},{"v":768,"d":"$768.00000"}]
[null,366,"SUMINISTRO DE TUBERIA PP UNION ROSCABLE DI=3/4 plg 1.25 MPA","m",{"v":90,"d":"90.00000"},{"v":3.77,"d":"$3.77000"},{"v":339.3,"d":"$339.30000"}]
[null,367,"INSTALACION DE TUBERIA PP UNION ROSCABLE DI=3/4 plg 1.25 MPA","m",{"v":90,"d":"90.00000"},{"v":6.12,"d":"$6.12000"},{"v":550.8,"d":"$550.80000"}]
[null,368,"SUMINISTRO DE TUBERIA PP UNION ROSCABLE DI=1/2 plg 1.25 MPA","m",{"v":280,"d":"280.00000"},{"v":2.38,"d":"$2.38000"},{"v":666.4,"d":"$666.40000"}]
[null,369,"INSTALACION DE TUBERIA PP UNION ROSCABLE DI=1/2 plg 1.25 MPA","m",{"v":280,"d":"280.00000"},{"v":5.32,"d":"$5.32000"},{"v":1489.6000000000001,"d":"$1,489.60000"}]
[null,370,"SUMINISTRO DE TUBERIA PP UNION ROSCABLE DI=1 plg 1.25 MPA","m",{"v":100,"d":"100.00000"},{"v":5.57,"d":"$5.57000"},{"v":557,"d":"$557.00000"}]
[null,371,"INSTALACION DE TUBERIA PP UNION ROSCABLE DI=1 plg 1.25 MPA","m",{"v":100,"d":"100.00000"},{"v":4.1,"d":"$4.10000"},{"v":409.99999999999994,"d":"$410.00000"}]
[null,372,"SUMINISTRO DE TUBERIA PP UNION ROSCABLE DI=1 1/4  plg 1.25 MPA","m",{"v":9,"d":"9.00000"},{"v":8.03,"d":"$8.03000"},{"v":72.27,"d":"$72.27000"}]
[null,373,"INSTALACION DE TUBERIA PP UNION ROSCABLE DI=1 1/4 plg 1.25 MPA","m",{"v":9,"d":"9.00000"},{"v":6.13,"d":"$6.13000"},{"v":55.17,"d":"$55.17000"}]
[null,374,"SUMINISTRO DE TUBERIA PP UNION ROSCABLE DI=1 1/2  plg 1.25 MPA","m",{"v":40,"d":"40.00000"},{"v":9.71,"d":"$9.71000"},{"v":388.40000000000003,"d":"$388.40000"}]
[null,375,"INSTALACION DE TUBERIA PP UNION ROSCABLE DI=1 1/2 plg 1.25 MPA","m",{"v":40,"d":"40.00000"},{"v":1.4,"d":"$1.40000"},{"v":56,"d":"$56.00000"}]
[null,376,"SUMINISTRO DE TUBERIA PP UNION ROSCABLE DI=2  plg 1.25 MPA","m",{"v":300,"d":"300.00000"},{"v":12.89,"d":"$12.89000"},{"v":3867,"d":"$3,867.00000"}]
[null,377,"INSTALACION DE TUBERIA PP UNION ROSCABLE DI=2 plg 1.25 MPA","m",{"v":300,"d":"300.00000"},{"v":11.06,"d":"$11.06000"},{"v":3318,"d":"$3,318.00000"}]
[null,378,"SUMINISTRO DE TUBERIA PP UNION ROSCABLE DI=2 1/2 plg 1.25 MPA","m",{"v":350,"d":"350.00000"},{"v":20.59,"d":"$20.59000"},{"v":7206.5,"d":"$7,206.50000"}]
[null,379,"INSTALACION DE TUBERIA PP UNION ROSCABLE DI=2 1/2 plg 1.25 MPA","m",{"v":350,"d":"350.00000"},{"v":6.13,"d":"$6.13000"},{"v":2145.5,"d":"$2,145.50000"}]
[null,380,"PRUEBA HIDRAULICA Y DESINFECCION DE RED","m",{"v":1200,"d":"1,200.00000"},{"v":2.58,"d":"$2.58000"},{"v":3096,"d":"$3,096.00000"}]
[null,381,"SUMINISTRO E INSTALACION DE CODO 22.5' PP 3/4 IN ROSCABLE","u",{"v":3,"d":"3.00000"},{"v":10.43,"d":"$10.43000"},{"v":31.29,"d":"$31.29000"}]
[null,382,"SUMINISTRO E INSTALACION DE CODO 22.5' PP 2 IN ROSCABLE","u",{"v":3,"d":"3.00000"},{"v":12.2,"d":"$12.20000"},{"v":36.599999999999994,"d":"$36.60000"}]
[null,383,"SUMINISTRO E INSTALACION DE CODO 45' PP 2 1/2 IN ROSCABLE","u",{"v":5,"d":"5.00000"},{"v":16.34,"d":"$16.34000"},{"v":81.7,"d":"$81.70000"}]
[null,384,"SUMINISTRO E INSTALACION DE CODO 45' PP 2 IN ROSCABLE","u",{"v":3,"d":"3.00000"},{"v":17.56,"d":"$17.56000"},{"v":52.67999999999999,"d":"$52.68000"}]
[null,385,"SUMINISTRO E INSTALACION DE CODO 45' PP 3/4 ","u",{"v":3,"d":"3.00000"},{"v":9.83,"d":"$9.83000"},{"v":29.490000000000002,"d":"$29.49000"}]
[null,386,"SUMINISTRO E INSTALACION DE CODO 90' PP 1 IN ROSCABLE","u",{"v":39,"d":"39.00000"},{"v":6.49,"d":"$6.49000"},{"v":253.11,"d":"$253.11000"}]
[null,387,"SUMINISTRO E INSTALACION DE CODO 90' PP 1 1/2 IN ROSCABLE","u",{"v":30,"d":"30.00000"},{"v":11.62,"d":"$11.62000"},{"v":348.59999999999997,"d":"$348.60000"}]
[null,388,"SUMINISTRO E INSTALACION DE CODO 90' PP 1 1/4 IN ROSCABLE","u",{"v":4,"d":"4.00000"},{"v":12.03,"d":"$12.03000"},{"v":48.12,"d":"$48.12000"}]
[null,389,"SUMINISTRO E INSTALACION DE CODO 90' PP 1/2 IN ROSCABLE","u",{"v":198,"d":"198.00000"},{"v":8.14,"d":"$8.14000"},{"v":1611.72,"d":"$1,611.72000"}]
[null,390,"SUMINISTRO E INSTALACION DE CODO 90' PP 2 IN ROSCABLE","u",{"v":9,"d":"9.00000"},{"v":12.79,"d":"$12.79000"},{"v":115.10999999999999,"d":"$115.11000"}]
[null,391,"SUMINISTRO E INSTALACION DE CODO 90' PP 2 1/2 IN ROSCABLE","u",{"v":1,"d":"1.00000"},{"v":26.56,"d":"$26.56000"},{"v":26.56,"d":"$26.56000"}]
[null,392,"SUMINISTRO E INSTALACION DE CODO 90' PP 3/4 IN ROSCABLE","u",{"v":6,"d":"6.00000"},{"v":9.41,"d":"$9.41000"},{"v":56.46,"d":"$56.46000"}]
[null,393,"SUMINISTRO E INSTALACION DE REDUCTOR DE 1 A 1/2 IN PP ROSCABLE","u",{"v":9,"d":"9.00000"},{"v":10.07,"d":"$10.07000"},{"v":90.63,"d":"$90.63000"}]
[null,394,"SUMINISTRO E INSTALACION DE REDUCTOR DE 1 A 3/4 IN PP ROSCABLE","u",{"v":1,"d":"1.00000"},{"v":8.44,"d":"$8.44000"},{"v":8.44,"d":"$8.44000"}]
[null,395,"SUMINISTRO E INSTALACION DE REDUCTOR DE 1 1/2 A 1/2 IN PP ROSCABLE","u",{"v":6,"d":"6.00000"},{"v":8.63,"d":"$8.63000"},{"v":51.78,"d":"$51.78000"}]
[null,396,"SUMINISTRO E INSTALACION DE REDUCTOR DE 1 1/4 A 1 IN PP ROSCABLE","u",{"v":6,"d":"6.00000"},{"v":8.09,"d":"$8.09000"},{"v":48.54,"d":"$48.54000"}]
[null,397,"SUMINISTRO E INSTALACION DE REDUCTOR DE 1 1/4  A 1/2 IN PP ROSCABLE","u",{"v":6,"d":"6.00000"},{"v":8.74,"d":"$8.74000"},{"v":52.44,"d":"$52.44000"}]
[null,398,"SUMINISTRO E INSTALACION DE REDUCTOR DE 2 A 1 IN PP ROSCABLE","u",{"v":9,"d":"9.00000"},{"v":7.02,"d":"$7.02000"},{"v":63.17999999999999,"d":"$63.18000"}]
[null,399,"SUMINISTRO E INSTALACION DE REDUCTOR DE 2 A 1 1/2 IN PP ROSCABLE","u",{"v":27,"d":"27.00000"},{"v":13.44,"d":"$13.44000"},{"v":362.88,"d":"$362.88000"}]
[null,400,"SUMINISTRO E INSTALACION DE REDUCTOR DE 2 A 1 1/4 IN PP ROSCABLE","u",{"v":2,"d":"2.00000"},{"v":13.63,"d":"$13.63000"},{"v":27.26,"d":"$27.26000"}]
[null,401,"SUMINISTRO E INSTALACION DE REDUCTOR DE 2 A 1/2 IN PP ROSCABLE","u",{"v":5,"d":"5.00000"},{"v":11.29,"d":"$11.29000"},{"v":56.449999999999996,"d":"$56.45000"}]
[null,402,"SUMINISTRO E INSTALACION DE REDUCTOR DE 2 A 3/4 IN PP ROSCABLE","u",{"v":7,"d":"7.00000"},{"v":13.26,"d":"$13.26000"},{"v":92.82,"d":"$92.82000"}]
[null,403,"SUMINISTRO E INSTALACION DE REDUCTOR DE 2 1/2 A 1 IN PP ROSCABLE","u",{"v":4,"d":"4.00000"},{"v":18.54,"d":"$18.54000"},{"v":74.16,"d":"$74.16000"}]
[null,404,"SUMINISTRO E INSTALACION DE REDUCTOR DE 2 1/2 A 1 1/2 IN PP ROSCABLE","u",{"v":1,"d":"1.00000"},{"v":20.78,"d":"$20.78000"},{"v":20.78,"d":"$20.78000"}]
[null,405,"SUMINISTRO E INSTALACION DE REDUCTOR DE 2 1/2 A 2 IN PP ROSCABLE","u",{"v":13,"d":"13.00000"},{"v":14.03,"d":"$14.03000"},{"v":182.39,"d":"$182.39000"}]
[null,406,"SUMINISTRO E INSTALACION DE REDUCTOR DE 2 1/2 A 1/2 IN PP ROSCABLE","u",{"v":1,"d":"1.00000"},{"v":18.64,"d":"$18.64000"},{"v":18.64,"d":"$18.64000"}]
[null,407,"SUMINISTRO E INSTALACION DE REDUCTOR DE 2 1/2 A 3/4 IN PP ROSCABLE","u",{"v":1,"d":"1.00000"},{"v":20.6,"d":"$20.60000"},{"v":20.6,"d":"$20.60000"}]
[null,408,"SUMINISTRO E INSTALACION DE REDUCTOR DE 3/4 A 1/2 IN PP ROSCABLE","u",{"v":12,"d":"12.00000"},{"v":7.03,"d":"$7.03000"},{"v":84.36,"d":"$84.36000"}]
[null,409,"SUMINISTRO E INSTALACION DE TEE 1 IN PP ROSCABLE","u",{"v":2,"d":"2.00000"},{"v":7.86,"d":"$7.86000"},{"v":15.72,"d":"$15.72000"}]
[null,410,"SUMINISTRO E INSTALACION DE TEE 1 1/2 IN PP ROSCABLE","u",{"v":7,"d":"7.00000"},{"v":14.39,"d":"$14.39000"},{"v":100.73,"d":"$100.73000"}]
[null,411,"SUMINISTRO E INSTALACION DE TEE 2 IN PP ROSCABLE","u",{"v":23,"d":"23.00000"},{"v":17.57,"d":"$17.57000"},{"v":404.11,"d":"$404.11000"}]
[null,412,"SUMINISTRO E INSTALACION DE TEE 2 1/2 IN PP ROSCABLE","u",{"v":19,"d":"19.00000"},{"v":7.89,"d":"$7.89000"},{"v":149.91,"d":"$149.91000"}]
[null,413,"SUMINISTRO E INSTALACION DE TEE 3/4 IN PP ROSCABLE","u",{"v":3,"d":"3.00000"},{"v":8.24,"d":"$8.24000"},{"v":24.72,"d":"$24.72000"}]
[null,414,"COLGADOR PARA TUBERIA 3/4 IN","u",{"v":31,"d":"31.00000"},{"v":2.33,"d":"$2.33000"},{"v":72.23,"d":"$72.23000"}]
[null,415,"COLGADOR PARA TUBERIA 1/2 IN","u",{"v":94,"d":"94.00000"},{"v":2.33,"d":"$2.33000"},{"v":219.02,"d":"$219.02000"}]
[null,416,"COLGADOR PARA TUBERIA 1 IN","u",{"v":33,"d":"33.00000"},{"v":1.67,"d":"$1.67000"},{"v":55.11,"d":"$55.11000"}]
[null,417,"COLGADOR PARA TUBERIA 1 1/4 IN","u",{"v":3,"d":"3.00000"},{"v":2.49,"d":"$2.49000"},{"v":7.470000000000001,"d":"$7.47000"}]
[null,418,"COLGADOR PARA TUBERIA 1 1/2 IN","u",{"v":15,"d":"15.00000"},{"v":2.53,"d":"$2.53000"},{"v":37.949999999999996,"d":"$37.95000"}]
[null,419,"COLGADOR PARA TUBERIA 2 IN","u",{"v":105,"d":"105.00000"},{"v":2.57,"d":"$2.57000"},{"v":269.84999999999997,"d":"$269.85000"}]
[null,420,"COLGADOR PARA TUBERIA 2 1/2 IN","u",{"v":121,"d":"121.00000"},{"v":3.29,"d":"$3.29000"},{"v":398.09000000000003,"d":"$398.09000"}]
[null,421,"SUMINISTRO E INSTALACION DE VALVULA DE BOLA PVC D= 3/4 plg ROSCABLE","u",{"v":1,"d":"1.00000"},{"v":8.94,"d":"$8.94000"},{"v":8.94,"d":"$8.94000"}]
[null,422,"SUMINISTRO E INSTALACION DE VALVULA DE BOLA PVC D= 1 plg ROSCABLE","u",{"v":3,"d":"3.00000"},{"v":19.67,"d":"$19.67000"},{"v":59.010000000000005,"d":"$59.01000"}]
[null,423,"SUMINISTRO E INSTALACION DE VALVULA DE BOLA PVC D= 1 1/2 plg ROSCABLE","u",{"v":3,"d":"3.00000"},{"v":37.13,"d":"$37.13000"},{"v":111.39000000000001,"d":"$111.39000"}]
[null,424,"SUMINISTRO E INSTALACION DE VALVULA DE BOLA PVC D= 2 plg ROSCABLE","u",{"v":3,"d":"3.00000"},{"v":53.16,"d":"$53.16000"},{"v":159.48,"d":"$159.48000"}]
[null,425,"SUMINISTRO E INSTALACION DE VALVULA DE BOLA PVC D= 2 1/2 plg ROSCABLE","u",{"v":4,"d":"4.00000"},{"v":63.81,"d":"$63.81000"},{"v":255.24,"d":"$255.24000"}]
[null,426,"HORMIGON PREMEZCLADO F´C=280 Kg/cm2 INCLUYE ENCOFRADO","m3",{"v":1.5,"d":"1.50000"},{"v":362.88,"d":"$362.88000"},{"v":544.3199999999999,"d":"$544.32000"}]
[null,427,"HORMIGON PREMEZCLADO F´C=210 Kg/cm2 INCLUYE ENCOFRADO","m3",{"v":34.3,"d":"34.30000"},{"v":226.64,"d":"$226.64000"},{"v":7773.751999999999,"d":"$7,773.75200"}]
[null,428,"ACERO DE REFUERZO EN BARRAS FY=4200 Kg/cm2","Kg",{"v":4502,"d":"4,502.00000"},{"v":2.32,"d":"$2.32000"},{"v":10444.64,"d":"$10,444.64000"}]
[null,429,"EXCAVACION MECANICA EN SUELO SIN CLASIFICAR 0,00 < H < 2,00m","m3",{"v":45.4,"d":"45.40000"},{"v":3.84,"d":"$3.84000"},{"v":174.33599999999998,"d":"$174.33600"}]
[null,430,"DESALOJO DEL MATERIAL SOBRANTE (BOTADERO MUNICIPAL)","m3",{"v":16.8,"d":"16.80000"},{"v":3.5,"d":"$3.50000"},{"v":58.800000000000004,"d":"$58.80000"}]
[null,431,"RELLENO COMPACTADO CON VIBROAPISONADOR, MATERIAL DE SITIO","m3",{"v":28.6,"d":"28.60000"},{"v":4.35,"d":"$4.35000"},{"v":124.41,"d":"$124.41000"}]
[null,432,"SUMINISTRO E INSTALACION DE TAPA DE H.A. (700x700)mm","u",{"v":14,"d":"14.00000"},{"v":164.6,"d":"$164.60000"},{"v":2304.4,"d":"$2,304.40000"}]
[null,433,"SUMINISTRO E INSTALACION DE HIDRANTE TIPO TRAFICO D=110 mm (INCLUYE ACCESORIOS)","u",{"v":3,"d":"3.00000"},{"v":1385.04,"d":"$1,385.04000"},{"v":4155.12,"d":"$4,155.12000"}]
[null,434,"SUMINISTRO E INSTALACION DE TRAMO DE TUBERIA PVC/UE D = 110 mm 0.80 MPA (INCLUYE UNION ELASTOMERICA)","m",{"v":4,"d":"4.00000"},{"v":12.71,"d":"$12.71000"},{"v":50.84,"d":"$50.84000"}]
[null,435,"SUMINISTRO E INSTALACION DE REDUCTOR PVC/UE 110 A 90 mm","u",{"v":6,"d":"6.00000"},{"v":23.04,"d":"$23.04000"},{"v":138.24,"d":"$138.24000"}]
[null,436,"SUMINISTRO E INSTALACION DE UNION MECANICA 90mm","u",{"v":6,"d":"6.00000"},{"v":66.19,"d":"$66.19000"},{"v":397.14,"d":"$397.14000"}]
[null,437,"SUMINISTRO E INSTALACION DE VALVULA COMPUERTA VASTAGO FIJO EXTREMOS LISOS D=110 mm PN10 (INCLUYE CAJETIN)","u",{"v":3,"d":"3.00000"},{"v":649.08,"d":"$649.08000"},{"v":1947.2400000000002,"d":"$1,947.24000"}]
[null,438,"SUMINISTRO E INSTALACION DE TAPA DE HF 3\"","u",{"v":3,"d":"3.00000"},{"v":50.55,"d":"$50.55000"},{"v":151.64999999999998,"d":"$151.65000"}]
[null,439,"SUMINISTRO E INSTALACION DE CODO 45' PVC 110 mm UZ","u",{"v":6,"d":"6.00000"},{"v":23.83,"d":"$23.83000"},{"v":142.98,"d":"$142.98000"}]
[null,440,"SUMINISTRO E INSTALACION DE TEE PVC/UE D = 90 mm","u",{"v":3,"d":"3.00000"},{"v":34.38,"d":"$34.38000"},{"v":103.14000000000001,"d":"$103.14000"}]
[null,441,"SUMINISTRO E INSTALACION DE TEE PVC/UE D = 110 mm","u",{"v":3,"d":"3.00000"},{"v":40.51,"d":"$40.51000"},{"v":121.53,"d":"$121.53000"}]
[null,442,"HORMIGON PREMEZCLADO F´C=180 Kg/cm2, PARA BLOQUES DE ANCLAJES","m3",{"v":0.9,"d":"0.90000"},{"v":188.57,"d":"$188.57000"},{"v":169.713,"d":"$169.71300"}]
[null,443,"SUMINISTRO E INSTALACION DE CAJETIN DE HORMIGON PARA VALVULA","u",{"v":3,"d":"3.00000"},{"v":82.08,"d":"$82.08000"},{"v":246.24,"d":"$246.24000"}]
[null,444,"SUMINISTRO E INSTALACION DE MEDIDOR 1/2\" R100 CHORRO UNICO - REGISTRO COBRE VIDRIO, INCLUYE CAJA DE POLIPROPILENO","u",{"v":28,"d":"28.00000"},{"v":79.43,"d":"$79.43000"},{"v":2224.04,"d":"$2,224.04000"}]
[null,445,"SUMINISTRO E INSTALACION DE MEDIDOR 1\" R160 VOLUMETRICO - REGISTRO COBRE VIDRIO, INCLUYE CAJA DE POLIPROPILENO","u",{"v":1,"d":"1.00000"},{"v":466.48,"d":"$466.48000"},{"v":466.48,"d":"$466.48000"}]
[null,446,"ACERO DE REFUERZO EN BARRAS FY=4200 Kg/cm2","Kg",{"v":7970,"d":"7,970.00000"},{"v":2.32,"d":"$2.32000"},{"v":18490.399999999998,"d":"$18,490.40000"}]
[null,447,"HORMIGON PREMEZCLADO F´C=280 Kg/cm2 INCLUYE ENCOFRADO","m3",{"v":63.2,"d":"63.20000"},{"v":362.88,"d":"$362.88000"},{"v":22934.016,"d":"$22,934.01600"}]
[null,448,"REPLANTEO DE TUBERIAS","m",{"v":663,"d":"663.00000"},{"v":0.64,"d":"$0.64000"},{"v":424.32,"d":"$424.32000"}]
[null,449,"EXCAVACION MECANICA EN SUELO SIN CLASIFICAR 0,00 < H < 2,00m","m3",{"v":440,"d":"440.00000"},{"v":3.84,"d":"$3.84000"},{"v":1689.6,"d":"$1,689.60000"}]
[null,450,"DESALOJO DEL MATERIAL SOBRANTE (BOTADERO MUNICIPAL)","m3",{"v":293.61,"d":"293.61000"},{"v":3.5,"d":"$3.50000"},{"v":1027.635,"d":"$1,027.63500"}]
[null,451,"CAMA DE ARENA PARA PROTECCION DE TUBERIAS","m3",{"v":83.63,"d":"83.63000"},{"v":28.83,"d":"$28.83000"},{"v":2411.0528999999997,"d":"$2,411.05290"}]
[null,452,"RELLENO COMPACTADO CON VIBROAPISONADOR, MATERIAL DE SITIO","m3",{"v":162.88,"d":"162.88000"},{"v":4.35,"d":"$4.35000"},{"v":708.5279999999999,"d":"$708.52800"}]
[null,453,"SUMINISTRO E INSTALACION DE MATERIAL SUB-BASE CLASE 1A (INCLUYE TENDIDO CONFORMACION, COMPACTACION Y TRANSPORTE)","m3",{"v":31.94,"d":"31.94000"},{"v":19.99,"d":"$19.99000"},{"v":638.4806,"d":"$638.48060"}]
[null,454,"SUMINISTRO E INSTALACION DE MATERIAL BASE CLASE 1A (INCLUYE TENDIDO, CONFORMACION, COMPACTACION Y TRANSPORTE)","m3",{"v":15.97,"d":"15.97000"},{"v":30.49,"d":"$30.49000"},{"v":486.9253,"d":"$486.92530"}]
[null,455,"SUMINISTRO E INSTALACION DE MATERIAL GRANULAR (INCLUYE TENDIDO CONFORMACION Y COMPACTACION)","m3",{"v":87.13,"d":"87.13000"},{"v":23.54,"d":"$23.54000"},{"v":2051.0402,"d":"$2,051.04020"}]
[null,456,"SUMINISTRO E INSTALACION DE PIEDRA 3/4\" (INCLUYE TENDIDO CONFORMACION Y COMPACTACION)","m3",{"v":21.78,"d":"21.78000"},{"v":23.02,"d":"$23.02000"},{"v":501.3756,"d":"$501.37560"}]
[null,457,"PERFILADA DE ACERA","m",{"v":83,"d":"83.00000"},{"v":3.42,"d":"$3.42000"},{"v":283.86,"d":"$283.86000"}]
[null,458,"ROTURA Y DESALOJO DE ACERAS","m2",{"v":58.14,"d":"58.14000"},{"v":6.89,"d":"$6.89000"},{"v":400.58459999999997,"d":"$400.58460"}]
[null,459,"REPOSICION DE ACERA F´C=210 Kg/cm2, E=10 cm","m2",{"v":58.14,"d":"58.14000"},{"v":22.27,"d":"$22.27000"},{"v":1294.7778,"d":"$1,294.77780"}]
[null,460,"PERFILADA DE HORMIGON EN CALLES","m",{"v":282,"d":"282.00000"},{"v":3.6,"d":"$3.60000"},{"v":1015.2,"d":"$1,015.20000"}]
[null,461,"ROTURA Y DESALOJO DE HORMIGON EN CALLES","m2",{"v":159.68,"d":"159.68000"},{"v":2.75,"d":"$2.75000"},{"v":439.12,"d":"$439.12000"}]
[null,462,"HORMIGON PAVIMENTADO 4.5 MPA PARA CALLES (INCLUIDO CURADO Y JUNTAS)","m3",{"v":43.56,"d":"43.56000"},{"v":302.06,"d":"$302.06000"},{"v":13157.733600000001,"d":"$13,157.73360"}]
[null,463,"SUMINISTRO DE TUBERIA PVC LISA DI=50 mm","m",{"v":100,"d":"100.00000"},{"v":2.52,"d":"$2.52000"},{"v":252,"d":"$252.00000"}]
[null,464,"INSTALACION DE TUBERIA PVC LISA DI=50 mm","m",{"v":100,"d":"100.00000"},{"v":6.13,"d":"$6.13000"},{"v":613,"d":"$613.00000"}]
[null,465,"SUMINISTRO DE TUBERIA PVC LISA DI=110 mm","m",{"v":270,"d":"270.00000"},{"v":5.87,"d":"$5.87000"},{"v":1584.9,"d":"$1,584.90000"}]
[null,466,"INSTALACION DE TUBERIA PVC LISA DI=110 mm","m",{"v":270,"d":"270.00000"},{"v":6.13,"d":"$6.13000"},{"v":1655.1,"d":"$1,655.10000"}]
[null,467,"SUMINISTRO DE TUBERIA PVC ESTRUCTURADA DI=160 mm (DN175) NORMA NTE INEN 2059","m",{"v":80,"d":"80.00000"},{"v":11.26,"d":"$11.26000"},{"v":900.8,"d":"$900.80000"}]
[null,468,"INSTALACION DE TUBERIA PVC ESTRUCTURADA DI=160 mm (DN175) NORMA NTE INEN 2059","m",{"v":80,"d":"80.00000"},{"v":3.86,"d":"$3.86000"},{"v":308.8,"d":"$308.80000"}]
[null,469,"SUMINISTRO DE TUBERIA PVC ESTRUCTURADA DI = 200 mm (DN220) NORMA NTE INEN 2059","m",{"v":180,"d":"180.00000"},{"v":19.4,"d":"$19.40000"},{"v":3491.9999999999995,"d":"$3,492.00000"}]
[null,470,"INSTALACION DE TUBERIA PVC ESTRUCTURADA DI = 200 mm (DN220) NORMA NTE INEN 2059","m",{"v":200,"d":"200.00000"},{"v":5.79,"d":"$5.79000"},{"v":1158,"d":"$1,158.00000"}]
[null,471,"PRUEBA DE ESTANQUEIDAD Y ESCURRIMIENTO","m",{"v":600,"d":"600.00000"},{"v":4.65,"d":"$4.65000"},{"v":2790,"d":"$2,790.00000"}]
[null,472,"COLGADOR PARA TUBERIA 2 IN","u",{"v":53,"d":"53.00000"},{"v":2.57,"d":"$2.57000"},{"v":136.20999999999998,"d":"$136.21000"}]
[null,473,"COLGADOR PARA TUBERIA 4 IN","u",{"v":137,"d":"137.00000"},{"v":4,"d":"$4.00000"},{"v":548,"d":"$548.00000"}]
[null,474,"COLGADOR PARA TUBERIA 6 IN","u",{"v":42,"d":"42.00000"},{"v":5.7565,"d":"$5.75650"},{"v":241.773,"d":"$241.77300"}]
[null,475,"SUMINISTRO E INSTALACION DE CAJA DOMICILIARIA ALINEADA D=175mm (INCLUYE TAPA)","u",{"v":12,"d":"12.00000"},{"v":215.44,"d":"$215.44000"},{"v":2585.2799999999997,"d":"$2,585.28000"}]
[null,476,"SUMINISTRO E INSTALACION DE CAJA DOMICILIARIA CIEGA D=175mm (INCLUYE TAPA)","u",{"v":3,"d":"3.00000"},{"v":215.44,"d":"$215.44000"},{"v":646.3199999999999,"d":"$646.32000"}]
[null,477,"SUMINISTRO E INSTALACION DE CAJA DOMICILIARIA DE H.A. ESQUINA, H<2.50m (INCLUYE TAPA)","u",{"v":7,"d":"7.00000"},{"v":380.24,"d":"$380.24000"},{"v":2661.6800000000003,"d":"$2,661.68000"}]
[null,478,"SUMINISTRO E INSTALACION DE CAJA DOMICILIARIA RED INTERNA MALECON D=175mm (INCLUYE TAPA) H=0.6m 0.7x0.7x0.6m","u",{"v":27,"d":"27.00000"},{"v":215.93,"d":"$215.93000"},{"v":5830.110000000001,"d":"$5,830.11000"}]
[null,479,"SUMINISTRO E INSTALACION DE YEE DESAGUE EC 110mm","u",{"v":17,"d":"17.00000"},{"v":10.4,"d":"$10.40000"},{"v":176.8,"d":"$176.80000"}]
[null,480,"SUMINISTRO E INSTALACION DE CODO DESAGUE EC 110mmX45'","u",{"v":60,"d":"60.00000"},{"v":9.75,"d":"$9.75000"},{"v":585,"d":"$585.00000"}]
[null,481,"SUMINISTRO E INSTALACION DE YEE REDUCTORA DE DESAGUE DE 110 A 50mm","u",{"v":19,"d":"19.00000"},{"v":9.45,"d":"$9.45000"},{"v":179.54999999999998,"d":"$179.55000"}]
[null,482,"SUMINISTRO E INSTALACION DE CODO DESAGUE EC 110mmX90'","u",{"v":28,"d":"28.00000"},{"v":8.02,"d":"$8.02000"},{"v":224.56,"d":"$224.56000"}]
[null,483,"SUMINISTRO E INSTALACION DE TEE DESAGUE EC D=110mm","u",{"v":4,"d":"4.00000"},{"v":9.62,"d":"$9.62000"},{"v":38.48,"d":"$38.48000"}]
[null,484,"SUMINISTRO E INSTALACION DE REDUCTOR DESAGUE EC 110 A 50mm","u",{"v":14,"d":"14.00000"},{"v":7.79,"d":"$7.79000"},{"v":109.06,"d":"$109.06000"}]
[null,485,"SUMINISTRO E INSTALACION DE YEE DESAGUE EC 50mm","u",{"v":58,"d":"58.00000"},{"v":4.56,"d":"$4.56000"},{"v":264.47999999999996,"d":"$264.48000"}]
[null,486,"SUMINISTRO E INSTALACION DE CODO DESAGUE EC 50mmX45'","u",{"v":105,"d":"105.00000"},{"v":3.62,"d":"$3.62000"},{"v":380.1,"d":"$380.10000"}]
[null,487,"SUMINISTRO E INSTALACION DE CODO DESAGUE EC 50mmX90'","u",{"v":64,"d":"64.00000"},{"v":4.55,"d":"$4.55000"},{"v":291.2,"d":"$291.20000"}]
[null,488,"SUMINISTRO E INSTALACION DE SIFON DESAGUE EC 110mm","u",{"v":33,"d":"33.00000"},{"v":16.65,"d":"$16.65000"},{"v":549.4499999999999,"d":"$549.45000"}]
[null,489,"SUMINISTRO E INSTALACION DE REJILLA CROMADA DE 2\" PARA PISO","u",{"v":33,"d":"33.00000"},{"v":6.34,"d":"$6.34000"},{"v":209.22,"d":"$209.22000"}]
[null,490,"SUMINISTRO DE TUBERIA PVC LISA DI=50 mm","m",{"v":190,"d":"190.00000"},{"v":2.52,"d":"$2.52000"},{"v":478.8,"d":"$478.80000"}]
[null,491,"INSTALACION DE TUBERIA PVC LISA DI=50 mm","m",{"v":190,"d":"190.00000"},{"v":6.13,"d":"$6.13000"},{"v":1164.7,"d":"$1,164.70000"}]
[null,492,"SUMINISTRO DE TUBERIA PVC LISA DI=110 mm","m",{"v":220,"d":"220.00000"},{"v":5.87,"d":"$5.87000"},{"v":1291.4,"d":"$1,291.40000"}]
[null,493,"INSTALACION DE TUBERIA PVC LISA DI=110 mm","m",{"v":220,"d":"220.00000"},{"v":6.13,"d":"$6.13000"},{"v":1348.6,"d":"$1,348.60000"}]
[null,494,"COLGADOR PARA TUBERIA 2 IN","u",{"v":98,"d":"98.00000"},{"v":2.57,"d":"$2.57000"},{"v":251.85999999999999,"d":"$251.86000"}]
[null,495,"COLGADOR PARA TUBERIA 4 IN","u",{"v":78,"d":"78.00000"},{"v":4,"d":"$4.00000"},{"v":312,"d":"$312.00000"}]
[null,496,"INODOROS CON FLUXOMETRO (INCLUYE ACCESORIOS)","u",{"v":23,"d":"23.00000"},{"v":402.63,"d":"$402.63000"},{"v":9260.49,"d":"$9,260.49000"}]
[null,497,"URINARIO CON FLUXOMETRO (INCLUYE ACCESORIOS)","u",{"v":11,"d":"11.00000"},{"v":335.87,"d":"$335.87000"},{"v":3694.57,"d":"$3,694.57000"}]
[null,498,"LAVAPLATOS DE DOS POZOS PROFUNDOS (INCLUYE ACCESORIOS)","u",{"v":23,"d":"23.00000"},{"v":167.98,"d":"$167.98000"},{"v":3863.54,"d":"$3,863.54000"}]
[null,499,"LAVAMANOS DE EMPOTRAR CON GRIFERIA PRESSMATIC (INCLUYE ACCESORIOS)","u",{"v":25,"d":"25.00000"},{"v":194.44,"d":"$194.44000"},{"v":4861,"d":"$4,861.00000"}]
[null,500,"CAJA DE REGISTRO PARA AA.SS. EDIFICACIONES DE H.A., F´C= 210 Kg/cm2; H<1.00m (0.60x0.60)m","u",{"v":33,"d":"33.00000"},{"v":171.7,"d":"$171.70000"},{"v":5666.099999999999,"d":"$5,666.10000"}]
[null,501,"SUMINISTRO E INSTALACION DE CODO VENTILACION EC 50mmX90'","u",{"v":51,"d":"51.00000"},{"v":4.55,"d":"$4.55000"},{"v":232.04999999999998,"d":"$232.05000"}]
[null,502,"SUMINISTRO E INSTALACION DE YEE REDUCTORA VENTILACION 110 A 50mm","u",{"v":24,"d":"24.00000"},{"v":9.45,"d":"$9.45000"},{"v":226.79999999999998,"d":"$226.80000"}]
[null,503,"SUMINISTRO E INSTALACION DE TEE VENTILACION EC D=50mm","u",{"v":76,"d":"76.00000"},{"v":4.73,"d":"$4.73000"},{"v":359.48,"d":"$359.48000"}]
[null,504,"SUMINISTRO E INSTALACION DE CODO VENTILACION EC 50mmX45' ","u",{"v":4,"d":"4.00000"},{"v":3.08,"d":"$3.08000"},{"v":12.32,"d":"$12.32000"}]
[null,505,"SUMINISTRO DE TUBERIA DE VENTILACION PVC EC DI=50mm","m",{"v":170,"d":"170.00000"},{"v":1.68,"d":"$1.68000"},{"v":285.59999999999997,"d":"$285.60000"}]
[null,506,"INSTALACION DE TUBERIA DE VENTILACION PVC EC DI=50mm","m",{"v":170,"d":"170.00000"},{"v":5.34,"d":"$5.34000"},{"v":907.8,"d":"$907.80000"}]
[null,507,"EXCAVACION MECANICA EN SUELO SIN CLASIFICAR 0,00 < H < 2,00m","m3",{"v":84.5,"d":"84.50000"},{"v":3.84,"d":"$3.84000"},{"v":324.47999999999996,"d":"$324.48000"}]
[null,508,"DESALOJO DEL MATERIAL SOBRANTE (BOTADERO MUNICIPAL)","m3",{"v":84.5,"d":"84.50000"},{"v":3.5,"d":"$3.50000"},{"v":295.75,"d":"$295.75000"}]
[null,509,"EXCAVACION MECANICA EN SUELO SIN CLASIFICAR 0,00 < H < 2,00m","m3",{"v":37.56,"d":"37.56000"},{"v":3.84,"d":"$3.84000"},{"v":144.2304,"d":"$144.23040"}]
[null,510,"DESALOJO DEL MATERIAL SOBRANTE (BOTADERO MUNICIPAL)","m3",{"v":37.56,"d":"37.56000"},{"v":3.5,"d":"$3.50000"},{"v":131.46,"d":"$131.46000"}]
[null,511,"RELLENO COMPACTADO CON COMPACTADOR MANUAL DE MATERIAL IMPORTADO (INCLUYE TRANSPORTE)","m3",{"v":6,"d":"6.00000"},{"v":20.66,"d":"$20.66000"},{"v":123.96000000000001,"d":"$123.96000"}]
[null,512,"SUMINISTRO E INSTALACION DE CAMARA DE INSPECCION TIPO II DE HORMIGON ARMADO","u",{"v":3,"d":"3.00000"},{"v":2335.47,"d":"$2,335.47000"},{"v":7006.41,"d":"$7,006.41000"}]
[null,513,"SUMINISTRO E INSTALACION DE TAPA DE HD (D600) - INEN NTE 2496","u",{"v":3,"d":"3.00000"},{"v":267.29,"d":"$267.29000"},{"v":801.8700000000001,"d":"$801.87000"}]
[null,514,"REPLANTEO DE TUBERIAS","m",{"v":280,"d":"280.00000"},{"v":0.64,"d":"$0.64000"},{"v":179.20000000000002,"d":"$179.20000"}]
[null,515,"EXCAVACION MECANICA EN SUELO SIN CLASIFICAR 0,00 < H < 2,00m","m3",{"v":843.38,"d":"843.38000"},{"v":3.84,"d":"$3.84000"},{"v":3238.5791999999997,"d":"$3,238.57920"}]
[null,516,"DESALOJO DEL MATERIAL SOBRANTE (BOTADERO MUNICIPAL)","m3",{"v":830.45,"d":"830.45000"},{"v":3.5,"d":"$3.50000"},{"v":2906.5750000000003,"d":"$2,906.57500"}]
[null,517,"CAMA DE ARENA PARA PROTECCION DE TUBERIAS","m3",{"v":184.59,"d":"184.59000"},{"v":28.83,"d":"$28.83000"},{"v":5321.7297,"d":"$5,321.72970"}]
[null,518,"RELLENO COMPACTADO CON VIBROAPISONADOR, MATERIAL DE SITIO","m3",{"v":12.93,"d":"12.93000"},{"v":4.35,"d":"$4.35000"},{"v":56.24549999999999,"d":"$56.24550"}]
[null,519,"RELLENO COMPACTADO CON COMPACTADOR MANUAL DE MATERIAL IMPORTADO (INCLUYE TRANSPORTE)","m3",{"v":189.14,"d":"189.14000"},{"v":20.66,"d":"$20.66000"},{"v":3907.6324,"d":"$3,907.63240"}]
[null,520,"SUMINISTRO E INSTALACION DE MATERIAL SUB-BASE CLASE 1A (INCLUYE TENDIDO CONFORMACION, COMPACTACION Y TRANSPORTE)","m3",{"v":96.16,"d":"96.16000"},{"v":19.99,"d":"$19.99000"},{"v":1922.2383999999997,"d":"$1,922.23840"}]
[null,521,"SUMINISTRO E INSTALACION DE MATERIAL BASE CLASE 1A (INCLUYE TENDIDO, CONFORMACION, COMPACTACION Y TRANSPORTE)","m3",{"v":64.12,"d":"64.12000"},{"v":30.49,"d":"$30.49000"},{"v":1955.0188,"d":"$1,955.01880"}]
[null,522,"SUMINISTRO E INSTALACION DE MATERIAL GRANULAR (INCLUYE TENDIDO CONFORMACION Y COMPACTACION)","m3",{"v":128.22,"d":"128.22000"},{"v":23.54,"d":"$23.54000"},{"v":3018.2988,"d":"$3,018.29880"}]
[null,523,"SUMINISTRO E INSTALACION DE PIEDRA 3/4\" (INCLUYE TENDIDO CONFORMACION Y COMPACTACION)","m3",{"v":30.46,"d":"30.46000"},{"v":23.02,"d":"$23.02000"},{"v":701.1892,"d":"$701.18920"}]
[null,524,"PERFILADA DE HORMIGON EN CALLES","m",{"v":280,"d":"280.00000"},{"v":3.6,"d":"$3.60000"},{"v":1008,"d":"$1,008.00000"}]
[null,525,"ROTURA Y DESALOJO DE HORMIGON EN CALLES","m2",{"v":320.57,"d":"320.57000"},{"v":2.75,"d":"$2.75000"},{"v":881.5675,"d":"$881.56750"}]
[null,526,"HORMIGON PAVIMENTADO 4.5 MPA PARA CALLES (INCLUIDO CURADO Y JUNTAS)","m3",{"v":60.91,"d":"60.91000"},{"v":302.06,"d":"$302.06000"},{"v":18398.474599999998,"d":"$18,398.47460"}]
[null,527,"SUMINISTRO DE TUBERIA PVC ESTRUCTURADA DI=250 mm (DN275) NORMA NTE INEN 2059","m",{"v":20,"d":"20.00000"},{"v":15.62,"d":"$15.62000"},{"v":312.4,"d":"$312.40000"}]
[null,528,"INSTALACION DE TUBERIA PVC ESTRUCTURADA DI=250 mm (DN275) NORMA NTE INEN 2059","m",{"v":20,"d":"20.00000"},{"v":5.79,"d":"$5.79000"},{"v":115.8,"d":"$115.80000"}]
[null,529,"SUMINISTRO DE TUBERIA PVC ESTRUCTURADA DI= 500mm (DN540) NORMA NTE INEN 2059","m",{"v":55,"d":"55.00000"},{"v":97.34,"d":"$97.34000"},{"v":5353.7,"d":"$5,353.70000"}]
[null,530,"INSTALACION DE TUBERIA PVC ESTRUCTURADA DI= 500mm (DN540) NORMA NTE INEN 2059","m",{"v":55,"d":"55.00000"},{"v":20.3,"d":"$20.30000"},{"v":1116.5,"d":"$1,116.50000"}]
[null,531,"SUMINISTRO DE TUBERIA PVC ESTRUCTURADA DI= 600 mm (DN650) NORMA NTE INEN 2059","m",{"v":95,"d":"95.00000"},{"v":134.06,"d":"$134.06000"},{"v":12735.7,"d":"$12,735.70000"}]
[null,532,"INSTALACION DE TUBERIA PVC ESTRUCTURADA DI= 600 mm (DN650) NORMA NTE INEN 2059","m",{"v":95,"d":"95.00000"},{"v":22.55,"d":"$22.55000"},{"v":2142.25,"d":"$2,142.25000"}]
[null,533,"SUMINISTRO DE TUBERIA PVC ESTRUCTURADA DI= 700 mm (DN740) NORMA NTE INEN 2059","m",{"v":105,"d":"105.00000"},{"v":177.22,"d":"$177.22000"},{"v":18608.1,"d":"$18,608.10000"}]
[null,534,"INSTALACION DE TUBERIA PVC ESTRUCTURADA DI = 700 mm (DN740) NORMA NTE INEN 2059","m",{"v":105,"d":"105.00000"},{"v":24.81,"d":"$24.81000"},{"v":2605.0499999999997,"d":"$2,605.05000"}]
[null,535,"PRUEBA DE ESTANQUEIDAD Y ESCURRIMIENTO","m",{"v":250,"d":"250.00000"},{"v":4.65,"d":"$4.65000"},{"v":1162.5,"d":"$1,162.50000"}]
[null,536,"EXCAVACION A MANO","m3",{"v":3.12,"d":"3.12000"},{"v":12.23,"d":"$12.23000"},{"v":38.1576,"d":"$38.15760"}]
[null,537,"DESALOJO DEL MATERIAL SOBRANTE (BOTADERO MUNICIPAL)","m3",{"v":2.28,"d":"2.28000"},{"v":3.5,"d":"$3.50000"},{"v":7.9799999999999995,"d":"$7.98000"}]
[null,538,"RELLENO COMPACTADO CON VIBROAPISONADOR, MATERIAL DE SITIO","m3",{"v":0.84,"d":"0.84000"},{"v":4.35,"d":"$4.35000"},{"v":3.6539999999999995,"d":"$3.65400"}]
[null,539,"HORMIGON PREMEZCLADO F´C=210 Kg/cm2 INCLUYE ENCOFRADO","m3",{"v":3.3,"d":"3.30000"},{"v":226.64,"d":"$226.64000"},{"v":747.9119999999999,"d":"$747.91200"}]
[null,540,"HORMIGON PREMEZCLADO F'C=180 Kg/cm2 PARA REPLANTILLO INCLUYE ENCOFRADO","m3",{"v":0.18,"d":"0.18000"},{"v":201.04,"d":"$201.04000"},{"v":36.1872,"d":"$36.18720"}]
[null,541,"ACERO DE REFUERZO EN BARRAS FY=4200 Kg/cm2","Kg",{"v":424.79,"d":"424.79000"},{"v":2.32,"d":"$2.32000"},{"v":985.5128,"d":"$985.51280"}]
[null,542,"SUMINISTRO E INSTALACION DE REJILLA DE HD TIPO II 0.70x0.60m","u",{"v":6,"d":"6.00000"},{"v":197.53,"d":"$197.53000"},{"v":1185.18,"d":"$1,185.18000"}]
[null,543,"EXCAVACION MECANICA EN SUELO SIN CLASIFICAR 0,00 < H < 2,00m","m3",{"v":59.2,"d":"59.20000"},{"v":3.84,"d":"$3.84000"},{"v":227.328,"d":"$227.32800"}]
[null,544,"DESALOJO DEL MATERIAL SOBRANTE (BOTADERO MUNICIPAL)","m3",{"v":59.2,"d":"59.20000"},{"v":3.5,"d":"$3.50000"},{"v":207.20000000000002,"d":"$207.20000"}]
[null,545,"RELLENO COMPACTADO CON COMPACTADOR MANUAL DE MATERIAL IMPORTADO (INCLUYE TRANSPORTE)","m3",{"v":49.33,"d":"49.33000"},{"v":20.66,"d":"$20.66000"},{"v":1019.1578,"d":"$1,019.15780"}]
[null,546,"HORMIGON PREMEZCLADO F'C=180 Kg/cm2 PARA REPLANTILLO INCLUYE ENCOFRADO","m3",{"v":3.91,"d":"3.91000"},{"v":201.04,"d":"$201.04000"},{"v":786.0664,"d":"$786.06640"}]
[null,547,"HORMIGON PREMEZCLADO F´C=280 Kg/cm2 CON IMPERMEABILIZANTE (INCLUYE ENCOFRADO)","m3",{"v":28.61,"d":"28.61000"},{"v":310.94,"d":"$310.94000"},{"v":8895.9934,"d":"$8,895.99340"}]
[null,548,"ACERO DE REFUERZO EN BARRAS FY=4200 Kg/cm2","Kg",{"v":3453.57,"d":"3,453.57000"},{"v":2.32,"d":"$2.32000"},{"v":8012.2824,"d":"$8,012.28240"}]
[null,549,"SUMINISTRO E INSTALACION DE VALVULA DE CLAPETA DE DESCARGA D=600mm (INCLUYE ACCESORIOS)","u",{"v":1,"d":"1.00000"},{"v":3700.93,"d":"$3,700.93000"},{"v":3700.93,"d":"$3,700.93000"}]
[null,550,"SUMINISTRO E INSTALACION DE VALVULA DE CLAPETA DE DESCARGA D=700mm (INCLUYE ACCESORIOS)","u",{"v":2,"d":"2.00000"},{"v":4333.75,"d":"$4,333.75000"},{"v":8667.5,"d":"$8,667.50000"}]
[null,551,"SUMINISTRO E INSTALACION DE VALVULA DE CLAPETA DE DESCARGA D=1200mm (INCLUYE ACCESORIOS)","u",{"v":1,"d":"1.00000"},{"v":9511.39,"d":"$9,511.39000"},{"v":9511.39,"d":"$9,511.39000"}]
[null,552,"HORMIGON PREMEZCLADO F´C=280 Kg/cm2 CON IMPERMEABILIZANTE (INCLUYE ENCOFRADO)","m3",{"v":18.63,"d":"18.63000"},{"v":310.94,"d":"$310.94000"},{"v":5792.812199999999,"d":"$5,792.81220"}]
[null,553,"MALLA ELECTROSOLDADA 15x15 - 5,5mm","m2",{"v":414,"d":"414.00000"},{"v":6.03,"d":"$6.03000"},{"v":2496.42,"d":"$2,496.42000"}]
[null,554,"SUMINISTRO E INSTALACION DE REJILLA DE HD TIPO I  0.70x0.40m","u",{"v":296,"d":"296.00000"},{"v":148.42,"d":"$148.42000"},{"v":43932.32,"d":"$43,932.32000"}]
[null,555,"SUMINISTRO E INSTALACION DE PERFIL ESTRUCTURAL L 50X3","m",{"v":207,"d":"207.00000"},{"v":16.23,"d":"$16.23000"},{"v":3359.61,"d":"$3,359.61000"}]
[null,556,"SUMINISTRO DE TUBERIA PVC ESTRUCTURADA DI=160 mm (DN175) NORMA NTE INEN 2059","m",{"v":57,"d":"57.00000"},{"v":11.26,"d":"$11.26000"},{"v":641.8199999999999,"d":"$641.82000"}]
[null,557,"INSTALACION DE TUBERIA PVC ESTRUCTURADA DI=160 mm (DN175) NORMA NTE INEN 2059","m",{"v":50,"d":"50.00000"},{"v":3.86,"d":"$3.86000"},{"v":193,"d":"$193.00000"}]
[null,558,"SUMINISTRO E INSTALACION DE EXTINTOR TIPO A","u",{"v":5,"d":"5.00000"},{"v":237.71,"d":"$237.71000"},{"v":1188.55,"d":"$1,188.55000"}]
[null,559,"SUMINISTRO E INSTALACIÓN DE LETRERO PROHIBIDO FUMAR","u",{"v":5,"d":"5.00000"},{"v":7.57,"d":"$7.57000"},{"v":37.85,"d":"$37.85000"}]
[null,560,"SUMINISTRO E INSTALACION DE ALARMA CONTRAINCENDIO","u",{"v":22,"d":"22.00000"},{"v":316.71,"d":"$316.71000"},{"v":6967.62,"d":"$6,967.62000"}]
[null,561,"SUMINISTRO E INSTALACION DE LETRERO PROHIBIDO HACER FUEGO","u",{"v":5,"d":"5.00000"},{"v":7.63,"d":"$7.63000"},{"v":38.15,"d":"$38.15000"}]
[null,562,"SUMINISTRO E INSTALACION DE DETECTOR DE HUMO","u",{"v":5,"d":"5.00000"},{"v":51.03,"d":"$51.03000"},{"v":255.15,"d":"$255.15000"}]
[null,563,"SUMINISTRO E INSTALACION DE LETRERO SALIDA ESCALERA DERECHA ABAJO","u",{"v":2,"d":"2.00000"},{"v":7.68,"d":"$7.68000"},{"v":15.36,"d":"$15.36000"}]
[null,564,"SUMINISTRO E INSTALACION DE BOTIQUIN DE PRIMEROS AUXILIOS","u",{"v":15,"d":"15.00000"},{"v":54.31,"d":"$54.31000"},{"v":814.6500000000001,"d":"$814.65000"}]
[null,565,"SUMINISTRO E INSTALACION DE LETRERO PUNTO DE ENCUENTRO","u",{"v":12,"d":"12.00000"},{"v":7.73,"d":"$7.73000"},{"v":92.76,"d":"$92.76000"}]
[null,566,"SUMINISTRO E INSTALACION DE LETRERO SALIDA","u",{"v":11,"d":"11.00000"},{"v":7.79,"d":"$7.79000"},{"v":85.69,"d":"$85.69000"}]
[null,567,"SUMINISTRO E INSTALACION DE LUZ DE EMERGENCIA","u",{"v":36,"d":"36.00000"},{"v":68.91,"d":"$68.91000"},{"v":2480.7599999999998,"d":"$2,480.76000"}]
[null,568,"SUMINISTRO E INSTALACION DE EXTINTOR TIPO K","u",{"v":15,"d":"15.00000"},{"v":521.31,"d":"$521.31000"},{"v":7819.65,"d":"$7,819.65000"}]
[null,569,"SUMINISTRO E INSTALACION DE TUBERIA ACERO ASTM A36  D=40mm","m",{"v":11,"d":"11.00000"},{"v":10.88,"d":"$10.88000"},{"v":119.68,"d":"$119.68000"}]
[null,570,"SUMINISTRO E INSTALACION DE CODO ACERO ASTM A36 D = 40mmX90'","u",{"v":3,"d":"3.00000"},{"v":10.1,"d":"$10.10000"},{"v":30.299999999999997,"d":"$30.30000"}]
[null,571,"SUMINISTRO E INSTALACION DE BRIDA DE ACERO AL CARBONO ASTM A-105 DN 40mm","u",{"v":8,"d":"8.00000"},{"v":45.52,"d":"$45.52000"},{"v":364.16,"d":"$364.16000"}]
[null,572,"SUMINISTRO E INSTALACION DE BOMBA CENTRIFUGA TDH=37.1m, Q=8.61 L/S (INCLUYE ACCESORIOS)","u",{"v":2,"d":"2.00000"},{"v":3056.96,"d":"$3,056.96000"},{"v":6113.92,"d":"$6,113.92000"}]
[null,573,"SUMINISTRO E INSTALACION DE REDUCTOR ACERO ASTM A36 50 A 40mm","u",{"v":1,"d":"1.00000"},{"v":17.27,"d":"$17.27000"},{"v":17.27,"d":"$17.27000"}]
[null,574,"SUMINISTRO E INSTALACION DE BRIDA DE ACERO AL CARBONO ASTM A-105 DN 50mm","u",{"v":1,"d":"1.00000"},{"v":55.12,"d":"$55.12000"},{"v":55.12,"d":"$55.12000"}]
[null,575,"SUMINISTRO E INSTALACION DE BRIDA DE ACERO AL CARBONO ASTM A-105 DN 40mm","u",{"v":1,"d":"1.00000"},{"v":45.52,"d":"$45.52000"},{"v":45.52,"d":"$45.52000"}]
[null,576,"SUMINISTRO E INSTALACION DE VALVULA COMPUERTA VASTAGO FIJO EXTREMOS BRIDADOS D=80mm PN10/16","u",{"v":1,"d":"1.00000"},{"v":381.56,"d":"$381.56000"},{"v":381.56,"d":"$381.56000"}]
[null,577,"SUMINISTRO E INSTALACION DE VALVULA CHECK BRIDADA DE H.D. TIPO SWING D=80mm PN10/16","u",{"v":1,"d":"1.00000"},{"v":284.35,"d":"$284.35000"},{"v":284.35,"d":"$284.35000"}]
[null,578,"SUMINISTRO E INSTALACION DE BRIDA DE ACERO AL CARBONO ASTM A-105 DN 80mm","u",{"v":2,"d":"2.00000"},{"v":101.92,"d":"$101.92000"},{"v":203.84,"d":"$203.84000"}]
[null,579,"SUMINISTRO E INSTALACION DE UNION UNIVERSAL DE HD DN80mm PN24","u",{"v":1,"d":"1.00000"},{"v":93.64,"d":"$93.64000"},{"v":93.64,"d":"$93.64000"}]
[null,580,"MANOMETRO VERTICAL 1/2\"","u",{"v":2,"d":"2.00000"},{"v":70.28,"d":"$70.28000"},{"v":140.56,"d":"$140.56000"}]
[null,581,"SUMINISTRO E INSTALACION DE VALVULA DE AIRE 3\" TRIPLE ACCION (INCLUYE ACCESORIOS)","u",{"v":2,"d":"2.00000"},{"v":931.51,"d":"$931.51000"},{"v":1863.02,"d":"$1,863.02000"}]
[null,582,"SUMINISTRO E INSTALACION DE BRIDA DE ACERO AL CARBONO ASTM A-105 DN 80mm","u",{"v":4,"d":"4.00000"},{"v":101.92,"d":"$101.92000"},{"v":407.68,"d":"$407.68000"}]
[null,583,"SUMINISTRO DE TUBERIA PVC LISA DI=75 mm (DESAGUE CISTERNA)","m",{"v":3,"d":"3.00000"},{"v":5.47,"d":"$5.47000"},{"v":16.41,"d":"$16.41000"}]
[null,584,"INSTALACION DE TUBERIA PVC LISA DI=75 mm (DESAGUE CISTERNA)","m",{"v":3,"d":"3.00000"},{"v":5.96,"d":"$5.96000"},{"v":17.88,"d":"$17.88000"}]
[null,585,"HORMIGON PREMEZCLADO F´C=180 Kg/cm2, PARA BLOQUES DE ANCLAJES","m3",{"v":0.1,"d":"0.10000"},{"v":188.57,"d":"$188.57000"},{"v":18.857,"d":"$18.85700"}]
[null,586,"SUMINISTRO E INSTALACION DE CODO 90' PP 2 1/2 IN ROSCABLE","u",{"v":2,"d":"2.00000"},{"v":26.56,"d":"$26.56000"},{"v":53.12,"d":"$53.12000"}]
[null,587,"SUMINISTRO DE TUBERIA PP UNION ROSCABLE DI=2 1/2 plg 1.25 MPA","m",{"v":6,"d":"6.00000"},{"v":20.59,"d":"$20.59000"},{"v":123.53999999999999,"d":"$123.54000"}]
[null,588,"INSTALACION DE TUBERIA PP UNION ROSCABLE DI=2 1/2 plg 1.25 MPA","m",{"v":6,"d":"6.00000"},{"v":6.13,"d":"$6.13000"},{"v":36.78,"d":"$36.78000"}]
[null,589,"COLGADOR PARA TUBERIA 2 1/2 IN","u",{"v":7,"d":"7.00000"},{"v":3.29,"d":"$3.29000"},{"v":23.03,"d":"$23.03000"}]
[null,590,"SUMINISTRO E INSTALACION DE TEE 2 1/2 IN PP ROSCABLE","u",{"v":1,"d":"1.00000"},{"v":7.89,"d":"$7.89000"},{"v":7.89,"d":"$7.89000"}]
[null,591,"ESCALERA DE ACERO INOXIDABLE","m",{"v":3,"d":"3.00000"},{"v":164.4,"d":"$164.40000"},{"v":493.20000000000005,"d":"$493.20000"}]
[null,592,"SUMINISTRO E INSTALACION DE VALVULA DE BOLA PVC D= 2 1/2 plg ROSCABLE","u",{"v":1,"d":"1.00000"},{"v":63.81,"d":"$63.81000"},{"v":63.81,"d":"$63.81000"}]
[null,593,"FLOTADOR DE NIVEL CISTERNA","u",{"v":1,"d":"1.00000"},{"v":41.56,"d":"$41.56000"},{"v":41.56,"d":"$41.56000"}]
[null,594,"SUMINISTRO E INSTALACION DE PASAMURO PARA TUBERIA DE H.F. 75mm, L=0.40m","u",{"v":3,"d":"3.00000"},{"v":105.29,"d":"$105.29000"},{"v":315.87,"d":"$315.87000"}]
[null,595,"SUMINISTRO E INSTALACION DE REDUCTOR ACERO ASTM A36 50 A 40mm","u",{"v":1,"d":"1.00000"},{"v":17.27,"d":"$17.27000"},{"v":17.27,"d":"$17.27000"}]
[null,596,"SUMINISTRO E INSTALACION DE BRIDA DE ACERO AL CARBONO ASTM A-105 DN 50mm","u",{"v":1,"d":"1.00000"},{"v":55.12,"d":"$55.12000"},{"v":55.12,"d":"$55.12000"}]
[null,597,"SUMINISTRO E INSTALACION DE BRIDA DE ACERO AL CARBONO ASTM A-105 DN 40mm","u",{"v":1,"d":"1.00000"},{"v":45.52,"d":"$45.52000"},{"v":45.52,"d":"$45.52000"}]
[null,598,"SUMINISTRO DE TUBERIA DE VENTILACION PVC EC DI=50mm","m",{"v":1,"d":"1.00000"},{"v":1.68,"d":"$1.68000"},{"v":1.68,"d":"$1.68000"}]
[null,599,"INSTALACION DE TUBERIA DE VENTILACION PVC EC DI=50mm","m",{"v":1,"d":"1.00000"},{"v":5.34,"d":"$5.34000"},{"v":5.34,"d":"$5.34000"}]
[null,600,"SUMINISTRO E INSTALACION DE CODO DESAGUE EC 50mmX90'","u",{"v":2,"d":"2.00000"},{"v":4.55,"d":"$4.55000"},{"v":9.1,"d":"$9.10000"}]
[null,601,"SUMINISTRO E INSTALACION DE VALVULA CHECK CON CANASTILLA DE BRONCE 2 1/2\"","u",{"v":1,"d":"1.00000"},{"v":70.87,"d":"$70.87000"},{"v":70.87,"d":"$70.87000"}]
[null,602,"SUMINISTRO E INSTALACION DE BRIDA DE ACERO AL CARBONO ASTM A-105 DN 65mm","u",{"v":1,"d":"1.00000"},{"v":69.52,"d":"$69.52000"},{"v":69.52,"d":"$69.52000"}]
[null,603,"SUMINISTRO E INSTALACION DE TUBERIA ACERO ASTM A36  D=65 mm","m",{"v":1,"d":"1.00000"},{"v":25.76,"d":"$25.76000"},{"v":25.76,"d":"$25.76000"}]
[null,604,"SUMINISTRO E INSTALACION DE CODO ACERO ASTM A36 D= 65mmX90'","u",{"v":1,"d":"1.00000"},{"v":22.54,"d":"$22.54000"},{"v":22.54,"d":"$22.54000"}]
[null,605,"SUMINISTRO E INSTALACION DE BRIDA DE ACERO AL CARBONO ASTM A-105 DN 65mm","u",{"v":4,"d":"4.00000"},{"v":69.52,"d":"$69.52000"},{"v":278.08,"d":"$278.08000"}]
[null,606,"SUMINISTRO E INSTALACION DE BOMBA CENTRIFUGA TDH=21.5m, Q=4.58 L/S (INCLUYE ACCESORIOS)","u",{"v":1,"d":"1.00000"},{"v":1894.28,"d":"$1,894.28000"},{"v":1894.28,"d":"$1,894.28000"}]
[null,607,"SUMINISTRO E INSTALACION DE REDUCTOR ACERO ASTM A36 65 A 50mm","u",{"v":1,"d":"1.00000"},{"v":26.5,"d":"$26.50000"},{"v":26.5,"d":"$26.50000"}]
[null,608,"SUMINISTRO E INSTALACION DE BRIDA DE ACERO AL CARBONO ASTM A-105 DN 65mm","u",{"v":1,"d":"1.00000"},{"v":69.52,"d":"$69.52000"},{"v":69.52,"d":"$69.52000"}]
[null,609,"SUMINISTRO E INSTALACION DE BRIDA DE ACERO AL CARBONO ASTM A-105 DN 50mm","u",{"v":1,"d":"1.00000"},{"v":55.12,"d":"$55.12000"},{"v":55.12,"d":"$55.12000"}]
[null,610,"SUMINISTRO E INSTALACION DE VALVULA COMPUERTA VASTAGO FIJO EXTREMOS BRIDADOS D=50mm PN10/16","u",{"v":1,"d":"1.00000"},{"v":306.3,"d":"$306.30000"},{"v":306.3,"d":"$306.30000"}]
[null,611,"SUMINISTRO E INSTALACION DE VALVULA CHECK BRIDADA DE H.D. TIPO SWING D=50mm PN10/16","u",{"v":1,"d":"1.00000"},{"v":191.74,"d":"$191.74000"},{"v":191.74,"d":"$191.74000"}]
[null,612,"SUMINISTRO E INSTALACION DE BRIDA DE ACERO AL CARBONO ASTM A-105 DN 50mm","u",{"v":2,"d":"2.00000"},{"v":55.12,"d":"$55.12000"},{"v":110.24,"d":"$110.24000"}]
[null,613,"SUMINISTRO E INSTALACION DE UNION UNIVERSAL DE HD DN50mm PN24","u",{"v":1,"d":"1.00000"},{"v":63.79,"d":"$63.79000"},{"v":63.79,"d":"$63.79000"}]
[null,614,"MANOMETRO VERTICAL 1/2\"","u",{"v":1,"d":"1.00000"},{"v":70.28,"d":"$70.28000"},{"v":70.28,"d":"$70.28000"}]
[null,615,"SUMINISTRO E INSTALACION DE VALVULA DE AIRE 2\" TRIPLE ACCION (INCLUYE ACCESORIOS)","u",{"v":1,"d":"1.00000"},{"v":768.16,"d":"$768.16000"},{"v":768.16,"d":"$768.16000"}]
[null,616,"SUMINISTRO E INSTALACION DE BRIDA DE ACERO AL CARBONO ASTM A-105 DN 50mm","u",{"v":2,"d":"2.00000"},{"v":55.12,"d":"$55.12000"},{"v":110.24,"d":"$110.24000"}]
[null,617,"SUMINISTRO DE TUBERIA PVC LISA DI=50 mm","m",{"v":2,"d":"2.00000"},{"v":2.52,"d":"$2.52000"},{"v":5.04,"d":"$5.04000"}]
[null,618,"INSTALACION DE TUBERIA PVC LISA DI=50 mm","m",{"v":2,"d":"2.00000"},{"v":6.13,"d":"$6.13000"},{"v":12.26,"d":"$12.26000"}]
[null,619,"SUMINISTRO E INSTALACION DE BRIDA DE ACERO AL CARBONO ASTM A-105 DN 50mm","u",{"v":2,"d":"2.00000"},{"v":55.12,"d":"$55.12000"},{"v":110.24,"d":"$110.24000"}]
[null,620,"SUMINISTRO E INSTALACION DE UNION MECANICA 50mm","u",{"v":2,"d":"2.00000"},{"v":40.03,"d":"$40.03000"},{"v":80.06,"d":"$80.06000"}]
[null,621,"HORMIGON PREMEZCLADO F´C=180 Kg/cm2, PARA BLOQUES DE ANCLAJES","m3",{"v":0.15,"d":"0.15000"},{"v":188.57,"d":"$188.57000"},{"v":28.2855,"d":"$28.28550"}]
[null,622,"SUMINISTRO E INSTALACION DE PASAMURO PARA TUBERIA DE H.F. 50mm, L=0.40m","u",{"v":1,"d":"1.00000"},{"v":74.09,"d":"$74.09000"},{"v":74.09,"d":"$74.09000"}]
[null,623,"SUMINISTRO E INSTALACION DE CODO ACERO ASTM A36 D= 50mmX90'","u",{"v":1,"d":"1.00000"},{"v":15.49,"d":"$15.49000"},{"v":15.49,"d":"$15.49000"}]
[null,624,"SUMINISTRO E INSTALACION DE REDUCTOR ACERO ASTM A36 50 A 40mm","u",{"v":1,"d":"1.00000"},{"v":17.27,"d":"$17.27000"},{"v":17.27,"d":"$17.27000"}]
[null,625,"SUMINISTRO E INSTALACION DE BRIDA DE ACERO AL CARBONO ASTM A-105 DN 40mm","u",{"v":1,"d":"1.00000"},{"v":45.52,"d":"$45.52000"},{"v":45.52,"d":"$45.52000"}]
[null,626,"SUMINISTRO E INSTALACION DE BRIDA DE ACERO AL CARBONO ASTM A-105 DN 50mm","u",{"v":1,"d":"1.00000"},{"v":55.12,"d":"$55.12000"},{"v":55.12,"d":"$55.12000"}]
[null,627,"SUMINISTRO E INSTALACION DE CODO 90' PP 2 IN ROSCABLE","u",{"v":1,"d":"1.00000"},{"v":12.79,"d":"$12.79000"},{"v":12.79,"d":"$12.79000"}]
[null,628,"FILTRO 12\"","u",{"v":1,"d":"1.00000"},{"v":149.9,"d":"$149.90000"},{"v":149.9,"d":"$149.90000"}]
[null,629,"COLGADOR PARA TUBERIA 2 IN","u",{"v":22,"d":"22.00000"},{"v":2.57,"d":"$2.57000"},{"v":56.54,"d":"$56.54000"}]
[null,630,"SUMINISTRO E INSTALACION DE BOMBA CENTRIFUGA 5 HP","u",{"v":1,"d":"1.00000"},{"v":2311.69,"d":"$2,311.69000"},{"v":2311.69,"d":"$2,311.69000"}]
[null,631,"SUMINISTRO E INSTALACION DE CODO 90' PP 1 IN ROSCABLE","u",{"v":1,"d":"1.00000"},{"v":6.49,"d":"$6.49000"},{"v":6.49,"d":"$6.49000"}]
[null,632,"SUMINISTRO E INSTALACION DE TEE 1 IN PP ROSCABLE","u",{"v":1,"d":"1.00000"},{"v":7.86,"d":"$7.86000"},{"v":7.86,"d":"$7.86000"}]
[null,633,"SUMINISTRO E INSTALACION DE REDUCTOR PVC EC 40 A 25mm","u",{"v":1,"d":"1.00000"},{"v":15.61,"d":"$15.61000"},{"v":15.61,"d":"$15.61000"}]
[null,634,"SUMINISTRO E INSTALACION DE REDUCTOR PVC EC 50 A 40mm","u",{"v":1,"d":"1.00000"},{"v":5.79,"d":"$5.79000"},{"v":5.79,"d":"$5.79000"}]
[null,635,"SUMINISTRO E INSTALACION DE BRIDA DE ACERO AL CARBONO ASTM A-105 DN 50mm","u",{"v":1,"d":"1.00000"},{"v":55.12,"d":"$55.12000"},{"v":55.12,"d":"$55.12000"}]
[null,636,"SUMINISTRO E INSTALACION DE BRIDA DE ACERO AL CARBONO ASTM A-105 DN 40mm","u",{"v":3,"d":"3.00000"},{"v":45.52,"d":"$45.52000"},{"v":136.56,"d":"$136.56000"}]
[null,637,"SUMINISTRO E INSTALACION DE CODO 90' PP 1 1/2 IN ROSCABLE","u",{"v":6,"d":"6.00000"},{"v":11.62,"d":"$11.62000"},{"v":69.72,"d":"$69.72000"}]
[null,638,"SUMINISTRO E INSTALACION DE VALVULA DE AIRE 1\" TRIPLE ACCION (INCLUYE ACCESORIOS)","u",{"v":3,"d":"3.00000"},{"v":643.69,"d":"$643.69000"},{"v":1931.0700000000002,"d":"$1,931.07000"}]
[null,639,"SUMINISTRO DE TUBERIA PP UNION ROSCABLE DI=1 plg 1.25 MPA","m",{"v":4,"d":"4.00000"},{"v":5.57,"d":"$5.57000"},{"v":22.28,"d":"$22.28000"}]
[null,640,"INSTALACION DE TUBERIA PP UNION ROSCABLE DI=1 plg 1.25 MPA","m",{"v":4,"d":"4.00000"},{"v":4.1,"d":"$4.10000"},{"v":16.4,"d":"$16.40000"}]
[null,641,"COLGADOR PARA TUBERIA 1 IN","u",{"v":3,"d":"3.00000"},{"v":1.67,"d":"$1.67000"},{"v":5.01,"d":"$5.01000"}]
[null,642,"SUMINISTRO E INSTALACION DE VALVULA CHECK ROSCADA PVC D=1\"","u",{"v":1,"d":"1.00000"},{"v":23.18,"d":"$23.18000"},{"v":23.18,"d":"$23.18000"}]
[null,643,"SUMINISTRO E INSTALACION DE PASAMURO PARA TUBERIA DE H.F. 25mm, L=0.30m","u",{"v":1,"d":"1.00000"},{"v":37.89,"d":"$37.89000"},{"v":37.89,"d":"$37.89000"}]
[null,644,"SUMINISTRO E INSTALACION DE VALVULA DE CORTE 1\" (INCLUYE ACCESORIOS)","u",{"v":1,"d":"1.00000"},{"v":98.04,"d":"$98.04000"},{"v":98.04,"d":"$98.04000"}]
[null,645,"HORMIGON PREMEZCLADO F´C=180 Kg/cm2, PARA BLOQUES DE ANCLAJES","m3",{"v":0.06,"d":"0.06000"},{"v":188.57,"d":"$188.57000"},{"v":11.3142,"d":"$11.31420"}]
[null,646,"SUMINISTRO E INSTALACION DE VALVULA CHECK ROSCADA PVC D=1 1/2\"","u",{"v":2,"d":"2.00000"},{"v":55.93,"d":"$55.93000"},{"v":111.86,"d":"$111.86000"}]
[null,647,"SUMINISTRO E INSTALACION DE VALVULA DE CORTE 1 1/2\" (INCLUYE ACCESORIOS)","u",{"v":2,"d":"2.00000"},{"v":103.01,"d":"$103.01000"},{"v":206.02,"d":"$206.02000"}]
[null,648,"SUMINISTRO E INSTALACION DE CODO 90' PP 1 1/2 IN ROSCABLE","u",{"v":13,"d":"13.00000"},{"v":11.62,"d":"$11.62000"},{"v":151.06,"d":"$151.06000"}]
[null,649,"MANOMETRO VERTICAL 1/2\"","u",{"v":3,"d":"3.00000"},{"v":70.28,"d":"$70.28000"},{"v":210.84,"d":"$210.84000"}]
[null,650,"SUMINISTRO DE TUBERIA PP UNION ROSCABLE DI=1 1/2  plg 1.25 MPA","m",{"v":50,"d":"50.00000"},{"v":9.71,"d":"$9.71000"},{"v":485.50000000000006,"d":"$485.50000"}]
[null,651,"INSTALACION DE TUBERIA PP UNION ROSCABLE DI=1 1/2 plg 1.25 MPA","m",{"v":50,"d":"50.00000"},{"v":1.4,"d":"$1.40000"},{"v":70,"d":"$70.00000"}]
[null,652,"COLGADOR PARA TUBERIA 1 1/2 IN","u",{"v":17,"d":"17.00000"},{"v":2.53,"d":"$2.53000"},{"v":43.01,"d":"$43.01000"}]
[null,653,"SUMINISTRO E INSTALACION DE REDUCTOR DE 1 1/2 A 1 IN PP ROSCABLE","u",{"v":1,"d":"1.00000"},{"v":7.66,"d":"$7.66000"},{"v":7.66,"d":"$7.66000"}]
[null,654,"TAPA DRENAJE DE FONDO","u",{"v":3,"d":"3.00000"},{"v":36.82,"d":"$36.82000"},{"v":110.46000000000001,"d":"$110.46000"}]
[null,655,"BOQUILLA TIPO DIRECTA","u",{"v":4,"d":"4.00000"},{"v":4.05,"d":"$4.05000"},{"v":16.2,"d":"$16.20000"}]
[null,656,"FILTRO 24\"","u",{"v":1,"d":"1.00000"},{"v":403.72,"d":"$403.72000"},{"v":403.72,"d":"$403.72000"}]
[null,657,"MASILLADO Y ALISADO DE PISOS CON IMPERMEABILIZANTE","m2",{"v":379.68,"d":"379.68000"},{"v":14.48,"d":"$14.48000"},{"v":5497.7664,"d":"$5,497.76640"}]
[null,658,"SUMINISTRO E INSTALACION DE PIEDRA NATURAL TRITURADA","m2",{"v":113.8,"d":"113.80000"},{"v":13.24,"d":"$13.24000"},{"v":1506.712,"d":"$1,506.71200"}]
[null,659,"MOSAICO VITREO 20x20mm","m2",{"v":238.5,"d":"238.50000"},{"v":84.76,"d":"$84.76000"},{"v":20215.260000000002,"d":"$20,215.26000"}]
[null,660,"PINTURA PARA PISCINA (INCLUYE EMPASTE)","m2",{"v":379.68,"d":"379.68000"},{"v":11.72,"d":"$11.72000"},{"v":4449.8496000000005,"d":"$4,449.84960"}]
[null,661,"SUMINISTRO E INSTALACION DE BOMBA CENTRIFUGA 1 HP","u",{"v":1,"d":"1.00000"},{"v":726.81,"d":"$726.81000"},{"v":726.81,"d":"$726.81000"}]
[null,662,"SUMINISTRO E INSTALACION DE CODO 90' PP 3/4 IN ROSCABLE","u",{"v":9,"d":"9.00000"},{"v":9.41,"d":"$9.41000"},{"v":84.69,"d":"$84.69000"}]
[null,663,"SUMINISTRO E INSTALACION DE TEE 3/4 IN PP ROSCABLE","u",{"v":11,"d":"11.00000"},{"v":8.24,"d":"$8.24000"},{"v":90.64,"d":"$90.64000"}]
[null,664,"SUMINISTRO DE TUBERIA PP UNION ROSCABLE DI=3/4 plg 1.25 MPA","m",{"v":48,"d":"48.00000"},{"v":3.77,"d":"$3.77000"},{"v":180.96,"d":"$180.96000"}]
[null,665,"INSTALACION DE TUBERIA PP UNION ROSCABLE DI=3/4 plg 1.25 MPA","m",{"v":48,"d":"48.00000"},{"v":6.12,"d":"$6.12000"},{"v":293.76,"d":"$293.76000"}]
[null,666,"COLGADOR PARA TUBERIA 3/4 IN","u",{"v":16,"d":"16.00000"},{"v":2.33,"d":"$2.33000"},{"v":37.28,"d":"$37.28000"}]
[null,667,"MANOMETRO VERTICAL 1/2\"","u",{"v":1,"d":"1.00000"},{"v":70.28,"d":"$70.28000"},{"v":70.28,"d":"$70.28000"}]
[null,668,"SUMINISTRO E INSTALACION DE VALVULA CHECK ROSCADA PVC D=3/4\"","u",{"v":1,"d":"1.00000"},{"v":20.23,"d":"$20.23000"},{"v":20.23,"d":"$20.23000"}]
[null,669,"SUMINISTRO E INSTALACION DE VALVULA DE BOLA PVC D= 3/4 plg ROSCABLE","u",{"v":1,"d":"1.00000"},{"v":8.94,"d":"$8.94000"},{"v":8.94,"d":"$8.94000"}]
[null,670,"SUMINISTRO E INSTALACION DE REDUCTOR DE 3/4 A 1/2 IN PP ROSCABLE","u",{"v":1,"d":"1.00000"},{"v":7.03,"d":"$7.03000"},{"v":7.03,"d":"$7.03000"}]
[null,671,"SUMINISTRO E INSTALACION DE LLAVE DE JARDIN 1/2\"","u",{"v":1,"d":"1.00000"},{"v":14.54,"d":"$14.54000"},{"v":14.54,"d":"$14.54000"}]
[null,672,"SUMINISTRO DE TUBERIA PP UNION ROSCABLE DI=1/2 plg 1.25 MPA","m",{"v":1,"d":"1.00000"},{"v":2.38,"d":"$2.38000"},{"v":2.38,"d":"$2.38000"}]
[null,673,"INSTALACION DE TUBERIA PP UNION ROSCABLE DI=1/2 plg 1.25 MPA","m",{"v":1,"d":"1.00000"},{"v":3,"d":"$3.00000"},{"v":3,"d":"$3.00000"}]
[null,674,"FILTRO 24\"","u",{"v":1,"d":"1.00000"},{"v":403.72,"d":"$403.72000"},{"v":403.72,"d":"$403.72000"}]
[null,675,"SUMINISTRO E INSTALACION DE REDUCTOR DE 1 A 3/4 IN PP ROSCABLE","u",{"v":11,"d":"11.00000"},{"v":8.44,"d":"$8.44000"},{"v":92.83999999999999,"d":"$92.84000"}]
[null,676,"BOQUILLA TIPO CHORRO DE PISO 1x1/2","u",{"v":9,"d":"9.00000"},{"v":60.47,"d":"$60.47000"},{"v":544.23,"d":"$544.23000"}]
[null,677,"SUMINISTRO Y COLOCACION DE ARENA PARA FILTRO (0.5 - 1 mm)","m3",{"v":3,"d":"3.00000"},{"v":293.9,"d":"$293.90000"},{"v":881.6999999999999,"d":"$881.70000"}]
[null,678,"SUMINISTRO Y COLOCACION DE GRAVA PARA FILTRO (6 - 12 mm)","m3",{"v":2,"d":"2.00000"},{"v":379.93,"d":"$379.93000"},{"v":759.86,"d":"$759.86000"}]
[null,679,"SUMINISTRO Y COLOCACION DE GRAVA PARA FILTRO (12 - 18 mm)","m3",{"v":2,"d":"2.00000"},{"v":382.6,"d":"$382.60000"},{"v":765.2,"d":"$765.20000"}]
[null,680,"SKIMMER PEQUEÑO","u",{"v":2,"d":"2.00000"},{"v":41.31,"d":"$41.31000"},{"v":82.62,"d":"$82.62000"}]
[null,681,"DRENAJE DE FONDO","u",{"v":1,"d":"1.00000"},{"v":32.31,"d":"$32.31000"},{"v":32.31,"d":"$32.31000"}]
[null,682,"SUMINISTRO DE TUBERIA PP UNION ROSCABLE DI=1 1/2  plg 1.25 MPA","m",{"v":9,"d":"9.00000"},{"v":9.71,"d":"$9.71000"},{"v":87.39000000000001,"d":"$87.39000"}]
[null,683,"INSTALACION DE TUBERIA PP UNION ROSCABLE DI=1 1/2 plg 1.25 MPA","m",{"v":9,"d":"9.00000"},{"v":1.4,"d":"$1.40000"},{"v":12.6,"d":"$12.60000"}]
[null,684,"SUMINISTRO E INSTALACION DE CODO 90' PP 1 1/2 IN ROSCABLE","u",{"v":3,"d":"3.00000"},{"v":11.62,"d":"$11.62000"},{"v":34.86,"d":"$34.86000"}]
[null,685,"SUMINISTRO E INSTALACION DE TEE 1 1/2 IN PP ROSCABLE","u",{"v":2,"d":"2.00000"},{"v":14.39,"d":"$14.39000"},{"v":28.78,"d":"$28.78000"}]
[null,686,"SUMINISTRO E INSTALACION DE REDUCTOR DE 1 1/2 A 3/4 IN PP ROSCABLE","u",{"v":1,"d":"1.00000"},{"v":10.56,"d":"$10.56000"},{"v":10.56,"d":"$10.56000"}]
[null,687,"MANGUERA LIMPIADORA 12m","u",{"v":1,"d":"1.00000"},{"v":73.7,"d":"$73.70000"},{"v":73.7,"d":"$73.70000"}]
[null,688,"ASPIRADORA RUEDA MANGO ALUMINIO","u",{"v":1,"d":"1.00000"},{"v":35.66,"d":"$35.66000"},{"v":35.66,"d":"$35.66000"}]
[null,689,"CEPILLO #18","u",{"v":1,"d":"1.00000"},{"v":18.56,"d":"$18.56000"},{"v":18.56,"d":"$18.56000"}]
[null,690,"CERNIDERA DE HOJAS FILO BLANCO","u",{"v":1,"d":"1.00000"},{"v":13.73,"d":"$13.73000"},{"v":13.73,"d":"$13.73000"}]
[null,691,"MANGO TELESCOPICO","u",{"v":1,"d":"1.00000"},{"v":30.42,"d":"$30.42000"},{"v":30.42,"d":"$30.42000"}]
[null,692,"KIT DE PRUEBA DE AGUA PARA PISCINA","u",{"v":1,"d":"1.00000"},{"v":13.36,"d":"$13.36000"},{"v":13.36,"d":"$13.36000"}]
[null,693,"SUMINISTRO E INSTALACION DE ABRAZADERA GALVANIZADA DE 3/4\"","u",{"v":20,"d":"20.00000"},{"v":6.52,"d":"$6.52000"},{"v":130.39999999999998,"d":"$130.40000"}]
[null,694,"MASILLADO Y ALISADO DE PISOS CON IMPERMEABILIZANTE","m2",{"v":413.66,"d":"413.66000"},{"v":14.48,"d":"$14.48000"},{"v":5989.796800000001,"d":"$5,989.79680"}]
[null,695,"PINTURA PARA PISCINA (INCLUYE EMPASTE)","m2",{"v":413.66,"d":"413.66000"},{"v":11.72,"d":"$11.72000"},{"v":4848.095200000001,"d":"$4,848.09520"}]
[null,696,"REPLANTEO Y TRAZADO PARA ESTRUCTURA CIVIL","m2",{"v":953.18,"d":"953.18000"},{"v":1.4,"d":"$1.40000"},{"v":1334.4519999999998,"d":"$1,334.45200"}]
[null,697,"RELLENO COMPACTADO CON COMPACTADOR MANUAL DE MATERIAL IMPORTADO (INCLUYE TRANSPORTE)","m3",{"v":278.59,"d":"278.59000"},{"v":20.66,"d":"$20.66000"},{"v":5755.6694,"d":"$5,755.66940"}]
[null,698,"HIDROSUCCIONADOR 12m3 (HORA)","u",{"v":960,"d":"960.00000"},{"v":166.5,"d":"$166.50000"},{"v":159840,"d":"$159,840.00000"}]
[null,699,"DEMOLICION DE HORMIGON ARMADO (INCLUYE DESALOJO)","m3",{"v":10.5,"d":"10.50000"},{"v":65.44,"d":"$65.44000"},{"v":687.12,"d":"$687.12000"}]
[null,700,"ACERO DE REFUERZO EN BARRAS FY=4200 Kg/cm2","Kg",{"v":6522.9,"d":"6,522.90000"},{"v":2.32,"d":"$2.32000"},{"v":15133.127999999999,"d":"$15,133.12800"}]
[null,701,"HORMIGON PREMEZCLADO F´C=280 Kg/cm2 INCLUYE ENCOFRADO","m3",{"v":40,"d":"40.00000"},{"v":362.88,"d":"$362.88000"},{"v":14515.2,"d":"$14,515.20000"}]
[null,702,"HORMIGON PREMEZCLADO F'C=180 Kg/cm2 PARA REPLANTILLO INCLUYE ENCOFRADO","m3",{"v":1.4,"d":"1.40000"},{"v":201.04,"d":"$201.04000"},{"v":281.45599999999996,"d":"$281.45600"}]
[null,703,"TECLE ELECTRICO DE 3 Tn 15m DE LEVANTE (INCLUYE TROLLEY Y RIELES)","u",{"v":1,"d":"1.00000"},{"v":18999.06,"d":"$18,999.06000"},{"v":18999.06,"d":"$18,999.06000"}]
[null,704,"SUMINISTRO E INSTALACION DE BOMBA SUMERGIBLE Q=35.33 L/S, TDH=11.33m","u",{"v":2,"d":"2.00000"},{"v":12133.82,"d":"$12,133.82000"},{"v":24267.64,"d":"$24,267.64000"}]
[null,705,"SUMINISTRO E INSTALACION DE VALVULA COMPUERTA TIPO GUILLOTINA D=200mm","u",{"v":1,"d":"1.00000"},{"v":1107.13,"d":"$1,107.13000"},{"v":1107.13,"d":"$1,107.13000"}]
[null,706,"SUMINISTRO E INSTALACION DE CANASTILLA DE DESBASTE, SEPARACION 1 plg","u",{"v":1,"d":"1.00000"},{"v":1269.39,"d":"$1,269.39000"},{"v":1269.39,"d":"$1,269.39000"}]
[null,707,"SUMINISTRO E INSTALACION DE CADENA GALVANIZADA 8mm","m",{"v":14,"d":"14.00000"},{"v":23.6,"d":"$23.60000"},{"v":330.40000000000003,"d":"$330.40000"}]
[null,708,"ESCALERA DE ACERO INOXIDABLE","m",{"v":16,"d":"16.00000"},{"v":164.4,"d":"$164.40000"},{"v":2630.4,"d":"$2,630.40000"}]
[null,709,"SUMINISTRO E INSTALACION DE BARANDA METALICA (INCLUYE PINTURA)","m",{"v":31,"d":"31.00000"},{"v":116.74,"d":"$116.74000"},{"v":3618.94,"d":"$3,618.94000"}]
[null,710,"SUMINISTRO E INSTALACION DE VALVULA CHECK BRIDADA DE H.D. TIPO SWING D=150mm PN10/16","u",{"v":2,"d":"2.00000"},{"v":670.6,"d":"$670.60000"},{"v":1341.2,"d":"$1,341.20000"}]
[null,711,"SUMINISTRO E INSTALACION DE VALVULA COMPUERTA VASTAGO FIJO EXTREMOS BRIDADOS D=150mm PN10/16","u",{"v":2,"d":"2.00000"},{"v":790.91,"d":"$790.91000"},{"v":1581.82,"d":"$1,581.82000"}]
[null,712,"SUMINISTRO E INSTALACION DE JUNTA DE DESMONTAJE 150mm","u",{"v":2,"d":"2.00000"},{"v":434.57,"d":"$434.57000"},{"v":869.14,"d":"$869.14000"}]
[null,713,"SUMINISTRO E INSTALACION DE BRIDA DE ACERO AL CARBONO ASTM A-105 DN 150mm","u",{"v":13,"d":"13.00000"},{"v":237.3,"d":"$237.30000"},{"v":3084.9,"d":"$3,084.90000"}]
[null,714,"SUMINISTRO E INSTALACION DE TUBERIA ACERO ASTM A36  D=150 mm","m",{"v":1,"d":"1.00000"},{"v":168.45,"d":"$168.45000"},{"v":168.45,"d":"$168.45000"}]
[null,715,"SUMINISTRO E INSTALACION DE CODO ACERO ASTM A36 D= 150mmX90'","u",{"v":1,"d":"1.00000"},{"v":244.66,"d":"$244.66000"},{"v":244.66,"d":"$244.66000"}]
[null,716,"HORMIGON PREMEZCLADO F´C=180 Kg/cm2, PARA BLOQUES DE ANCLAJES","m3",{"v":11.08,"d":"11.08000"},{"v":188.57,"d":"$188.57000"},{"v":2089.3556,"d":"$2,089.35560"}]
[null,717,"COLGADOR PARA TUBERIA 8 IN","u",{"v":10,"d":"10.00000"},{"v":6.75,"d":"$6.75000"},{"v":67.5,"d":"$67.50000"}]
[null,718,"SUMINISTRO E INSTALACION DE TUBERIA ACERO PERFORADA ASTM A36 D=150 mm","m",{"v":7,"d":"7.00000"},{"v":171.16,"d":"$171.16000"},{"v":1198.12,"d":"$1,198.12000"}]
[null,719,"SUMINISTRO E INSTALACION DE PASAMURO PARA TUBERIA DE H.F. 150mm, L=0.40m","u",{"v":6,"d":"6.00000"},{"v":192.18,"d":"$192.18000"},{"v":1153.08,"d":"$1,153.08000"}]
[null,720,"SUMINISTRO E INSTALACION DE ABRAZADERA GALVANIZADA DE 4\"","u",{"v":10,"d":"10.00000"},{"v":15.91,"d":"$15.91000"},{"v":159.1,"d":"$159.10000"}]
[null,721,"SUMINISTRO DE TUBERIA DE VENTILACION PVC EC DI=110 mm","m",{"v":8,"d":"8.00000"},{"v":4.13,"d":"$4.13000"},{"v":33.04,"d":"$33.04000"}]
[null,722,"INSTALACION DE TUBERIA DE VENTILACION PVC EC DI=110 mm","m",{"v":8,"d":"8.00000"},{"v":5.34,"d":"$5.34000"},{"v":42.72,"d":"$42.72000"}]
[null,723,"COLGADOR PARA TUBERIA 4 IN","u",{"v":10,"d":"10.00000"},{"v":4,"d":"$4.00000"},{"v":40,"d":"$40.00000"}]
[null,724,"SUMINISTRO E INSTALACION DE RIEL","Kg",{"v":448.18,"d":"448.18000"},{"v":5.96,"d":"$5.96000"},{"v":2671.1528,"d":"$2,671.15280"}]
[null,725,"SUMINISTRO E INSTALACION DE TAPA DE ACERO (2.02X2.02m) (E=6mm)","u",{"v":1,"d":"1.00000"},{"v":997.31,"d":"$997.31000"},{"v":997.31,"d":"$997.31000"}]
[null,726,"SUMINISTRO E INSTALACION DE TAPA DE ACERO (1.80X2.03m) (E=6mm)","u",{"v":2,"d":"2.00000"},{"v":359.93,"d":"$359.93000"},{"v":719.86,"d":"$719.86000"}]
[null,727,"SUMINISTRO E INSTALACION DE TAPA DE ACERO (1.33X0.93m) (E=6mm)","u",{"v":1,"d":"1.00000"},{"v":357.47,"d":"$357.47000"},{"v":357.47,"d":"$357.47000"}]
[null,728,"SUMINISTRO E INSTALACION DE TAPA DE ACERO (1.13X1.13m) (E=6mm)","u",{"v":1,"d":"1.00000"},{"v":828.34,"d":"$828.34000"},{"v":828.34,"d":"$828.34000"}]
[null,729,"HORMIGON PREMEZCLADO F´C=180 Kg/cm2 INCLUYE ENCOFRADO","m3",{"v":1,"d":"1.00000"},{"v":210.34,"d":"$210.34000"},{"v":210.34,"d":"$210.34000"}]
[null,730,"SUMINISTRO E INSTALACION DE CUBIERTA","m2",{"v":1.11,"d":"1.11000"},{"v":11.73,"d":"$11.73000"},{"v":13.020300000000002,"d":"$13.02030"}]
[null,731,"SUMINISTRO E INSTALACION DE TUBERIA GALVANIZADA 1\"","m",{"v":17,"d":"17.00000"},{"v":12.55,"d":"$12.55000"},{"v":213.35000000000002,"d":"$213.35000"}]
[null,732,"ACERO ESTRUCTURAL (A36)","Kg",{"v":17,"d":"17.00000"},{"v":6.04,"d":"$6.04000"},{"v":102.68,"d":"$102.68000"}]
[null,733,"HORMIGON PREMEZCLADO F'C=180 Kg/cm2 PARA REPLANTILLO INCLUYE ENCOFRADO","m3",{"v":0.05,"d":"0.05000"},{"v":201.04,"d":"$201.04000"},{"v":10.052,"d":"$10.05200"}]
[null,734,"SUMINISTRO E INSTALACION DE BISAGRA","u",{"v":2,"d":"2.00000"},{"v":4.16,"d":"$4.16000"},{"v":8.32,"d":"$8.32000"}]
[null,735,"ACERO DE REFUERZO EN BARRAS FY=4200 Kg/cm2","Kg",{"v":751.52,"d":"751.52000"},{"v":2.32,"d":"$2.32000"},{"v":1743.5263999999997,"d":"$1,743.52640"}]
[null,736,"MALLA ELECTROSOLDADA 15x15 - 5,5mm","m2",{"v":32,"d":"32.00000"},{"v":6.03,"d":"$6.03000"},{"v":192.96,"d":"$192.96000"}]
[null,737,"ACERO ESTRUCTURAL (A36)","Kg",{"v":41.18,"d":"41.18000"},{"v":6.04,"d":"$6.04000"},{"v":248.7272,"d":"$248.72720"}]
[null,738,"HORMIGON PREMEZCLADO F´C=180 Kg/cm2 INCLUYE ENCOFRADO","m3",{"v":1.32,"d":"1.32000"},{"v":210.34,"d":"$210.34000"},{"v":277.6488,"d":"$277.64880"}]
[null,739,"HORMIGON PREMEZCLADO F´C=210 Kg/cm2 INCLUYE ENCOFRADO","m3",{"v":7.28,"d":"7.28000"},{"v":226.64,"d":"$226.64000"},{"v":1649.9392,"d":"$1,649.93920"}]
[null,740,"RELLENO COMPACTADO CON COMPACTADOR MANUAL DE MATERIAL IMPORTADO (INCLUYE TRANSPORTE)","m3",{"v":2.46,"d":"2.46000"},{"v":20.66,"d":"$20.66000"},{"v":50.8236,"d":"$50.82360"}]
[null,741,"EXCAVACION A MANO","m3",{"v":8.52,"d":"8.52000"},{"v":12.23,"d":"$12.23000"},{"v":104.1996,"d":"$104.19960"}]
[null,742,"DESALOJO DEL MATERIAL SOBRANTE (BOTADERO MUNICIPAL)","m3",{"v":8.52,"d":"8.52000"},{"v":3.5,"d":"$3.50000"},{"v":29.82,"d":"$29.82000"}]
[null,743,"SUMINISTRO E INSTALACION DE CUBIERTA DE TEJA DE FIBROCEMENTO 8mm","m2",{"v":59.6,"d":"59.60000"},{"v":14.57,"d":"$14.57000"},{"v":868.3720000000001,"d":"$868.37200"}]
[null,744,"PARED DE BLOQUE 30X30X15cm","m2",{"v":53.12,"d":"53.12000"},{"v":21.21,"d":"$21.21000"},{"v":1126.6752,"d":"$1,126.67520"}]
[null,745,"ENLUCIDO DE PAREDES EXTERIORES","m2",{"v":60,"d":"60.00000"},{"v":11.74,"d":"$11.74000"},{"v":704.4,"d":"$704.40000"}]
[null,746,"ENLUCIDO DE PAREDES INTERIORES","m2",{"v":50,"d":"50.00000"},{"v":8.61,"d":"$8.61000"},{"v":430.5,"d":"$430.50000"}]
[null,747,"PINTURA EXTERIOR","m2",{"v":74.48,"d":"74.48000"},{"v":8.68,"d":"$8.68000"},{"v":646.4864,"d":"$646.48640"}]
[null,748,"PINTURA INTERIOR","m2",{"v":62.5,"d":"62.50000"},{"v":8.19,"d":"$8.19000"},{"v":511.87499999999994,"d":"$511.87500"}]
[null,749,"VENTANAS DE ALUMINIO Y VIDRIO (VIDRIO 5mm)","m2",{"v":5,"d":"5.00000"},{"v":152.12,"d":"$152.12000"},{"v":760.6,"d":"$760.60000"}]
[null,750,"PUERTA METALICA TIPO LOUVER (1.60x1.60m)","u",{"v":2,"d":"2.00000"},{"v":437.71,"d":"$437.71000"},{"v":875.42,"d":"$875.42000"}]
[null,751,"ACERO DE REFUERZO EN BARRAS FY=4200 Kg/cm2","Kg",{"v":350,"d":"350.00000"},{"v":2.32,"d":"$2.32000"},{"v":812,"d":"$812.00000"}]
[null,752,"MALLA ELECTROSOLDADA 15x15 - 5,5mm","m2",{"v":14.5,"d":"14.50000"},{"v":6.03,"d":"$6.03000"},{"v":87.435,"d":"$87.43500"}]
[null,753,"ACERO ESTRUCTURAL (A36)","Kg",{"v":20,"d":"20.00000"},{"v":6.04,"d":"$6.04000"},{"v":120.8,"d":"$120.80000"}]
[null,754,"HORMIGON PREMEZCLADO F'C=180 Kg/cm2 PARA REPLANTILLO INCLUYE ENCOFRADO","m3",{"v":0.34,"d":"0.34000"},{"v":201.04,"d":"$201.04000"},{"v":68.3536,"d":"$68.35360"}]
[null,755,"HORMIGON PREMEZCLADO F´C=210 Kg/cm2 INCLUYE ENCOFRADO","m3",{"v":3.95,"d":"3.95000"},{"v":226.64,"d":"$226.64000"},{"v":895.228,"d":"$895.22800"}]
[null,756,"RELLENO COMPACTADO CON COMPACTADOR MANUAL DE MATERIAL IMPORTADO (INCLUYE TRANSPORTE)","m3",{"v":1.23,"d":"1.23000"},{"v":20.66,"d":"$20.66000"},{"v":25.4118,"d":"$25.41180"}]
[null,757,"EXCAVACION A MANO","m3",{"v":4.26,"d":"4.26000"},{"v":12.23,"d":"$12.23000"},{"v":52.0998,"d":"$52.09980"}]
[null,758,"DESALOJO DEL MATERIAL SOBRANTE (BOTADERO MUNICIPAL)","m3",{"v":4.26,"d":"4.26000"},{"v":3.5,"d":"$3.50000"},{"v":14.91,"d":"$14.91000"}]
[null,759,"SUMINISTRO E INSTALACION DE CUBIERTA DE TEJA DE FIBROCEMENTO 8mm","m2",{"v":23.84,"d":"23.84000"},{"v":14.57,"d":"$14.57000"},{"v":347.3488,"d":"$347.34880"}]
[null,760,"PARED DE BLOQUE 30X30X15cm","m2",{"v":20.49,"d":"20.49000"},{"v":21.21,"d":"$21.21000"},{"v":434.5929,"d":"$434.59290"}]
[null,761,"ENLUCIDO DE PAREDES EXTERIORES","m2",{"v":25,"d":"25.00000"},{"v":11.74,"d":"$11.74000"},{"v":293.5,"d":"$293.50000"}]
[null,762,"ENLUCIDO DE PAREDES INTERIORES","m2",{"v":75,"d":"75.00000"},{"v":8.61,"d":"$8.61000"},{"v":645.75,"d":"$645.75000"}]
[null,763,"PINTURA EXTERIOR","m2",{"v":37.78,"d":"37.78000"},{"v":8.68,"d":"$8.68000"},{"v":327.9304,"d":"$327.93040"}]
[null,764,"PINTURA INTERIOR","m2",{"v":75,"d":"75.00000"},{"v":8.19,"d":"$8.19000"},{"v":614.25,"d":"$614.25000"}]
[null,765,"PUERTA EN ACERO INOXIDABLE (0.90x2.00m)","u",{"v":3,"d":"3.00000"},{"v":920.42,"d":"$920.42000"},{"v":2761.2599999999998,"d":"$2,761.26000"}]
[null,766,"INODORO (INCLUYE ACCESORIOS)","u",{"v":1,"d":"1.00000"},{"v":182.33,"d":"$182.33000"},{"v":182.33,"d":"$182.33000"}]
[null,767,"LAVAMANOS DE EMPOTRAR CON GRIFERIA PRESSMATIC (INCLUYE ACCESORIOS)","u",{"v":1,"d":"1.00000"},{"v":194.44,"d":"$194.44000"},{"v":194.44,"d":"$194.44000"}]
[null,768,"MESON PARA BAÑO","u",{"v":1,"d":"1.00000"},{"v":204.85,"d":"$204.85000"},{"v":204.85,"d":"$204.85000"}]
[null,769,"DUCHA (INCLUYE ACCESORIOS)","u",{"v":1,"d":"1.00000"},{"v":97.24,"d":"$97.24000"},{"v":97.24,"d":"$97.24000"}]
[null,770,"MESA PARA ESCRITORIO (INCLUYE SILLA)","u",{"v":1,"d":"1.00000"},{"v":305.5,"d":"$305.50000"},{"v":305.5,"d":"$305.50000"}]
[null,771,"VENTANAS DE ALUMINIO Y VIDRIO (VIDRIO 5mm)","m2",{"v":3.75,"d":"3.75000"},{"v":152.12,"d":"$152.12000"},{"v":570.45,"d":"$570.45000"}]
[null,772,"ACERO DE REFUERZO EN BARRAS FY=4200 Kg/cm2","Kg",{"v":200,"d":"200.00000"},{"v":2.32,"d":"$2.32000"},{"v":463.99999999999994,"d":"$464.00000"}]
[null,773,"MALLA ELECTROSOLDADA 15x15 - 5,5mm","m2",{"v":4.62,"d":"4.62000"},{"v":6.03,"d":"$6.03000"},{"v":27.858600000000003,"d":"$27.85860"}]
[null,774,"ACERO ESTRUCTURAL (A36)","Kg",{"v":14,"d":"14.00000"},{"v":6.04,"d":"$6.04000"},{"v":84.56,"d":"$84.56000"}]
[null,775,"HORMIGON PREMEZCLADO F´C=180 Kg/cm2 INCLUYE ENCOFRADO","m3",{"v":0.38,"d":"0.38000"},{"v":210.34,"d":"$210.34000"},{"v":79.92920000000001,"d":"$79.92920"}]
[null,776,"HORMIGON PREMEZCLADO F´C=210 Kg/cm2 INCLUYE ENCOFRADO","m3",{"v":3.64,"d":"3.64000"},{"v":226.64,"d":"$226.64000"},{"v":824.9696,"d":"$824.96960"}]
[null,777,"RELLENO COMPACTADO CON COMPACTADOR MANUAL DE MATERIAL IMPORTADO (INCLUYE TRANSPORTE)","m3",{"v":0.9,"d":"0.90000"},{"v":20.66,"d":"$20.66000"},{"v":18.594,"d":"$18.59400"}]
[null,778,"EXCAVACION A MANO","m3",{"v":2.25,"d":"2.25000"},{"v":12.23,"d":"$12.23000"},{"v":27.517500000000002,"d":"$27.51750"}]
[null,779,"DESALOJO DEL MATERIAL SOBRANTE (BOTADERO MUNICIPAL)","m3",{"v":2.25,"d":"2.25000"},{"v":3.5,"d":"$3.50000"},{"v":7.875,"d":"$7.87500"}]
[null,780,"SUMINISTRO E INSTALACION DE CUBIERTA DE TEJA DE FIBROCEMENTO 8mm","m2",{"v":11.92,"d":"11.92000"},{"v":14.57,"d":"$14.57000"},{"v":173.6744,"d":"$173.67440"}]
[null,781,"PARED DE BLOQUE 30X30X15cm","m2",{"v":20,"d":"20.00000"},{"v":21.21,"d":"$21.21000"},{"v":424.20000000000005,"d":"$424.20000"}]
[null,782,"PUERTA METALICA TIPO LOUVER (1.60x1.60m)","u",{"v":1,"d":"1.00000"},{"v":437.71,"d":"$437.71000"},{"v":437.71,"d":"$437.71000"}]
[null,783,"ACERO DE REFUERZO EN BARRAS FY=4200 Kg/cm2","Kg",{"v":3400,"d":"3,400.00000"},{"v":2.32,"d":"$2.32000"},{"v":7887.999999999999,"d":"$7,888.00000"}]
[null,784,"HORMIGON PREMEZCLADO F´C=180 Kg/cm2 INCLUYE ENCOFRADO","m3",{"v":3.7,"d":"3.70000"},{"v":210.34,"d":"$210.34000"},{"v":778.258,"d":"$778.25800"}]
[null,785,"HORMIGON PREMEZCLADO F´C=210 Kg/cm2 INCLUYE ENCOFRADO","m3",{"v":100,"d":"100.00000"},{"v":226.64,"d":"$226.64000"},{"v":22664,"d":"$22,664.00000"}]
[null,786,"RELLENO COMPACTADO CON COMPACTADOR MANUAL DE MATERIAL IMPORTADO (INCLUYE TRANSPORTE)","m3",{"v":14.8,"d":"14.80000"},{"v":20.66,"d":"$20.66000"},{"v":305.76800000000003,"d":"$305.76800"}]
[null,787,"EXCAVACION MECANICA EN SUELO SIN CLASIFICAR 0,00 < H < 2,00m","m3",{"v":50.05,"d":"50.05000"},{"v":3.84,"d":"$3.84000"},{"v":192.19199999999998,"d":"$192.19200"}]
[null,788,"DESALOJO DEL MATERIAL SOBRANTE (BOTADERO MUNICIPAL)","m3",{"v":50.05,"d":"50.05000"},{"v":3.5,"d":"$3.50000"},{"v":175.17499999999998,"d":"$175.17500"}]
[null,789,"PARED DE BLOQUE 30X30X15cm","m2",{"v":214.5,"d":"214.50000"},{"v":21.21,"d":"$21.21000"},{"v":4549.545,"d":"$4,549.54500"}]
[null,790,"SUMINISTRO E INSTALACION DE TUBERIA GALVANIZADA 2\"","m",{"v":60,"d":"60.00000"},{"v":12.26,"d":"$12.26000"},{"v":735.6,"d":"$735.60000"}]
[null,791,"SUMINISTRO E INSTALACION DE MALLA HEXAGONAL 5/8\"","m2",{"v":44.85,"d":"44.85000"},{"v":2.77,"d":"$2.77000"},{"v":124.23450000000001,"d":"$124.23450"}]
[null,792,"HORMIGON PREMEZCLADO F´C=210 Kg/cm2, PARA CONTRAPISO E=10cm (INCLUYE ENCOFRADO)","m2",{"v":235.2,"d":"235.20000"},{"v":28.32,"d":"$28.32000"},{"v":6660.864,"d":"$6,660.86400"}]
[null,793,"BORDILLO DE HORMIGON PREMEZCLADO FC=210 Kg/cm2","m",{"v":90,"d":"90.00000"},{"v":9.71,"d":"$9.71000"},{"v":873.9000000000001,"d":"$873.90000"}]
[null,794,"HORMIGON PREMEZCLADO F'C=210 Kg/cm2 PARA RAMPAS (INCLUYE ENCOFRADO)","m3",{"v":4.95,"d":"4.95000"},{"v":255.47,"d":"$255.47000"},{"v":1264.5765000000001,"d":"$1,264.57650"}]
[null,795,"MALLA ELECTROSOLDADA 15x15 - 5,5mm","m2",{"v":13.74,"d":"13.74000"},{"v":6.03,"d":"$6.03000"},{"v":82.85220000000001,"d":"$82.85220"}]
[null,796,"SUMINISTRO Y COLOCACION DE ADOQUIN E=8cm","m2",{"v":59.25,"d":"59.25000"},{"v":29.53,"d":"$29.53000"},{"v":1749.6525000000001,"d":"$1,749.65250"}]
[null,797,"SUMINISTRO E INSTALACION DE ARBOLES","u",{"v":5,"d":"5.00000"},{"v":64.76,"d":"$64.76000"},{"v":323.8,"d":"$323.80000"}]
[null,798,"CESPED BERMUDA (SUMINISTRO, SIEMBRA, ABONADO Y APLICACION DE ENRAIZANTE)","m2",{"v":90,"d":"90.00000"},{"v":8.11,"d":"$8.11000"},{"v":729.9,"d":"$729.90000"}]
[null,799,"SUMINISTRO E INSTALACION DE REJILLA DE DESBASTE 0.35x0.95m","u",{"v":1,"d":"1.00000"},{"v":96.3,"d":"$96.30000"},{"v":96.3,"d":"$96.30000"}]
[null,800,"SUMINISITRO E INSTALACION DE CANASTILLA DE RECOLECCION DE SOLIDOS","u",{"v":1,"d":"1.00000"},{"v":119.53,"d":"$119.53000"},{"v":119.53,"d":"$119.53000"}]
[null,801,"PLANCHA AGUJERADA E=6mm, D=5cm","m2",{"v":0.11,"d":"0.11000"},{"v":649.58,"d":"$649.58000"},{"v":71.4538,"d":"$71.45380"}]
[null,802,"SUMINISTRO E INSTALACION DE VALVULA COMPUERTA VASTAGO FIJO EXTREMOS BRIDADOS D=200mm PN10","u",{"v":2,"d":"2.00000"},{"v":1173.96,"d":"$1,173.96000"},{"v":2347.92,"d":"$2,347.92000"}]
[null,803,"SUMINISTRO E INSTALACION DE UNION MECANICA 200mm","u",{"v":4,"d":"4.00000"},{"v":135.36,"d":"$135.36000"},{"v":541.44,"d":"$541.44000"}]
[null,804,"SUMINISTRO E INSTALACION DE BRIDA DE ACERO AL CARBONO ASTM A-105 DN 200mm","u",{"v":8,"d":"8.00000"},{"v":267.3,"d":"$267.30000"},{"v":2138.4,"d":"$2,138.40000"}]
[null,805,"SUMINISTRO DE TUBERIA PVC ESTRUCTURADA DI = 200 mm (DN220) NORMA NTE INEN 2059","m",{"v":15,"d":"15.00000"},{"v":19.4,"d":"$19.40000"},{"v":291,"d":"$291.00000"}]
[null,806,"INSTALACION DE TUBERIA PVC ESTRUCTURADA DI = 200 mm (DN220) NORMA NTE INEN 2059","m",{"v":15,"d":"15.00000"},{"v":5.79,"d":"$5.79000"},{"v":86.85,"d":"$86.85000"}]
[null,807,"SUMINISTRO DE TUBERIA PVC ESTRUCTURADA DI=250 mm (DN275) NORMA NTE INEN 2059","m",{"v":10,"d":"10.00000"},{"v":15.62,"d":"$15.62000"},{"v":156.2,"d":"$156.20000"}]
[null,808,"INSTALACION DE TUBERIA PVC ESTRUCTURADA DI=250 mm (DN275) NORMA NTE INEN 2059","m",{"v":10,"d":"10.00000"},{"v":5.79,"d":"$5.79000"},{"v":57.9,"d":"$57.90000"}]
[null,809,"SUMINISTRO DE TUBERIA PVC ESTRUCTURADA DI=160 mm (DN175) NORMA NTE INEN 2059","m",{"v":90,"d":"90.00000"},{"v":11.26,"d":"$11.26000"},{"v":1013.4,"d":"$1,013.40000"}]
[null,810,"INSTALACION DE TUBERIA PVC ESTRUCTURADA DI=160 mm (DN175) NORMA NTE INEN 2059","m",{"v":90,"d":"90.00000"},{"v":3.86,"d":"$3.86000"},{"v":347.4,"d":"$347.40000"}]
[null,811,"SUMINISTRO DE TUBERIA PVC ESTRUCTURADA DI=110 mm (DN125) NORMA NTE INEN 2059","m",{"v":70,"d":"70.00000"},{"v":6.96,"d":"$6.96000"},{"v":487.2,"d":"$487.20000"}]
[null,812,"INSTALACION DE TUBERIA PVC ESTRUCTURADA DI=110 mm (DN125) NORMA NTE INEN 2059","m",{"v":70,"d":"70.00000"},{"v":3.98,"d":"$3.98000"},{"v":278.6,"d":"$278.60000"}]
[null,813,"SUMINISTRO E INSTALACION DE CODO DESAGUE CC 220mmX90'","u",{"v":2,"d":"2.00000"},{"v":17.63,"d":"$17.63000"},{"v":35.26,"d":"$35.26000"}]
[null,814,"SUMINISTRO E INSTALACION DE CODO DESAGUE CC 160mmX90'","u",{"v":12,"d":"12.00000"},{"v":17.63,"d":"$17.63000"},{"v":211.56,"d":"$211.56000"}]
[null,815,"SUMINISTRO E INSTALACION DE CODO DESAGUE CC 125mmX45'","u",{"v":1,"d":"1.00000"},{"v":10.79,"d":"$10.79000"},{"v":10.79,"d":"$10.79000"}]
[null,816,"SUMINISTRO E INSTALACION DE BLOWER DE 15 HP","u",{"v":2,"d":"2.00000"},{"v":2464.37,"d":"$2,464.37000"},{"v":4928.74,"d":"$4,928.74000"}]
[null,817,"SUMINISTRO E INSTALACION DE DIFUSOR DE 12\"","u",{"v":224,"d":"224.00000"},{"v":103.08,"d":"$103.08000"},{"v":23089.92,"d":"$23,089.92000"}]
[null,818,"SUMINISTRO E INSTALACION DE VALVULA DE ALIVIO D=150mm PN10 EXTREMOS BRIDADOS","u",{"v":2,"d":"2.00000"},{"v":9111.5,"d":"$9,111.50000"},{"v":18223,"d":"$18,223.00000"}]
[null,819,"ESCALERA DE ACERO INOXIDABLE","m",{"v":5,"d":"5.00000"},{"v":164.4,"d":"$164.40000"},{"v":822,"d":"$822.00000"}]
[null,820,"SUMINISTRO E INSTALACION DE BARANDA METALICA (INCLUYE PINTURA)","m",{"v":30,"d":"30.00000"},{"v":116.74,"d":"$116.74000"},{"v":3502.2,"d":"$3,502.20000"}]
[null,821,"SUMINISTRO E INSTALACION DE TUBERIA ACERO INOXIDABLE AISI 304 D=6 IN","m",{"v":180,"d":"180.00000"},{"v":146.01,"d":"$146.01000"},{"v":26281.8,"d":"$26,281.80000"}]
[null,822,"SUMINISTRO E INSTALACION DE CODO ACERO INOXIDABLE AISI 304 D=6 IN","u",{"v":4,"d":"4.00000"},{"v":254.31,"d":"$254.31000"},{"v":1017.24,"d":"$1,017.24000"}]
[null,823,"SUMINISTRO Y COLOCACION DE ARENA PARA FILTRO (0.5 - 1 mm)","m3",{"v":3.6,"d":"3.60000"},{"v":293.9,"d":"$293.90000"},{"v":1058.04,"d":"$1,058.04000"}]
[null,824,"SUMINISTRO Y COLOCACION DE GRAVA PARA FILTRO (6 - 12 mm)","m3",{"v":1.8,"d":"1.80000"},{"v":379.93,"d":"$379.93000"},{"v":683.874,"d":"$683.87400"}]
[null,825,"SUMINISTRO Y COLOCACION DE GRAVA PARA FILTRO (18 - 25 mm)","m3",{"v":5.4,"d":"5.40000"},{"v":296.03,"d":"$296.03000"},{"v":1598.562,"d":"$1,598.56200"}]
[null,826,"PARED DE BLOQUE 9x19x39cm","m2",{"v":72,"d":"72.00000"},{"v":27.37,"d":"$27.37000"},{"v":1970.64,"d":"$1,970.64000"}]
[null,827,"SUMINISTRO E INSTALACION DE COLLARIN 63mm x 3/4\"","u",{"v":1,"d":"1.00000"},{"v":10.98,"d":"$10.98000"},{"v":10.98,"d":"$10.98000"}]
[null,828,"SUMINISTRO E INSTALACION DE ADAPTADOR PEAD 3/4\"","u",{"v":1,"d":"1.00000"},{"v":6.61,"d":"$6.61000"},{"v":6.61,"d":"$6.61000"}]
[null,829,"SUMINISTRO E INSTALACION DE TUBERIA PEAD D= 20mm","m",{"v":40,"d":"40.00000"},{"v":2.33,"d":"$2.33000"},{"v":93.2,"d":"$93.20000"}]
[null,830,"SUMINISTRO E INSTALACION DE CODO PEAD 20mmX90'","u",{"v":1,"d":"1.00000"},{"v":7.77,"d":"$7.77000"},{"v":7.77,"d":"$7.77000"}]
[null,831,"SUMINISTRO E INSTALACION DE UNION DE COMPRESION 20mm","u",{"v":1,"d":"1.00000"},{"v":6.86,"d":"$6.86000"},{"v":6.86,"d":"$6.86000"}]
[null,832,"SUMINISTRO DE TUBERIA PP UNION ROSCABLE DI=3/4 plg 1.25 MPA","m",{"v":20,"d":"20.00000"},{"v":3.77,"d":"$3.77000"},{"v":75.4,"d":"$75.40000"}]
[null,833,"INSTALACION DE TUBERIA PP UNION ROSCABLE DI=3/4 plg 1.25 MPA","m",{"v":20,"d":"20.00000"},{"v":6.12,"d":"$6.12000"},{"v":122.4,"d":"$122.40000"}]
[null,834,"SUMINISTRO DE TUBERIA PP UNION ROSCABLE DI=1/2 plg 1.25 MPA","m",{"v":1,"d":"1.00000"},{"v":2.38,"d":"$2.38000"},{"v":2.38,"d":"$2.38000"}]
[null,835,"INSTALACION DE TUBERIA PP UNION ROSCABLE DI=1/2 plg 1.25 MPA","m",{"v":1,"d":"1.00000"},{"v":3,"d":"$3.00000"},{"v":3,"d":"$3.00000"}]
[null,836,"SUMINISTRO E INSTALACION DE CODO 45' PP 3/4 IN ROSCABLE","u",{"v":2,"d":"2.00000"},{"v":10.03,"d":"$10.03000"},{"v":20.06,"d":"$20.06000"}]
[null,837,"SUMINISTRO E INSTALACION DE CODO 90' PP 1/2 IN ROSCABLE","u",{"v":1,"d":"1.00000"},{"v":8.14,"d":"$8.14000"},{"v":8.14,"d":"$8.14000"}]
[null,838,"SUMINISTRO E INSTALACION DE TEE 3/4 A 1/2 IN PP ROSCABLE","u",{"v":3,"d":"3.00000"},{"v":10.36,"d":"$10.36000"},{"v":31.08,"d":"$31.08000"}]
[null,839,"SUMINISTRO E INSTALACION DE LLAVE DE JARDIN 1/2\"","u",{"v":1,"d":"1.00000"},{"v":14.54,"d":"$14.54000"},{"v":14.54,"d":"$14.54000"}]
[null,840,"SUMINISTRO E INSTALACION DE TUBERIA DESAGUE EC D= 110mm","m",{"v":7,"d":"7.00000"},{"v":17.07,"d":"$17.07000"},{"v":119.49000000000001,"d":"$119.49000"}]
[null,841,"SUMINISTRO E INSTALACION DE TUBERIA DESAGUE EC D= 50mm","m",{"v":2,"d":"2.00000"},{"v":13.5,"d":"$13.50000"},{"v":27,"d":"$27.00000"}]
[null,842,"SUMINISTRO E INSTALACION DE YEE REDUCTORA DE DESAGUE DE 110 A 50mm","u",{"v":2,"d":"2.00000"},{"v":9.45,"d":"$9.45000"},{"v":18.9,"d":"$18.90000"}]
[null,843,"SUMINISTRO E INSTALACION DE CODO DESAGUE EC 110mmX45'","u",{"v":1,"d":"1.00000"},{"v":9.75,"d":"$9.75000"},{"v":9.75,"d":"$9.75000"}]
[null,844,"SUMINISTRO E INSTALACION DE TUBERIA ACERO ASTM A36  D=100 mm","m",{"v":60,"d":"60.00000"},{"v":90.93,"d":"$90.93000"},{"v":5455.8,"d":"$5,455.80000"}]
[null,845,"SUMINISTRO E INSTALACION DE BOMBA SUMERGIBLE 1.0 HP 110/220V 1F","u",{"v":2,"d":"2.00000"},{"v":1685.12,"d":"$1,685.12000"},{"v":3370.24,"d":"$3,370.24000"}]
[null,846,"SUMINISTRO E INSTALACION DE TAPA DE ACERO (0.90x1.40m) (E=10mm)","u",{"v":16,"d":"16.00000"},{"v":181.9,"d":"$181.90000"},{"v":2910.4,"d":"$2,910.40000"}]
[null,847,"SUMINISTRO E INSTALACION DE TAPA DE ACERO (0.30x0.30m) (E=10mm)","u",{"v":8,"d":"8.00000"},{"v":68.49,"d":"$68.49000"},{"v":547.92,"d":"$547.92000"}]
[null,848,"SUMINISTRO E INSTALACION DE PASAMURO PARA TUBERIA DE H.F. 250mm, L=0.40m","u",{"v":3,"d":"3.00000"},{"v":310.28,"d":"$310.28000"},{"v":930.8399999999999,"d":"$930.84000"}]
[null,849,"SUMINISTRO E INSTALACION DE PASAMURO PARA TUBERIA DE H.F. 200mm, L=0.40m","u",{"v":19,"d":"19.00000"},{"v":251.23,"d":"$251.23000"},{"v":4773.37,"d":"$4,773.37000"}]
[null,850,"SUMINISTRO E INSTALACION DE PASAMURO PARA TUBERIA DE H.F. 150mm, L=0.40m","u",{"v":22,"d":"22.00000"},{"v":192.18,"d":"$192.18000"},{"v":4227.96,"d":"$4,227.96000"}]
[null,851,"SUMINISTRO E INSTALACION DE PASAMURO PARA TUBERIA DE H.F. 100mm, L=0.40m","u",{"v":16,"d":"16.00000"},{"v":133.14,"d":"$133.14000"},{"v":2130.24,"d":"$2,130.24000"}]
[null,852,"SUMINISTRO E INSTALACION DE MAQUINA DE CONTROL DE OLORES","u",{"v":1,"d":"1.00000"},{"v":103176.56,"d":"$103,176.56000"},{"v":103176.56,"d":"$103,176.56000"}]
[null,853,"SUMINISTRO E INSTALACION DE TUBERIA VENTILACION EC D= 200mm","m",{"v":35,"d":"35.00000"},{"v":29.8,"d":"$29.80000"},{"v":1043,"d":"$1,043.00000"}]
[null,854,"SUMINISTRO E INSTALACION DE CODO VENTILACION EC 200mmX90'","u",{"v":11,"d":"11.00000"},{"v":24.45,"d":"$24.45000"},{"v":268.95,"d":"$268.95000"}]
[null,855,"SUMINISTRO E INSTALACION DE TEE VENTILACION EC 200mm","u",{"v":1,"d":"1.00000"},{"v":38.9,"d":"$38.90000"},{"v":38.9,"d":"$38.90000"}]
[null,856,"EXCAVACION A MANO","m3",{"v":0.82,"d":"0.82000"},{"v":12.23,"d":"$12.23000"},{"v":10.028599999999999,"d":"$10.02860"}]
[null,857,"HORMIGON PREMEZCLADO F´C=280 Kg/cm2 INCLUYE ENCOFRADO","m3",{"v":2.56,"d":"2.56000"},{"v":362.88,"d":"$362.88000"},{"v":928.9728,"d":"$928.97280"}]
[null,858,"ACERO DE REFUERZO EN BARRAS FY=4200 Kg/cm2","Kg",{"v":314.85,"d":"314.85000"},{"v":2.32,"d":"$2.32000"},{"v":730.452,"d":"$730.45200"}]
[null,859,"ACERO DE REFUERZO EN BARRAS FY=4200 Kg/cm2","Kg",{"v":1478.88,"d":"1,478.88000"},{"v":2.32,"d":"$2.32000"},{"v":3431.0016,"d":"$3,431.00160"}]
[null,860,"HORMIGON PREMEZCLADO F´C=180 Kg/cm2 INCLUYE ENCOFRADO","m3",{"v":4.32,"d":"4.32000"},{"v":210.34,"d":"$210.34000"},{"v":908.6688,"d":"$908.66880"}]
[null,861,"HORMIGON PREMEZCLADO F´C=210 Kg/cm2 INCLUYE ENCOFRADO","m3",{"v":9.42,"d":"9.42000"},{"v":226.64,"d":"$226.64000"},{"v":2134.9487999999997,"d":"$2,134.94880"}]
[null,862,"EXCAVACION A MANO","m3",{"v":40.08,"d":"40.08000"},{"v":12.23,"d":"$12.23000"},{"v":490.1784,"d":"$490.17840"}]
[null,863,"DESALOJO DEL MATERIAL SOBRANTE (BOTADERO MUNICIPAL)","m3",{"v":40.08,"d":"40.08000"},{"v":3.5,"d":"$3.50000"},{"v":140.28,"d":"$140.28000"}]
[null,864,"RELLENO COMPACTADO CON COMPACTADOR MANUAL DE MATERIAL IMPORTADO (INCLUYE TRANSPORTE)","m3",{"v":18.66,"d":"18.66000"},{"v":20.66,"d":"$20.66000"},{"v":385.5156,"d":"$385.51560"}]
[null,865,"ACERO DE REFUERZO EN BARRAS FY=4200 Kg/cm2","Kg",{"v":947.4,"d":"947.40000"},{"v":2.32,"d":"$2.32000"},{"v":2197.968,"d":"$2,197.96800"}]
[null,866,"HORMIGON PREMEZCLADO F´C=180 Kg/cm2 INCLUYE ENCOFRADO","m3",{"v":2.88,"d":"2.88000"},{"v":210.34,"d":"$210.34000"},{"v":605.7792,"d":"$605.77920"}]
[null,867,"HORMIGON PREMEZCLADO F´C=210 Kg/cm2 INCLUYE ENCOFRADO","m3",{"v":5,"d":"5.00000"},{"v":226.64,"d":"$226.64000"},{"v":1133.1999999999998,"d":"$1,133.20000"}]
[null,868,"EXCAVACION A MANO","m3",{"v":23.84,"d":"23.84000"},{"v":12.23,"d":"$12.23000"},{"v":291.5632,"d":"$291.56320"}]
[null,869,"DESALOJO DEL MATERIAL SOBRANTE (BOTADERO MUNICIPAL)","m3",{"v":23.84,"d":"23.84000"},{"v":3.5,"d":"$3.50000"},{"v":83.44,"d":"$83.44000"}]
[null,870,"RELLENO COMPACTADO CON COMPACTADOR MANUAL DE MATERIAL IMPORTADO (INCLUYE TRANSPORTE)","m3",{"v":12.44,"d":"12.44000"},{"v":20.66,"d":"$20.66000"},{"v":257.0104,"d":"$257.01040"}]
[null,871,"ACERO DE REFUERZO EN BARRAS FY=4200 Kg/cm2","Kg",{"v":1800,"d":"1,800.00000"},{"v":2.32,"d":"$2.32000"},{"v":4176,"d":"$4,176.00000"}]
[null,872,"HORMIGON PREMEZCLADO F´C=180 Kg/cm2 INCLUYE ENCOFRADO","m3",{"v":2.88,"d":"2.88000"},{"v":210.34,"d":"$210.34000"},{"v":605.7792,"d":"$605.77920"}]
[null,873,"HORMIGON PREMEZCLADO F´C=210 Kg/cm2 INCLUYE ENCOFRADO","m3",{"v":13.5,"d":"13.50000"},{"v":226.64,"d":"$226.64000"},{"v":3059.64,"d":"$3,059.64000"}]
[null,874,"EXCAVACION A MANO","m3",{"v":23.84,"d":"23.84000"},{"v":12.23,"d":"$12.23000"},{"v":291.5632,"d":"$291.56320"}]
[null,875,"DESALOJO DEL MATERIAL SOBRANTE (BOTADERO MUNICIPAL)","m3",{"v":23.84,"d":"23.84000"},{"v":3.5,"d":"$3.50000"},{"v":83.44,"d":"$83.44000"}]
[null,876,"RELLENO COMPACTADO CON COMPACTADOR MANUAL DE MATERIAL IMPORTADO (INCLUYE TRANSPORTE)","m3",{"v":12.44,"d":"12.44000"},{"v":20.66,"d":"$20.66000"},{"v":257.0104,"d":"$257.01040"}]
[null,877,"ACERO DE REFUERZO EN BARRAS FY=4200 Kg/cm2","Kg",{"v":500,"d":"500.00000"},{"v":2.32,"d":"$2.32000"},{"v":1160,"d":"$1,160.00000"}]
[null,878,"HORMIGON PREMEZCLADO F´C=180 Kg/cm2 INCLUYE ENCOFRADO","m3",{"v":1.44,"d":"1.44000"},{"v":210.34,"d":"$210.34000"},{"v":302.8896,"d":"$302.88960"}]
[null,879,"HORMIGON PREMEZCLADO F´C=210 Kg/cm2 INCLUYE ENCOFRADO","m3",{"v":7.12,"d":"7.12000"},{"v":226.64,"d":"$226.64000"},{"v":1613.6768,"d":"$1,613.67680"}]
[null,880,"EXCAVACION A MANO","m3",{"v":11.92,"d":"11.92000"},{"v":12.23,"d":"$12.23000"},{"v":145.7816,"d":"$145.78160"}]
[null,881,"DESALOJO DEL MATERIAL SOBRANTE (BOTADERO MUNICIPAL)","m3",{"v":11.92,"d":"11.92000"},{"v":3.5,"d":"$3.50000"},{"v":41.72,"d":"$41.72000"}]
[null,882,"RELLENO COMPACTADO CON COMPACTADOR MANUAL DE MATERIAL IMPORTADO (INCLUYE TRANSPORTE)","m3",{"v":6.22,"d":"6.22000"},{"v":20.66,"d":"$20.66000"},{"v":128.5052,"d":"$128.50520"}]
[null,883,"EXCAVACION MECANICA EN SUELO SIN CLASIFICAR 0,00 < H < 2,00m","m3",{"v":112.68,"d":"112.68000"},{"v":3.84,"d":"$3.84000"},{"v":432.69120000000004,"d":"$432.69120"}]
[null,884,"DESALOJO DEL MATERIAL SOBRANTE (BOTADERO MUNICIPAL)","m3",{"v":112.68,"d":"112.68000"},{"v":3.5,"d":"$3.50000"},{"v":394.38,"d":"$394.38000"}]
[null,885,"RELLENO COMPACTADO CON COMPACTADOR MANUAL DE MATERIAL IMPORTADO (INCLUYE TRANSPORTE)","m3",{"v":18,"d":"18.00000"},{"v":20.66,"d":"$20.66000"},{"v":371.88,"d":"$371.88000"}]
[null,886,"SUMINISTRO E INSTALACION DE CAMARA DE INSPECCION TIPO II DE HORMIGON ARMADO","u",{"v":3,"d":"3.00000"},{"v":2335.47,"d":"$2,335.47000"},{"v":7006.41,"d":"$7,006.41000"}]
[null,887,"SUMINISTRO E INSTALACION DE TAPA DE HD (D600) - INEN NTE 2496","u",{"v":3,"d":"3.00000"},{"v":267.29,"d":"$267.29000"},{"v":801.8700000000001,"d":"$801.87000"}]
[null,888,"HORMIGON ESTRUCTURAL/CEMENTO PORTLAND CL.-A; F'C=350 Kg/cm2 (INCLUYE CURADO)","m3",{"v":572.71,"d":"572.71000"},{"v":238,"d":"$238.00000"},{"v":136304.98,"d":"$136,304.98000"}]
[null,889,"ACERO DE REFUERZO EN BARRAS FY=4200 Kg/cm2","Kg",{"v":104052.51,"d":"104,052.51000"},{"v":2.32,"d":"$2.32000"},{"v":241401.82319999998,"d":"$241,401.82320"}]
[null,890,"ESTRUCTURA 3F CENTRADA RETENCION EST-3CR","u",{"v":1,"d":"1.00000"},{"v":509.36,"d":"$509.36000"},{"v":509.36,"d":"$509.36000"}]
[null,891,"ESTRUCTURA 3F VOLADA TERMINAL EST-3VR","u",{"v":1,"d":"1.00000"},{"v":507.53,"d":"$507.53000"},{"v":507.53,"d":"$507.53000"}]
[null,892,"ESTRUCTURA 3F VOLADA PASANTE EST-3VP","u",{"v":1,"d":"1.00000"},{"v":340.95,"d":"$340.95000"},{"v":340.95,"d":"$340.95000"}]
[null,893,"ESTRUCTURA 3F VOLADA ANGULAR EST-3VA","u",{"v":1,"d":"1.00000"},{"v":515.7,"d":"$515.70000"},{"v":515.7,"d":"$515.70000"}]
[null,894,"ESTRUCTURA 3F VOLADA DOBLE RETENCION EST-3VD","u",{"v":1,"d":"1.00000"},{"v":629.94,"d":"$629.94000"},{"v":629.94,"d":"$629.94000"}]
[null,895,"ESTRUCTURA DE NEUTRO: 1ED","u",{"v":1,"d":"1.00000"},{"v":85.78,"d":"$85.78000"},{"v":85.78,"d":"$85.78000"}]
[null,896,"ESTRUCTURA DE NEUTRO: 1ER","u",{"v":2,"d":"2.00000"},{"v":75.27,"d":"$75.27000"},{"v":150.54,"d":"$150.54000"}]
[null,897,"ESTRUCTURA DE NEUTRO: 1EP","u",{"v":2,"d":"2.00000"},{"v":55.3,"d":"$55.30000"},{"v":110.6,"d":"$110.60000"}]
[null,898,"POSTE HA 12m X 500 KGF","u",{"v":2,"d":"2.00000"},{"v":478.63,"d":"$478.63000"},{"v":957.26,"d":"$957.26000"}]
[null,899,"POSTE HA 12m X 2000 KGF","u",{"v":1,"d":"1.00000"},{"v":1217.07,"d":"$1,217.07000"},{"v":1217.07,"d":"$1,217.07000"}]
[null,900,"PARARRAYO DE 10 KV, CON DESCONECTADOR Y ATERRIZAMIENTO","u",{"v":3,"d":"3.00000"},{"v":208.12,"d":"$208.12000"},{"v":624.36,"d":"$624.36000"}]
[null,901,"SECCIONADOR FUSIBLE 100 A - 27KV CON ROMPE ARCO","u",{"v":6,"d":"6.00000"},{"v":315.1,"d":"$315.10000"},{"v":1890.6000000000001,"d":"$1,890.60000"}]
[null,902,"TENDIDO Y REGULADO CONDUCTOR NO.2 AWG ACAR","km",{"v":0.5,"d":"0.50000"},{"v":1747.4,"d":"$1,747.40000"},{"v":873.7,"d":"$873.70000"}]
[null,903,"TENDIDO Y REGULADO CONDUCTOR NO.2/0 AWG ACAR","km",{"v":0.75,"d":"0.75000"},{"v":1747.4,"d":"$1,747.40000"},{"v":1310.5500000000002,"d":"$1,310.55000"}]
[null,904,"TENSOR A TIERRA SIMPLE TAT-OTS","u",{"v":3,"d":"3.00000"},{"v":122.23,"d":"$122.23000"},{"v":366.69,"d":"$366.69000"}]
[null,905,"REPLANTEO DE REDES EN MEDIA TENSION","u",{"v":1,"d":"1.00000"},{"v":433.78,"d":"$433.78000"},{"v":433.78,"d":"$433.78000"}]
[null,906,"PRUEBAS DE ENERGIZACION DE LINEAS EN MT","u",{"v":1,"d":"1.00000"},{"v":413.38,"d":"$413.38000"},{"v":413.38,"d":"$413.38000"}]
[null,907,"PRUEBAS DE ENERGIZACION DE TRANSFORMADORES","u",{"v":2,"d":"2.00000"},{"v":221.08,"d":"$221.08000"},{"v":442.16,"d":"$442.16000"}]
[null,908,"SISTEMA A TIERRA EN CENTRO DE CARGA","u",{"v":1,"d":"1.00000"},{"v":1309,"d":"$1,309.00000"},{"v":1309,"d":"$1,309.00000"}]
[null,909,"CARGA, ACARREO Y DESCARGA DE POSTES H.A. 9 A12m","u",{"v":3,"d":"3.00000"},{"v":88.56,"d":"$88.56000"},{"v":265.68,"d":"$265.68000"}]
[null,910,"CONSTRUCCION DE BASE PARA TRANSFORMADOR","u",{"v":1,"d":"1.00000"},{"v":454.19,"d":"$454.19000"},{"v":454.19,"d":"$454.19000"}]
[null,911,"DUCTERIA EMT RIGIDA 4\" PARA MEDIA TENSION","u",{"v":1,"d":"1.00000"},{"v":724.62,"d":"$724.62000"},{"v":724.62,"d":"$724.62000"}]
[null,912,"PUNTAS TERMINALES EN MEDIA TENSION","u",{"v":15,"d":"15.00000"},{"v":120.03,"d":"$120.03000"},{"v":1800.45,"d":"$1,800.45000"}]
[null,913,"ACOMETIDA 3F EN MEDIA TENSION A IDS","u",{"v":45,"d":"45.00000"},{"v":89.48,"d":"$89.48000"},{"v":4026.6000000000004,"d":"$4,026.60000"}]
[null,914,"CAJA DE REVISION ELECTRICA 1.60x0.90x0.90m","u",{"v":1,"d":"1.00000"},{"v":688.09,"d":"$688.09000"},{"v":688.09,"d":"$688.09000"}]
[null,915,"CAJA DE REVISION ELECTRICA 0.90x0.90x0.90m","u",{"v":16,"d":"16.00000"},{"v":303.48,"d":"$303.48000"},{"v":4855.68,"d":"$4,855.68000"}]
[null,916,"INTERRUPTOR DISTRIBUCION SUBTERRANEA PADSWICHT 422","u",{"v":1,"d":"1.00000"},{"v":112852.72,"d":"$112,852.72000"},{"v":112852.72,"d":"$112,852.72000"}]
[null,917,"RED SUBTERRANEA 3F EN MEDIA TENSION","u",{"v":338,"d":"338.00000"},{"v":65.09,"d":"$65.09000"},{"v":22000.420000000002,"d":"$22,000.42000"}]
[null,918,"TRANSFORMADOR 3F 150 KVA, TIPO PAD MOUNTED","u",{"v":1,"d":"1.00000"},{"v":12850.29,"d":"$12,850.29000"},{"v":12850.29,"d":"$12,850.29000"}]
[null,919,"TRANSFORMADOR 3F 100 KVA, TIPO PAD MOUNTED","u",{"v":1,"d":"1.00000"},{"v":10621.89,"d":"$10,621.89000"},{"v":10621.89,"d":"$10,621.89000"}]
[null,920,"MEDICION INDIRECTA EN BAJA TENSION 3F TC 600:5","u",{"v":2,"d":"2.00000"},{"v":1899.12,"d":"$1,899.12000"},{"v":3798.24,"d":"$3,798.24000"}]
[null,921,"MEDICION INDIRECTA EN BAJA TENSION 3F TC 400:5","u",{"v":2,"d":"2.00000"},{"v":1359.12,"d":"$1,359.12000"},{"v":2718.24,"d":"$2,718.24000"}]
[null,922,"GENERADOR 3F - 70 KVA/56KW CABINADO - 220 V","u",{"v":1,"d":"1.00000"},{"v":17187.42,"d":"$17,187.42000"},{"v":17187.42,"d":"$17,187.42000"}]
[null,923,"TABLERO TRANSFERENCIA AUTOMATICA 250A (TTA)","u",{"v":1,"d":"1.00000"},{"v":3164.84,"d":"$3,164.84000"},{"v":3164.84,"d":"$3,164.84000"}]
[null,924,"RED SUBTERRANEA 3F EN BAJA TENSION A TDG-01","u",{"v":10,"d":"10.00000"},{"v":254.64,"d":"$254.64000"},{"v":2546.3999999999996,"d":"$2,546.40000"}]
[null,925,"RED SUBTERRANEA 3F EN BAJA TENSION A TDG-02","u",{"v":15,"d":"15.00000"},{"v":218.04,"d":"$218.04000"},{"v":3270.6,"d":"$3,270.60000"}]
[null,926,"TABLERO DISTRIBUCION GENERAL FASE 1A (TDG-01)","u",{"v":1,"d":"1.00000"},{"v":3582.39,"d":"$3,582.39000"},{"v":3582.39,"d":"$3,582.39000"}]
[null,927,"TABLERO DISTRIBUCION GENERAL FASE 1B (TDG-02)","u",{"v":1,"d":"1.00000"},{"v":3516.63,"d":"$3,516.63000"},{"v":3516.63,"d":"$3,516.63000"}]
[null,928,"TABLERO DISTRIBUCION EMERGENCIA (TDE)","u",{"v":1,"d":"1.00000"},{"v":2090.07,"d":"$2,090.07000"},{"v":2090.07,"d":"$2,090.07000"}]
[null,929,"SISTEMA DE ATERRIZAMIENTO (MALLA Y ELECTRODO)","u",{"v":2,"d":"2.00000"},{"v":2011.42,"d":"$2,011.42000"},{"v":4022.84,"d":"$4,022.84000"}]
[null,930,"CAJA DE REVISION ELECTRICA 0.60x0.60x0.60m","u",{"v":42,"d":"42.00000"},{"v":437.73,"d":"$437.73000"},{"v":18384.66,"d":"$18,384.66000"}]
[null,931,"CAJA DE REVISION ELECTRICA 0.40x0.40x0.40m","u",{"v":12,"d":"12.00000"},{"v":283.33,"d":"$283.33000"},{"v":3399.96,"d":"$3,399.96000"}]
[null,932,"CANALIZACION BATERIA 6 X 4\" PVC PESADO","m",{"v":66,"d":"66.00000"},{"v":141.53,"d":"$141.53000"},{"v":9340.98,"d":"$9,340.98000"}]
[null,933,"CANALIZACION BATERIA 4 x 4\" PVC PESADO","m",{"v":350,"d":"350.00000"},{"v":69.92,"d":"$69.92000"},{"v":24472,"d":"$24,472.00000"}]
[null,934,"CANALIZACION BATERIA 2 x 4\" PVC PESADO","m",{"v":70,"d":"70.00000"},{"v":45.8,"d":"$45.80000"},{"v":3206,"d":"$3,206.00000"}]
[null,935,"CANALIZACION BATERIA 2 x 4\" PVC CORRUGADO","m",{"v":24,"d":"24.00000"},{"v":45.8,"d":"$45.80000"},{"v":1099.1999999999998,"d":"$1,099.20000"}]
[null,936,"CANALIZACION  4 x 4\" PVC PESADO + 4x4\" MET. RIGIDO","m",{"v":15,"d":"15.00000"},{"v":291.37,"d":"$291.37000"},{"v":4370.55,"d":"$4,370.55000"}]
[null,937,"CANALIZACION 4 x 4\" PVC PESADO + 3x 4\" MET. RIGIDO","m",{"v":39,"d":"39.00000"},{"v":205.8,"d":"$205.80000"},{"v":8026.200000000001,"d":"$8,026.20000"}]
[null,938,"CANALIZACION 4 x 4\" PVC PESADO + 2x4\" MET. RIGIDO","m",{"v":87,"d":"87.00000"},{"v":161.05,"d":"$161.05000"},{"v":14011.35,"d":"$14,011.35000"}]
[null,939,"CANALIZACION 2 x 4\" PVC PESADO + 2x4\" MET. RIGIDO","m",{"v":25,"d":"25.00000"},{"v":125.92,"d":"$125.92000"},{"v":3148,"d":"$3,148.00000"}]
[null,940,"CANALIZACION 2 x 4\" MET. RIGIDO","m",{"v":28,"d":"28.00000"},{"v":102.16,"d":"$102.16000"},{"v":2860.48,"d":"$2,860.48000"}]
[null,941,"ALIMENTADOR AWG-THHN-CU: 3NO.250 + 1NO.4/0 + TNO.2/0","m",{"v":15,"d":"15.00000"},{"v":114.32,"d":"$114.32000"},{"v":1714.8,"d":"$1,714.80000"}]
[null,942,"ALIMENTADOR AWG-THHN-CU: 3 NO. 4/0 + 1 NO. 2/0 + T NO. 2","m",{"v":20,"d":"20.00000"},{"v":104.42,"d":"$104.42000"},{"v":2088.4,"d":"$2,088.40000"}]
[null,943,"ALIMENTADOR AWG-THHN-CU: 3 NO. 1/0 + 1 NO. 2 + T NO. 4","m",{"v":432,"d":"432.00000"},{"v":55.75,"d":"$55.75000"},{"v":24084,"d":"$24,084.00000"}]
[null,944,"ALIMENTADOR AWG-THHN-CU: 3 NO.2 + 1 NO.4 + T NO.6","m",{"v":210,"d":"210.00000"},{"v":44.35,"d":"$44.35000"},{"v":9313.5,"d":"$9,313.50000"}]
[null,945,"ALIMENTADOR AWG-THHN-CU: 3 NO.4 + 1 NO.6 + T NO.8","m",{"v":233,"d":"233.00000"},{"v":35.61,"d":"$35.61000"},{"v":8297.13,"d":"$8,297.13000"}]
[null,946,"ALIMENTADOR AWG-THHN-CU: 3 NO.6 + 1 NO.8 + T NO.10","m",{"v":11,"d":"11.00000"},{"v":28.75,"d":"$28.75000"},{"v":316.25,"d":"$316.25000"}]
[null,947,"ALIMENTADOR AWG-THHN-CU: 2 NO.6 + 1 NO.8 + T NO.10","m",{"v":35,"d":"35.00000"},{"v":26.06,"d":"$26.06000"},{"v":912.0999999999999,"d":"$912.10000"}]
[null,948,"ALIMENTADOR AWG-THHN-CU: 3 NO.8 + 1 NO.10 + T NO.12","m",{"v":190,"d":"190.00000"},{"v":19.01,"d":"$19.01000"},{"v":3611.9,"d":"$3,611.90000"}]
[null,949,"ALIMENTADOR AWG-THHN-CU: 2 NO.8 + 1 NO.10 + T NO.12","m",{"v":1100,"d":"1,100.00000"},{"v":17.26,"d":"$17.26000"},{"v":18986,"d":"$18,986.00000"}]
[null,950,"TABLERO 3F DISTRIBUCION TM1","u",{"v":1,"d":"1.00000"},{"v":2167.42,"d":"$2,167.42000"},{"v":2167.42,"d":"$2,167.42000"}]
[null,951,"TABLERO 3F DISTRIBUCION TM2","u",{"v":1,"d":"1.00000"},{"v":2136.07,"d":"$2,136.07000"},{"v":2136.07,"d":"$2,136.07000"}]
[null,952,"TABLERO 3F DISTRIBUCION TPC-M1","u",{"v":1,"d":"1.00000"},{"v":1809.7,"d":"$1,809.70000"},{"v":1809.7,"d":"$1,809.70000"}]
[null,953,"TABLERO 3F DISTRIBUCION TPC-M2","u",{"v":1,"d":"1.00000"},{"v":2121.67,"d":"$2,121.67000"},{"v":2121.67,"d":"$2,121.67000"}]
[null,954,"TABLERO 3F DISTRIBUCION TCA - 01","u",{"v":1,"d":"1.00000"},{"v":1715.62,"d":"$1,715.62000"},{"v":1715.62,"d":"$1,715.62000"}]
[null,955,"TABLERO 3F DISTRIBUCION TCB - 01","u",{"v":1,"d":"1.00000"},{"v":1166.5,"d":"$1,166.50000"},{"v":1166.5,"d":"$1,166.50000"}]
[null,956,"TABLERO 3F DISTRIBUCION TDB - 01","u",{"v":1,"d":"1.00000"},{"v":1721.86,"d":"$1,721.86000"},{"v":1721.86,"d":"$1,721.86000"}]
[null,957,"TABLERO 3F DISTRIBUCION TDB - 02","u",{"v":1,"d":"1.00000"},{"v":2185.06,"d":"$2,185.06000"},{"v":2185.06,"d":"$2,185.06000"}]
[null,958,"TABLERO 3F DISTRIBUCION TDB - 03","u",{"v":1,"d":"1.00000"},{"v":4541.19,"d":"$4,541.19000"},{"v":4541.19,"d":"$4,541.19000"}]
[null,959,"TABLERO 3F DISTRIBUCION TDB - 04","u",{"v":1,"d":"1.00000"},{"v":2160.39,"d":"$2,160.39000"},{"v":2160.39,"d":"$2,160.39000"}]
[null,960,"TABLERO 3F DISTRIBUCION TDB - 1B","u",{"v":1,"d":"1.00000"},{"v":2259.27,"d":"$2,259.27000"},{"v":2259.27,"d":"$2,259.27000"}]
[null,961,"PANEL 3F DISTRIBUCION PD-ADM","u",{"v":1,"d":"1.00000"},{"v":534.82,"d":"$534.82000"},{"v":534.82,"d":"$534.82000"}]
[null,962,"PANEL 3F DISTRIBUCION PD-LC (LOCALES COMERCIALES)","u",{"v":12,"d":"12.00000"},{"v":266.12,"d":"$266.12000"},{"v":3193.44,"d":"$3,193.44000"}]
[null,963,"PANEL 3F DISTRIBUCION PD-B (BARES)","u",{"v":15,"d":"15.00000"},{"v":288.82,"d":"$288.82000"},{"v":4332.3,"d":"$4,332.30000"}]
[null,964,"PANEL 3F DISTRIBUCION PD-SG (SERVICIO GENERAL)","u",{"v":2,"d":"2.00000"},{"v":476.12,"d":"$476.12000"},{"v":952.24,"d":"$952.24000"}]
[null,965,"PANEL 3F DISTRIBUCION PSG-M1","u",{"v":1,"d":"1.00000"},{"v":389.72,"d":"$389.72000"},{"v":389.72,"d":"$389.72000"}]
[null,966,"PANEL 3F DISTRIBUCION PSG-M2","u",{"v":1,"d":"1.00000"},{"v":256.52,"d":"$256.52000"},{"v":256.52,"d":"$256.52000"}]
[null,967,"SALIDA DE ILUMINACION 120 V","u",{"v":355,"d":"355.00000"},{"v":63.27,"d":"$63.27000"},{"v":22460.850000000002,"d":"$22,460.85000"}]
[null,968,"SALIDA DE ILUMINACION 220 V","u",{"v":110,"d":"110.00000"},{"v":117.78,"d":"$117.78000"},{"v":12955.8,"d":"$12,955.80000"}]
[null,969,"SALIDA DE TOMACORRIENTE DOBLE POLARIZADO 120 V","u",{"v":320,"d":"320.00000"},{"v":63.08,"d":"$63.08000"},{"v":20185.6,"d":"$20,185.60000"}]
[null,970,"SALIDA DE TOMACORRIENTE ESPECIAL 240 V","u",{"v":70,"d":"70.00000"},{"v":95.48,"d":"$95.48000"},{"v":6683.6,"d":"$6,683.60000"}]
[null,971,"LUMINARIA TIPO APLIQUE DE PARED","u",{"v":15,"d":"15.00000"},{"v":39.44,"d":"$39.44000"},{"v":591.5999999999999,"d":"$591.60000"}]
[null,972,"APLIQUE GUIA DE PISO 220 V - 15 W; IP67-IK10","u",{"v":259,"d":"259.00000"},{"v":40.75,"d":"$40.75000"},{"v":10554.25,"d":"$10,554.25000"}]
[null,973,"APLIQUE DE PISO DECORATIVO AJUSTABLE ASIMETRICO 220 V- 38 W; IP68-IK10","u",{"v":148,"d":"148.00000"},{"v":33.44,"d":"$33.44000"},{"v":4949.12,"d":"$4,949.12000"}]
[null,974,"LUMINARIA LED SELLADA 220 V 55W O SIMILAR","u",{"v":13,"d":"13.00000"},{"v":124.73,"d":"$124.73000"},{"v":1621.49,"d":"$1,621.49000"}]
[null,975,"LUMINARIA LED SELLADA 220 V 20W O SIMILAR","u",{"v":8,"d":"8.00000"},{"v":100.73,"d":"$100.73000"},{"v":805.84,"d":"$805.84000"}]
[null,976,"LUMINARIA TIPO PARQUE EN POSTE 4.00m; 220V - 80W, IP66-IK08","u",{"v":4,"d":"4.00000"},{"v":549.43,"d":"$549.43000"},{"v":2197.72,"d":"$2,197.72000"}]
[null,977,"LUMINARIA EN POSTE 7.00m; 220V -100W; IP66-IK08","u",{"v":22,"d":"22.00000"},{"v":526.73,"d":"$526.73000"},{"v":11588.060000000001,"d":"$11,588.06000"}]
[null,978,"CANALETA SELLADA 30.00cm X 20.00cm X 2.50m","u",{"v":40,"d":"40.00000"},{"v":109.11,"d":"$109.11000"},{"v":4364.4,"d":"$4,364.40000"}]
[null,979,"LUMINARIA VIAL EN POSTE DE 12.00m - 218 W - 220 V","u",{"v":15,"d":"15.00000"},{"v":1552.61,"d":"$1,552.61000"},{"v":23289.149999999998,"d":"$23,289.15000"}]
[null,980,"PANEL LED CUADRADA - 30-60W /100 - 220V","u",{"v":155,"d":"155.00000"},{"v":117.42,"d":"$117.42000"},{"v":18200.1,"d":"$18,200.10000"}]
[null,981,"TIRAS LED RGB 24V - 12V; IP67 - IK10 (1.00m)","u",{"v":142,"d":"142.00000"},{"v":40.75,"d":"$40.75000"},{"v":5786.5,"d":"$5,786.50000"}]
[null,982,"COLUMNA INTELIGENTE","u",{"v":1,"d":"1.00000"},{"v":15077.55,"d":"$15,077.55000"},{"v":15077.55,"d":"$15,077.55000"}]
[null,983,"MINI POSTE DE ILUMINACION 220 V - 25 W; IP67 - IK10","u",{"v":267,"d":"267.00000"},{"v":147.42,"d":"$147.42000"},{"v":39361.14,"d":"$39,361.14000"}]
[null,984,"TIRAS LED LUZ NEUTRA 24V - 12W; IP67 - IK10 (1.00 m)","u",{"v":303,"d":"303.00000"},{"v":28.75,"d":"$28.75000"},{"v":8711.25,"d":"$8,711.25000"}]
[null,985,"REFLECTOR SUMERGIBLE RGB 150 W, IP68 (CHORRO AGUA)","u",{"v":20,"d":"20.00000"},{"v":361.64,"d":"$361.64000"},{"v":7232.799999999999,"d":"$7,232.80000"}]
[null,986,"REFLECTOR LED 150 W - 220 V; COLOR NEUTRO GRADO IP68","u",{"v":33,"d":"33.00000"},{"v":397.64,"d":"$397.64000"},{"v":13122.119999999999,"d":"$13,122.12000"}]
[null,987,"TRANSICION CANALIZACION EN MUELLES (FIJO - MOVIL)","u",{"v":5,"d":"5.00000"},{"v":190.52,"d":"$190.52000"},{"v":952.6,"d":"$952.60000"}]
[null,988,"PROVISION DE TAPA DE GRAFITO ESFEROIDAL DE 80cm DE DIAMETRO CON RESISTENCIA 125KN PARA LAS CAJAS PROYECTADAS. INCLUYE TRANSPORTE Y SISTEMA ELECTRICO","u",{"v":16,"d":"16.00000"},{"v":372,"d":"$372.00000"},{"v":5952,"d":"$5,952.00000"}]
[null,989,"PROVISION DE TAPA DE GRAFITO ESFEROIDAL DE 60cm DE DIAMETRO CON RESISTENCIA 125KN PARA LAS CAJAS PROYECTADAS. INCLUYE TRANSPORTE Y SISTEMA ELECTRICO ","u",{"v":42,"d":"42.00000"},{"v":216,"d":"$216.00000"},{"v":9072,"d":"$9,072.00000"}]
[null,990,"TAPA METALICA DE 40X40cm CON LOGO ELECTRICIDAD PARA CAJAS PROYECTADAS DE 125KN","u",{"v":12,"d":"12.00000"},{"v":189.21,"d":"$189.21000"},{"v":2270.52,"d":"$2,270.52000"}]
[null,991,"ESTRUCTURA 3F VOLADA ANGULAR EST-3VA","u",{"v":1,"d":"1.00000"},{"v":515.7,"d":"$515.70000"},{"v":515.7,"d":"$515.70000"}]
[null,992,"POSTE HA 12m X 500 KGF","u",{"v":1,"d":"1.00000"},{"v":478.63,"d":"$478.63000"},{"v":478.63,"d":"$478.63000"}]
[null,993,"SECCIONADOR FUSIBLE 100 A - 27kW CON ROMPE ARCO","u",{"v":1,"d":"1.00000"},{"v":315.1,"d":"$315.10000"},{"v":315.1,"d":"$315.10000"}]
[null,994,"CAJA DE REVISION ELECTRICA 0.60x0.60x0.60m","u",{"v":36,"d":"36.00000"},{"v":437.73,"d":"$437.73000"},{"v":15758.28,"d":"$15,758.28000"}]
[null,995,"CAJA DE REVISION ELECTRICA 0.40x0.40x0.40m","u",{"v":15,"d":"15.00000"},{"v":283.33,"d":"$283.33000"},{"v":4249.95,"d":"$4,249.95000"}]
[null,996,"ALIMENTADOR AWG-THHN-CU: 2 NO.6 + 1 NO.8 + T NO.10","m",{"v":5,"d":"5.00000"},{"v":26.06,"d":"$26.06000"},{"v":130.29999999999998,"d":"$130.30000"}]
[null,997,"ALIMENTADOR AWG-THHN-CU: 2 NO.8 + 1 NO.10 + T NO.12","m",{"v":1660,"d":"1,660.00000"},{"v":17.26,"d":"$17.26000"},{"v":28651.600000000002,"d":"$28,651.60000"}]
[null,998,"LUMINARIA VIAL EN POSTE DE 12.00m - 218 W - 220 V","u",{"v":20,"d":"20.00000"},{"v":1552.61,"d":"$1,552.61000"},{"v":31052.199999999997,"d":"$31,052.20000"}]
[null,999,"PROVISION DE TAPA DE GRAFITO ESFEROIDAL DE 60cm DE DIAMETRO CON RESISTENCIA 125KN PARA LAS CAJAS PROYECTADAS. INCLUYE TRANSPORTE Y SISTEMA ELECTRICO ","u",{"v":23,"d":"23.00000"},{"v":216,"d":"$216.00000"},{"v":4968,"d":"$4,968.00000"}]
[null,1000,"TAPA METALICA DE 40X40cm CON LOGO ELECTRICIDAD PARA CAJAS PROYECTADAS DE 125KN","u",{"v":3,"d":"3.00000"},{"v":189.21,"d":"$189.21000"},{"v":567.63,"d":"$567.63000"}]
[null,1001,"TRANSFORMADOR 1F 10 KVA TIPO AUTO PROTEGIDO 7.9KV/120-240 V","u",{"v":1,"d":"1.00000"},{"v":1408.28,"d":"$1,408.28000"},{"v":1408.28,"d":"$1,408.28000"}]
[null,1002,"DUCTERIA METALICA RIGIDA 2\" PARA BAJA TENSION","u",{"v":1,"d":"1.00000"},{"v":271.96,"d":"$271.96000"},{"v":271.96,"d":"$271.96000"}]
[null,1003,"CANALIZACION DE BATERIA DE 4 x 50mm PVC PESADO","m",{"v":610,"d":"610.00000"},{"v":51.37,"d":"$51.37000"},{"v":31335.699999999997,"d":"$31,335.70000"}]
[null,1004,"CANALIZACION 4 x 50mm PVC PESADO + 4 x 110mm PVC PESADO","m",{"v":1025,"d":"1,025.00000"},{"v":115.9,"d":"$115.90000"},{"v":118797.5,"d":"$118,797.50000"}]
[null,1005,"TABLERO DE CONTROL DE ALUMBRADO (TCA)","u",{"v":1,"d":"1.00000"},{"v":916.52,"d":"$916.52000"},{"v":916.52,"d":"$916.52000"}]
[null,1006,"DUCTERIA METALICA RIGIDA 2\" PARA FIBRA OPTICA","u",{"v":1,"d":"1.00000"},{"v":714.23,"d":"$714.23000"},{"v":714.23,"d":"$714.23000"}]
[null,1007,"RED DE FIBRA OPTICA ADSS 24 HILOS","m",{"v":2,"d":"2.00000"},{"v":1512.25,"d":"$1,512.25000"},{"v":3024.5,"d":"$3,024.50000"}]
[null,1008,"CAJAS DE TELECOMUNICACIONES 40x40","u",{"v":30,"d":"30.00000"},{"v":311.92,"d":"$311.92000"},{"v":9357.6,"d":"$9,357.60000"}]
[null,1009,"CAJAS DE PASO 25x25x15cm CON PUERTA INOXIDABLE","u",{"v":4,"d":"4.00000"},{"v":56.42,"d":"$56.42000"},{"v":225.68,"d":"$225.68000"}]
[null,1010,"GABINETE RACK DE PISO CERRADO 42UR","u",{"v":1,"d":"1.00000"},{"v":1182.2,"d":"$1,182.20000"},{"v":1182.2,"d":"$1,182.20000"}]
[null,1011,"PEDESTALES/ GABINETES EXTERIORES DE ACERO INOXIDABLE","u",{"v":3,"d":"3.00000"},{"v":751.4,"d":"$751.40000"},{"v":2254.2,"d":"$2,254.20000"}]
[null,1012,"ROUTER CORE GB CON PUERTO SFP","u",{"v":1,"d":"1.00000"},{"v":1010.12,"d":"$1,010.12000"},{"v":1010.12,"d":"$1,010.12000"}]
[null,1013,"SWITCH CORE 24 PUERTOS LAN + 2 PUERTOS F. OP","u",{"v":2,"d":"2.00000"},{"v":547.4,"d":"$547.40000"},{"v":1094.8,"d":"$1,094.80000"}]
[null,1014,"SWITCH POE ADMINISTRABLE 24 PUERTOS","u",{"v":4,"d":"4.00000"},{"v":643.4,"d":"$643.40000"},{"v":2573.6,"d":"$2,573.60000"}]
[null,1015,"NVR 32 CANALES","u",{"v":2,"d":"2.00000"},{"v":696.25,"d":"$696.25000"},{"v":1392.5,"d":"$1,392.50000"}]
[null,1016,"DISCO DURO 6 TB - 3.5","u",{"v":3,"d":"3.00000"},{"v":427.35,"d":"$427.35000"},{"v":1282.0500000000002,"d":"$1,282.05000"}]
[null,1017,"UNIDAD UPS 1,5 KVA - ON LINE","u",{"v":3,"d":"3.00000"},{"v":660.78,"d":"$660.78000"},{"v":1982.34,"d":"$1,982.34000"}]
[null,1018,"UNIDAD UPS 3 KVA- ON LINE","u",{"v":1,"d":"1.00000"},{"v":1269.32,"d":"$1,269.32000"},{"v":1269.32,"d":"$1,269.32000"}]
[null,1019,"ROSETA OPTICA COMPLETAS","u",{"v":37,"d":"37.00000"},{"v":65.6,"d":"$65.60000"},{"v":2427.2,"d":"$2,427.20000"}]
[null,1020,"FIBRA OPTICA DE 2 HILOS - DROP","u",{"v":1,"d":"1.00000"},{"v":271.4,"d":"$271.40000"},{"v":271.4,"d":"$271.40000"}]
[null,1021,"PATCH CORD LC MONOMODO DUPLEX (2.00m DE LARGO)","u",{"v":6,"d":"6.00000"},{"v":20.67,"d":"$20.67000"},{"v":124.02000000000001,"d":"$124.02000"}]
[null,1022,"OLT - 4 PUERTOS GPON","u",{"v":1,"d":"1.00000"},{"v":998.55,"d":"$998.55000"},{"v":998.55,"d":"$998.55000"}]
[null,1023,"PATCH CORD UTP - CATEGORIA 6A (2.00m DE LARGO)","u",{"v":10,"d":"10.00000"},{"v":18.27,"d":"$18.27000"},{"v":182.7,"d":"$182.70000"}]
[null,1024,"CONVERTIDORES DE FIBRA OPTICA SFP MONOMODO 10K","u",{"v":8,"d":"8.00000"},{"v":183.68,"d":"$183.68000"},{"v":1469.44,"d":"$1,469.44000"}]
[null,1025,"CAJA DE DISTRIBUCION IP 68 COMPLETA CON SPLITTER 1:16","u",{"v":3,"d":"3.00000"},{"v":192.13,"d":"$192.13000"},{"v":576.39,"d":"$576.39000"}]
[null,1026,"CABLE UTP CATEGORIA 6A, 100% COBRE - EXTERIOR","u",{"v":3,"d":"3.00000"},{"v":226.66,"d":"$226.66000"},{"v":679.98,"d":"$679.98000"}]
[null,1027,"BANDEJA PORTACABLES TIPO ESCALERA","u",{"v":40,"d":"40.00000"},{"v":79.3,"d":"$79.30000"},{"v":3172,"d":"$3,172.00000"}]
[null,1028,"CAMARA IP DOMO INTERNAS - ALCANCE 40.00m","u",{"v":11,"d":"11.00000"},{"v":207.42,"d":"$207.42000"},{"v":2281.62,"d":"$2,281.62000"}]
[null,1029,"CAMARA IP BALA EXTERNAS - ALCANCE 60.00m","u",{"v":8,"d":"8.00000"},{"v":639.42,"d":"$639.42000"},{"v":5115.36,"d":"$5,115.36000"}]
[null,1030,"CAMARA PTZ  25X ZOOM IP 2MP","u",{"v":3,"d":"3.00000"},{"v":734.55,"d":"$734.55000"},{"v":2203.6499999999996,"d":"$2,203.65000"}]
[null,1031,"EQUIPO ACCES POINT","u",{"v":3,"d":"3.00000"},{"v":1744.4,"d":"$1,744.40000"},{"v":5233.200000000001,"d":"$5,233.20000"}]
[null,1032,"RELOJ BIOMETRICO","u",{"v":1,"d":"1.00000"},{"v":1712.1,"d":"$1,712.10000"},{"v":1712.1,"d":"$1,712.10000"}]
[null,1033,"TELEVISOR SMART TV ANDROID 55\"","u",{"v":16,"d":"16.00000"},{"v":1631.67,"d":"$1,631.67000"},{"v":26106.72,"d":"$26,106.72000"}]
[null,1034,"PUNTO DE CONEXION DE RED","u",{"v":34,"d":"34.00000"},{"v":149,"d":"$149.00000"},{"v":5066,"d":"$5,066.00000"}]
[null,1035,"CERTIFICACION DE RED","u",{"v":34,"d":"34.00000"},{"v":8.91,"d":"$8.91000"},{"v":302.94,"d":"$302.94000"}]
[null,1036,"CAJA DE REVISION ELECTRICA 0.60x0.60x0.60m","u",{"v":8,"d":"8.00000"},{"v":437.73,"d":"$437.73000"},{"v":3501.84,"d":"$3,501.84000"}]
[null,1037,"CANALIZACION DE BATERIA DE 4 x 50mm PVC PESADO","m",{"v":611,"d":"611.00000"},{"v":51.37,"d":"$51.37000"},{"v":31387.07,"d":"$31,387.07000"}]
[null,1038,"AGUA PARA EL CONTROL DEL POLVO","m3",{"v":1000,"d":"1,000.00000"},{"v":6.23,"d":"$6.23000"},{"v":6230,"d":"$6,230.00000"}]
[null,1039,"BATERIAS SANITARIAS PORTATILES (MENSUAL)","u",{"v":16,"d":"16.00000"},{"v":184.14,"d":"$184.14000"},{"v":2946.24,"d":"$2,946.24000"}]
[null,1040,"TANQUE DE 55 GALONES","u",{"v":40,"d":"40.00000"},{"v":23.33,"d":"$23.33000"},{"v":933.1999999999999,"d":"$933.20000"}]
[null,1041,"VOLANTES INFORMATIVOS","u",{"v":600,"d":"600.00000"},{"v":0.11,"d":"$0.11000"},{"v":66,"d":"$66.00000"}]
[null,1042,"EQUIPO DE PROTECCION PERSONAL (JUEGO)","u",{"v":40,"d":"40.00000"},{"v":67.61,"d":"$67.61000"},{"v":2704.4,"d":"$2,704.40000"}]
[null,1043,"CINTA PLASTICA DE SEGURIDAD (COLOR REFLECTIVO)","m",{"v":2500,"d":"2,500.00000"},{"v":0.11,"d":"$0.11000"},{"v":275,"d":"$275.00000"}]
[null,1044,"PARANTE VIAL DE POLIETILENO H=1.41m, D=0.74m, INCLUYE BASE","u",{"v":35,"d":"35.00000"},{"v":49.25,"d":"$49.25000"},{"v":1723.75,"d":"$1,723.75000"}]
[null,1045,"LETRERO METALICO REFLECTIVO PARA SEÑAL DE SEGURIDAD","m2",{"v":24,"d":"24.00000"},{"v":136.02,"d":"$136.02000"},{"v":3264.4800000000005,"d":"$3,264.48000"}]
[null,1046,"TANQUETAS PROTECTOR VIAL DE POLIETILENO","u",{"v":25,"d":"25.00000"},{"v":159.52,"d":"$159.52000"},{"v":3988.0000000000005,"d":"$3,988.00000"}]
[null,1047,"CONOS DE SEGURIDAD H: 70cm CON REFLECTIVO CON BASE DE CAUCHO","u",{"v":15,"d":"15.00000"},{"v":30.26,"d":"$30.26000"},{"v":453.90000000000003,"d":"$453.90000"}]
[null,1048,"EXTINTOR PQS 10 lb","u",{"v":2,"d":"2.00000"},{"v":24,"d":"$24.00000"},{"v":48,"d":"$48.00000"}]
[null,1049,"BOTIQUIN DE PRIMEROS AUXILIOS","u",{"v":2,"d":"2.00000"},{"v":99.92,"d":"$99.92000"},{"v":199.84,"d":"$199.84000"}]
[null,1050,"KIT ANTIDERRAMES","u",{"v":2,"d":"2.00000"},{"v":36.05,"d":"$36.05000"},{"v":72.1,"d":"$72.10000"}]
[null,1051,"MATERIAL CHARLAS INFORMATIVAS","u",{"v":100,"d":"100.00000"},{"v":0.11,"d":"$0.11000"},{"v":11,"d":"$11.00000"}]
[null,1052,"MONITOREO DE MATERIAL PARTICULADO (PM10 Y PM2.5)","u",{"v":16,"d":"16.00000"},{"v":201.46,"d":"$201.46000"},{"v":3223.36,"d":"$3,223.36000"}]
[null,1053,"MONITOREO DE RUIDO","u",{"v":16,"d":"16.00000"},{"v":42.72,"d":"$42.72000"},{"v":683.52,"d":"$683.52000"}]